European Big Five: 100+ matches (2000-) - Statistics

General Stats
  • This quiz has been taken 16 times
  • The average score is 931 of 4604
Answer Stats
Ranking Player Positions Nationality Matches Goals (assists) Periods Clubs % Correct
2643 Adrián Ramos FW 164 49 (18) 2009-2010, 2011-2012, 2013-2016, 2019-2020
100%
2730 Alejandro Alonso MF 160 10 (17) 2005-2013
100%
1130 André Luiz DF 253 20 (5) 2005-2013
100%
1763 André Silva FW 207 71 (19) 2017-2025
100%
2554 Antônio da Silva MF 168 14 (28) 2004-2008, 2010-2012
100%
273 Bernardo Silva MF, FW 367 67 (58) 2014-2025
100%
2095 Boulaye Dia MF, FW 188 58 (16) 2018-2025
100%
3339 Caio Henrique Oliveira Silva DF 136 3 (32) 2020-2025
100%
5 Cristiano Ronaldo MF, FW 626 495 (135) 2003-2023
100%
3847 Curro Torres DF 120 1 (5) 2001-2009
100%
1254 Damien Da Silva DF, MF 243 14 (6) 2014-2023
100%
3281 Darío Silva FW 138 42 (15) 2000-2006
100%
35 David de Gea GK 506 0 (1) 2009-2022, 2024-2025
100%
952 David Luiz DF, MF 269 17 (9) 2010-2021
100%
20 David Silva MF, FW 536 91 (131) 2005-2023
100%
2604 Demba Ba FW 166 68 (8) 2008-2014
100%
1428 Douglas Luiz MF 232 20 (18) 2017-2025
100%
3981 Edu Alonso MF 116 0 (7) 2000-2002, 2005-2006
100%
37 Fernando Torres FW 503 189 (55) 2002-2018
100%
1789 Ferrán Torres MF, FW 206 40 (24) 2017-2025
100%
3500 Florian Müller GK 131 0 (0) 2017-2022, 2024-2025
100%
2456 Gabriel Silva DF, MF 172 3 (10) 2011-2022
100%
2510 Gilberto Silva DF, MF 170 17 (11) 2002-2008
100%
9 Hugo Lloris GK 579 0 (0) 2005-2023
100%
2808 Issiar Dia MF, FW 157 21 (11) 2006-2009, 2015-2017
100%
2000 Iván Alonso FW 194 39 (8) 2000-2002, 2007-2011
100%
4 James Milner DF, MF 638 55 (89) 2002-2025
100%
4202 Lars Müller DF, MF 110 6 (9) 2001-2002, 2004-2006
100%
10 Lionel Messi MF, FW 577 496 (221) 2004-2023
100%
27 Luka Modrić MF 521 43 (78) 2008-2025
100%
26 Manuel Neuer GK 523 0 (0) 2006-2025
100%
684 Marcos Alonso DF, MF 298 34 (23) 2009-2011, 2013-2025
100%
3328 Mauro Silva MF 137 0 (4) 2000-2005
100%
1547 Miguel Torres DF 224 1 (6) 2006-2012, 2014-2018
100%
3296 Mikel Alonso MF 138 3 (4) 2000-2007, 2009-2010
100%
2171 Nicolai Müller MF, FW 185 42 (26) 2011-2019
100%
2050 Óliver Torres MF, FW 191 9 (14) 2012-2013, 2015-2016, 2019-2024
100%
3861 Omar Ramos MF, FW 120 1 (8) 2009-2010, 2012-2013, 2016-2018
100%
2594 Patrick Müller DF 167 3 (7) 2000-2009
100%
2084 Pau Torres DF 189 12 (4) 2017-2018, 2019-2025
100%
30 Petr Čech GK 512 0 (2) 2002-2019
100%
2439 Roberto Torres MF, FW 173 29 (17) 2011-2013, 2016-2017, 2019-2023
100%
2820 Ronaldo FW 157 99 (22) 2001-2008
100%
2799 Rui Silva GK 158 0 (0) 2019-2025
100%
8 Sergio Ramos DF 581 81 (26) 2003-2024
100%
4597 Sven Müller DF, MF 100 6 (9) 2000-2006
100%
154 Thiago Silva DF 410 22 (7) 2009-2024
100%
38 Thomas Müller MF, FW 503 150 (174) 2008-2025
100%
4604 Vragel da Silva DF 100 8 (0) 2001-2002, 2006-2009
100%
48 Xabi Alonso MF 496 32 (52) 2000-2017
100%
2843 Xavi Torres DF, MF 156 6 (5) 2008-2013, 2015-2017
100%
1105 Aarón Martín DF, MF 255 6 (19) 2016-2025
86%
1739 Abdoulaye Touré MF 209 21 (5) 2013-2014, 2015-2021, 2023-2025
86%
3747 Aitor Fernández GK 123 0 (0) 2018-2025
86%
2711 Aleix García MF 161 10 (17) 2016-2018, 2020-2021, 2022-2025
86%
1861 Alex DF 202 17 (4) 2007-2016
86%
3191 Álex Fernández DF, MF, FW 141 10 (5) 2010-2011, 2013-2014, 2020-2024
86%
3714 Alex Fernández MF 124 9 (15) 2000-2005
86%
55 Alexis Sánchez MF, FW 487 154 (87) 2008-2025
86%
4041 Almamy Touré DF, MF 114 7 (16) 2014-2023
86%
2318 Álvaro García MF, FW 178 26 (17) 2013-2014, 2018-2019, 2021-2025
86%
254 Álvaro Morata FW 373 127 (46) 2010-2025
86%
4110 Anderson MF 112 5 (6) 2007-2015
86%
85 Andrea Barzagli DF 452 9 (4) 2003-2019
86%
138 Andrea Pirlo MF 418 48 (82) 2000-2015
86%
1992 Andrés Fernández GK 194 0 (1) 2007-2008, 2011-2013, 2015-2021
86%
97 Andrés Iniesta MF 442 35 (65) 2002-2018
86%
2033 Andy Cole FW 191 64 (30) 2000-2008
86%
249 Ángel Di María MF, FW 374 85 (136) 2010-2023
86%
23 Antoine Griezmann MF, FW 530 198 (84) 2010-2025
86%
3750 Antonio Sánchez DF, MF, FW 123 4 (1) 2021-2025
86%
519 Arjen Robben MF, FW 318 125 (75) 2004-2019
86%
191 Ashley Cole DF 395 15 (31) 2000-2015
86%
1284 Ashley Williams DF 241 6 (5) 2011-2018
86%
24 Ashley Young DF, FW 529 55 (82) 2006-2025
86%
2760 Augusto Fernández MF 159 11 (10) 2009-2010, 2012-2017, 2020-2021
86%
3492 Billy Jones DF 131 3 (4) 2011-2017
86%
4518 Birama Touré MF 101 2 (2) 2013-2015, 2022-2023, 2024-2025
86%
1573 Borja Fernández MF 221 3 (3) 2003-2005, 2007-2010, 2012-2014, 2018-2019
86%
3494 Borja García MF, FW 131 6 (11) 2011-2012, 2014-2015, 2017-2018, 2020-2021, 2022-2023
86%
537 Bruno Fernandes MF, FW 314 77 (64) 2013-2016, 2019-2025
86%
3371 Carlos Martínez DF 135 1 (12) 2010-2018
86%
491 Carlos Sánchez DF, MF 323 13 (7) 2007-2020
86%
746 Carlton Cole FW 289 52 (23) 2001-2010, 2012-2015
86%
22 César Azpilicueta DF, MF 534 12 (40) 2006-2025
86%
4367 César Navas DF 105 6 (0) 2004-2009
86%
1976 César Sánchez GK 195 0 (0) 2000-2001, 2003-2012
86%
3871 Curtis Jones DF, MF 119 10 (8) 2019-2025
86%
482 Damián Suárez DF, MF 324 6 (22) 2011-2012, 2013-2015, 2017-2024
86%
77 Daniele De Rossi DF, MF 459 43 (44) 2002-2019
86%
4333 Daniel James MF, FW 106 12 (12) 2019-2023
86%
25 Daniel Parejo MF 526 77 (79) 2008-2025
86%
631 Dani García MF 303 3 (9) 2014-2024
86%
868 Darren Bent FW 276 106 (15) 2001-2002, 2005-2015
86%
258 David Alaba DF, MF 372 28 (34) 2009-2025
86%
1616 David García DF 218 1 (5) 2000-2011
86%
2131 David García DF, MF 186 8 (1) 2016-2017, 2019-2024
86%
458 David James GK 329 0 (0) 2000-2010
86%
4117 David Jones MF 112 3 (3) 2007-2008, 2009-2012, 2014-2015, 2016-2017
86%
3152 Davinson Sánchez DF 143 3 (1) 2017-2024
86%
3755 Dean Henderson GK 123 0 (0) 2019-2020, 2022-2025
86%
1095 Denis Suárez MF, FW 256 15 (34) 2014-2025
86%
130 Dimitar Berbatov FW 421 176 (67) 2000-2015
86%
18 Dimitri Payet MF, FW 540 114 (133) 2005-2023
86%
2099 Edimilson Fernandes DF, MF, FW 188 3 (9) 2016-2025
86%
33 Edin Džeko FW 509 223 (71) 2007-2023
86%
4260 El Bilal Touré MF, FW 108 20 (8) 2019-2025
86%
1881 Emiliano Martínez GK 201 0 (0) 2014-2015, 2016-2017, 2019-2025
86%
3130 Emiliano Sala FW 144 48 (15) 2014-2019
86%
441 Emre Can DF, MF 332 33 (19) 2012-2025
86%
3524 Eric García DF, MF 130 8 (3) 2019-2025
86%
2653 Erling Haaland FW 164 147 (32) 2019-2025
86%
1072 Federico Fernández DF 258 5 (9) 2011-2023
86%
540 Felipe Anderson MF, FW 314 55 (49) 2013-2024
86%
91 Francesco Totti MF, FW 446 207 (115) 2000-2017
86%
3584 Fran Garcia DF 128 4 (10) 2021-2025
86%
4121 Gabri García DF, MF 112 6 (2) 2000-2006
86%
7 Gareth Barry MF 589 50 (61) 2000-2018
86%
4265 Gavi MF, FW 108 6 (11) 2021-2025
86%
641 Gelson Fernandes MF 302 9 (5) 2007-2011, 2013-2020
86%
19 Gianluigi Buffon GK 540 0 (0) 2000-2005, 2007-2021
86%
3697 Gilberto Martínez DF 125 1 (2) 2002-2004, 2010-2011
86%
114 Giorgio Chiellini DF 430 26 (18) 2004-2005, 2007-2022
86%
180 Granit Xhaka DF, MF 399 28 (34) 2012-2025
86%
218 Harry Kane FW 383 275 (61) 2012-2025
86%
60 Iker Casillas GK 483 0 (0) 2000-2015
86%
237 Iñaki Williams MF, FW 377 82 (46) 2014-2025
86%
168 Iñigo Martínez DF 405 23 (8) 2011-2025
86%
21 Ivan Rakitić MF 535 73 (85) 2007-2024
86%
2388 Jacopo Sala DF, MF, FW 175 5 (6) 2011-2023
86%
264 Jan Oblak GK 369 0 (0) 2014-2025
86%
2998 Javi García DF, MF 149 5 (1) 2004-2005, 2007-2008, 2012-2013, 2017-2020
86%
279 Javi Martínez DF, MF 365 31 (13) 2006-2021
86%
2302 Jermaine Jones MF 179 9 (12) 2000-2001, 2003-2008, 2010-2014
86%
3 Jesús Navas DF, FW 640 30 (105) 2003-2025
86%
1 Joaquín MF, FW 672 81 (101) 2001-2023
86%
230 Joe Cole MF 380 49 (38) 2000-2015
86%
713 Jonas Martin DF, MF 293 17 (13) 2010-2011, 2012-2025
86%
2327 Jonathan David FW 178 87 (15) 2020-2025
86%
110 Jordan Henderson MF 431 33 (54) 2008-2023
86%
204 Jordi Alba DF, MF 387 22 (67) 2009-2023
86%
4089 Jorge Martínez MF, FW 113 22 (4) 2007-2012
86%
425 José Luis Martí MF 335 8 (15) 2001-2002, 2003-2013
86%
3323 José Sá GK 137 0 (2) 2021-2025
86%
698 Joshua Kimmich DF, MF 295 29 (71) 2015-2025
86%
1403 Joshua King MF, FW 234 59 (20) 2011-2012, 2015-2021, 2024-2025
86%
586 Kaká MF, FW 308 100 (71) 2003-2014
86%
15 Karim Benzema FW 551 281 (119) 2004-2023
86%
1985 Kenwyne Jones FW 195 40 (14) 2004-2005, 2007-2014
86%
1257 Keylor Navas GK 243 0 (0) 2011-2024
86%
2810 Kiko Casilla GK 157 0 (0) 2007-2008, 2011-2017, 2020-2022
86%
59 Koke MF 485 38 (83) 2009-2025
86%
329 Kolo Touré DF 353 12 (10) 2002-2016
86%
1530 Lamine Sané DF, MF 225 9 (4) 2009-2018
86%
2460 Laurent Courtois MF 172 9 (8) 2000-2001, 2004-2005, 2006-2010
86%
1963 Laurent Robert MF, FW 196 37 (39) 2000-2008
86%
1381 Lautaro Martínez MF, FW 236 115 (26) 2018-2025
86%
1014 Ledley King DF, MF 264 10 (8) 2000-2012
86%
99 Leonardo Bonucci DF 438 33 (7) 2005-2006, 2009-2024
86%
3771 Leroy Fer MF 123 16 (8) 2013-2018
86%
742 Leroy Sané MF, FW 290 76 (72) 2013-2025
86%
4436 Liam Henderson MF 104 2 (8) 2019-2020, 2021-2025
86%
1987 Luigi Sala DF 195 14 (3) 2000-2009
86%
2790 Luis Fernández DF 158 1 (1) 2001-2009
86%
461 Luis García MF, FW 329 73 (43) 2003-2012
86%
1583 Luis García MF 221 40 (25) 2001-2010
86%
4311 Luis Javier Suárez MF, FW 107 26 (10) 2020-2024
86%
271 Luis Suárez FW 368 247 (96) 2010-2022
86%
380 Luke Young DF 343 9 (8) 2000-2012
86%
3136 Manu García MF 144 7 (2) 2016-2021
86%
3116 Manu Sánchez DF, MF 145 2 (15) 2019-2025
86%
181 Marc-André ter Stegen GK 399 0 (2) 2010-2013, 2015-2025
86%
1921 Marcus Bent FW 199 35 (13) 2001-2002, 2003-2007, 2010-2011
86%
525 Mario Götze MF, FW 317 66 (55) 2009-2019, 2022-2025
86%
1065 Mario Suárez MF 259 15 (6) 2005-2006, 2008-2016, 2018-2019, 2021-2023
86%
405 Marten de Roon DF, MF 339 23 (24) 2015-2025
86%
2048 Martin Ødegaard MF, FW 191 38 (37) 2014-2015, 2019-2025
86%
1489 Marvin Martin MF 228 8 (44) 2008-2016, 2018-2019
86%
315 Mateo Kovačić MF 356 17 (30) 2012-2025
86%
2306 Matías Fernández MF 179 15 (25) 2006-2008, 2012-2017
86%
803 Mauro Icardi FW 283 144 (32) 2012-2022
86%
197 Mesut Özil MF, FW 390 65 (130) 2006-2020
86%
224 Mohamed Salah MF, FW 382 221 (107) 2013-2025
86%
2883 Mohamed Zidan FW 154 47 (14) 2004-2012
86%
1856 Moise Kean FW 203 54 (7) 2016-2025
86%
4399 Neco Williams DF 105 2 (5) 2019-2025
86%
381 Nemanja Matić MF 343 8 (26) 2009-2010, 2013-2025
86%
1391 Neymar MF, FW 235 150 (83) 2013-2023
86%
1419 Nicolas Pépé MF, FW 233 63 (31) 2016-2022, 2024-2025
86%
3483 Nico Williams MF, FW 132 16 (20) 2020-2025
86%
3414 Niko Kovač MF 134 15 (5) 2000-2006
86%
2905 Pablo García DF, MF 153 6 (15) 2000-2008
86%
3671 Pablo Martinez DF 126 5 (5) 2015-2021
86%
4170 Paul Jones GK 111 0 (0) 2000-2004
86%
350 Paulo Dybala MF, FW 348 129 (65) 2012-2013, 2014-2025
86%
406 Paul Scholes MF 339 66 (35) 2000-2013
86%
3359 Pedri MF, FW 136 20 (12) 2020-2025
86%
1478 Pepe DF, MF 229 13 (8) 2007-2017
86%
2 Pepe Reina GK 665 0 (5) 2000-2025
86%
212 Philipp Lahm DF, MF 385 14 (40) 2003-2017
86%
1837 Phil Jones DF, MF 204 2 (6) 2009-2019, 2021-2022
86%
78 Pierre-Emerick Aubameyang MF, FW 459 236 (63) 2009-2024
86%
6 Raúl García MF, FW 609 111 (48) 2004-2024
86%
4248 Raúl Navas DF 109 3 (2) 2009-2010, 2014-2015, 2016-2021
86%
3646 Reece James DF, MF 127 8 (17) 2019-2025
86%
796 Riyad Mahrez MF, FW 284 82 (62) 2014-2023
86%
4214 Rober DF, MF 110 2 (1) 2015-2016, 2017-2022
86%
2549 Robert Kovač DF 169 1 (4) 2000-2005, 2007-2009
86%
56 Robert Lewandowski FW 487 381 (73) 2010-2025
86%
189 Roberto Firmino MF, FW 396 120 (74) 2010-2023
86%
3392 Robert Sánchez GK 135 0 (0) 2020-2025
86%
831 Robin van Persie FW 280 144 (53) 2004-2015
86%
919 Rodri MF 272 26 (26) 2015-2025
86%
1493 Roger Martí FW 228 50 (14) 2011-2012, 2015-2016, 2017-2024
86%
96 Romelu Lukaku FW 443 205 (67) 2011-2025
86%
571 Rubén García MF, FW 311 30 (27) 2012-2015, 2019-2025
86%
3708 Russell Martin DF 125 8 (1) 2011-2013, 2015-2016
86%
811 Ruud van Nistelrooy FW 282 157 (28) 2001-2012
86%
1479 Salif Sané DF, MF 229 19 (3) 2010-2015, 2017-2021
86%
12 Samir Handanović GK 566 0 (0) 2004-2005, 2007-2023
86%
4441 Samu García MF, FW 104 11 (6) 2013-2018
86%
2987 Santiago García DF 150 6 (8) 2010-2017
86%
1150 Serge Gnabry DF, MF, FW 252 92 (39) 2012-2013, 2015-2025
86%
83 Sergio Agüero FW 454 260 (72) 2006-2022
86%
298 Sergio García MF, FW 360 75 (62) 2003-2008, 2010-2014, 2017-2019
86%
2569 Sergio Sánchez DF 168 3 (4) 2004-2014, 2017-2018
86%
1140 Simone Pepe MF, FW 253 32 (21) 2005-2017
86%
4000 Sonny Anderson FW 116 61 (11) 2000-2005
86%
797 Stefan Bell DF 284 13 (10) 2012-2018, 2020-2025
86%
1304 Stephen Carr DF 241 5 (8) 2000-2001, 2002-2007, 2009-2011
86%
13 Steve Mandanda GK 564 0 (1) 2007-2025
86%
102 Thibaut Courtois GK 437 0 (0) 2011-2025
86%
182 Tim Howard GK 399 1 (3) 2003-2016
86%
3744 Tobias Willi MF 124 1 (8) 2000-2001, 2003-2005, 2007-2008
86%
64 Toni Kroos MF 479 45 (103) 2007-2024
86%
651 Víctor Sánchez DF, MF 302 13 (24) 2007-2020
86%
2442 Víctor Sánchez MF 173 25 (41) 2000-2006
86%
51 Wayne Rooney MF, FW 491 208 (102) 2002-2018
86%
73 Xavi MF 464 57 (105) 2000-2015
86%
451 Yaya Touré MF 331 68 (42) 2006-2018
86%
407 Aaron Ramsey MF 338 46 (51) 2008-2023
71%
4006 Abdul Kader Keïta MF, FW 115 20 (11) 2005-2009
71%
3456 Abel Hernández FW 132 25 (8) 2008-2012, 2014-2015, 2016-2017
71%
993 Adam Johnson MF 265 32 (30) 2005-2016
71%
1395 Adam Smith DF, MF 234 5 (13) 2011-2012, 2015-2019, 2022-2025
71%
528 Adrián López MF, FW 316 45 (24) 2006-2013, 2015-2017, 2019-2021
71%
343 Adrien Rabiot MF 349 41 (29) 2012-2025
71%
1355 Alan Smith MF, FW 237 34 (25) 2000-2008, 2010-2012
71%
1626 Alberto Marcos Rey DF 217 1 (10) 2000-2003, 2007-2010
71%
1762 Aleix Vidal DF, MF, FW 207 17 (21) 2013-2023
71%
80 Alexandre Lacazette FW 455 215 (55) 2009-2025
71%
2245 Andrea Costa DF, MF 181 6 (2) 2007-2008, 2012-2018
71%
735 Andreas Beck DF, MF 290 5 (18) 2005-2014, 2017-2019
71%
2117 Andrew Johnson FW 187 51 (17) 2004-2005, 2006-2013
71%
585 Andrew Robertson DF, MF 308 11 (60) 2014-2015, 2016-2025
71%
661 Ángel López DF, MF 300 8 (14) 2000-2003, 2005-2012, 2015-2016
71%
1328 Ángel Rodríguez MF, FW 239 45 (12) 2009-2010, 2012-2014, 2017-2023
71%
185 Anthony Lopes GK 396 0 (0) 2012-2025
71%
1612 Anton Ferdinand DF 218 4 (6) 2005-2013
71%
900 Antonio López DF, MF 273 13 (23) 2002-2013
71%
3717 Aridane Hernández DF 124 3 (1) 2019-2025
71%
100 Arturo Vidal MF 437 77 (56) 2007-2022
71%
296 Bastian Schweinsteiger DF, MF 360 46 (58) 2002-2016
71%
2473 Benjamin Mendy DF 171 6 (24) 2013-2021, 2023-2024
71%
737 Bernard Mendy DF, FW 290 4 (13) 2000-2009, 2012-2013
71%
88 Bernd Leno GK 446 0 (1) 2011-2025
71%
44 Blaise Matuidi MF 498 36 (25) 2005-2020
71%
4519 Bradley Johnson DF, MF 101 6 (8) 2011-2013, 2015-2016
71%
1863 Breel Embolo MF, FW 202 51 (17) 2016-2025
71%
4328 Brennan Johnson MF, FW 106 24 (16) 2022-2025
71%
1974 Bukayo Saka DF, MF, FW 195 53 (45) 2018-2025
71%
671 Casemiro MF 299 30 (21) 2012-2013, 2015-2025
71%
1312 Cédric Kanté DF 240 6 (2) 2000-2001, 2003-2008, 2012-2014
71%
42 Cesc Fàbregas MF, FW 500 81 (150) 2004-2022
71%
1766 Charlie Adam MF 207 34 (25) 2010-2018
71%
2734 Che Adams FW 160 34 (16) 2019-2022, 2024-2025
71%
209 Ciro Immobile FW 385 206 (47) 2008-2009, 2012-2024
71%
4330 Claudio López FW 106 29 (26) 2000-2004
71%
57 Claudio Pizarro FW 486 189 (58) 2000-2020
71%
4561 Cristian Rodríguez MF 100 3 (2) 2005-2006, 2012-2015
71%
2805 Damien Johnson MF 157 3 (7) 2001-2005, 2007-2008, 2009-2010
71%
520 Dani Carvajal DF 318 11 (39) 2012-2025
71%
2250 Dani Rodríguez MF, FW 181 17 (22) 2019-2020, 2021-2025
71%
1916 Danny da Costa DF, FW 199 4 (19) 2011-2012, 2015-2025
71%
285 Danny Welbeck MF, FW 363 77 (32) 2008-2025
71%
65 Dante DF 474 19 (10) 2003-2005, 2008-2025
71%
4487 Darío Rodríguez DF 102 6 (1) 2002-2008
71%
1225 David Beckham MF 245 41 (69) 2000-2006, 2008-2009, 2012-2013
71%
4303 David Costa MF, FW 107 9 (11) 2020-2025
71%
559 David López DF, MF 312 19 (10) 2010-2011, 2013-2019, 2021-2025
71%
1960 David López MF 196 23 (27) 2004-2012
71%
250 David Pizarro MF 374 28 (55) 2000-2015
71%
331 David Villa MF, FW 352 185 (46) 2003-2014
71%
4372 Dean Richards DF 105 5 (2) 2000-2004
71%
858 Declan Rice MF 277 21 (24) 2016-2025
71%
1978 Dele Alli MF, FW 195 51 (34) 2015-2022, 2024-2025
71%
429 Didier Drogba FW 334 143 (66) 2001-2011, 2014-2015
71%
1330 Diego Carlos DF 239 10 (1) 2016-2025
71%
524 Diego Costa FW 317 125 (45) 2009-2020, 2022-2023
71%
113 Diego Godín DF 430 23 (14) 2007-2022
71%
120 Diego López GK 426 0 (0) 2005-2006, 2007-2019, 2021-2023
71%
430 Djibril Cissé FW 334 129 (26) 2000-2008, 2011-2015
71%
3399 Douglas Costa MF, FW 134 15 (30) 2015-2021
71%
704 Dries Mertens MF, FW 294 113 (60) 2013-2022
71%
3470 Dwight Yorke MF, FW 132 25 (9) 2000-2004, 2007-2009
71%
90 Eden Hazard MF, FW 446 125 (92) 2007-2023
71%
2966 Édgar Álvarez DF, MF 150 7 (8) 2004-2007, 2009-2012
71%
2806 Edgar Davids MF 157 6 (7) 2000-2007
71%
63 Edinson Cavani MF, FW 479 267 (46) 2006-2023
71%
783 Édouard Cissé MF 285 12 (6) 2000-2006, 2009-2012
71%
3283 Edouard Mendy GK 138 0 (0) 2018-2023
71%
2321 Eduardo Costa MF 178 5 (6) 2001-2006, 2009-2010
71%
354 Edwin van der Sar GK 347 0 (1) 2000-2011
71%
575 Eric Dier DF, MF 310 14 (11) 2014-2025
71%
1751 Fabian Johnson DF, MF 208 18 (22) 2009-2020
71%
14 Fabio Quagliarella FW 555 182 (49) 2001-2002, 2005-2023
71%
2155 Ferland Mendy DF 185 6 (12) 2017-2025
71%
936 Fernandinho DF, MF 270 20 (19) 2013-2022
71%
276 Filipe Luís DF 366 15 (25) 2006-2019
71%
2969 Fraizer Campbell FW 150 18 (7) 2007-2017
71%
118 Franck Ribéry MF, FW 427 103 (125) 2004-2023
71%
3250 Fred MF 139 8 (7) 2018-2023
71%
2719 Gabriel Martinelli MF, FW 161 40 (20) 2019-2025
71%
384 Gareth Bale MF, FW 342 134 (62) 2007-2022
71%
192 Gary Cahill DF 394 28 (12) 2005-2021
71%
1472 Gary Neville DF 229 3 (18) 2000-2006, 2008-2011
71%
4153 Gelson Martins DF, MF, FW 111 15 (8) 2018-2023
71%
618 George Boateng MF 304 10 (12) 2000-2010
71%
3760 Gerard López MF 123 6 (2) 2000-2008
71%
109 Gerard Piqué DF 431 31 (6) 2005-2023
71%
516 Gianluigi Donnarumma GK 319 0 (0) 2015-2025
71%
1194 Giuseppe Rossi FW 248 91 (30) 2005-2013, 2015-2018
71%
302 Glen Johnson DF 358 15 (28) 2002-2018
71%
116 Gonzalo Higuaín MF, FW 428 237 (61) 2006-2020
71%
385 Gonzalo Rodríguez DF 342 28 (3) 2004-2017
71%
2698 Guido Rodríguez MF 162 6 (3) 2019-2025
71%
2428 Gustavo López MF, FW 173 15 (25) 2000-2003, 2005-2007
71%
255 Hakan Çalhanoğlu MF, FW 373 78 (77) 2013-2025
71%
775 Hans-Jörg Butt GK 286 9 (0) 2000-2006, 2008-2012
71%
4527 Hélder Costa MF, FW 101 7 (8) 2014-2015, 2018-2019, 2020-2022
71%
1512 Ibai Gómez MF, FW 226 28 (27) 2010-2021
71%
1711 Ibrahima Sissoko DF, MF 211 7 (12) 2018-2025
71%
223 Isco MF, FW 382 68 (63) 2010-2025
71%
226 Ivan Perišić DF, MF, FW 381 81 (57) 2011-2024
71%
2064 Jack Grealish MF, FW 190 27 (29) 2013-2015, 2019-2025
71%
3344 Jacob Ramsey MF, FW 136 14 (12) 2020-2025
71%
1793 Jaime Mata MF, FW 206 37 (11) 2018-2025
71%
2516 Jaime Valdés MF, FW 170 16 (13) 2000-2001, 2004-2005, 2008-2009, 2011-2014
71%
2042 James Rodríguez MF, FW 191 58 (59) 2013-2020, 2024-2025
71%
144 Jamie Carragher DF, MF 416 1 (12) 2000-2013
71%
386 Jamie Vardy FW 342 145 (47) 2014-2022, 2024-2025
71%
1430 Jan Vertonghen DF 232 6 (4) 2012-2020
71%
1580 Jason Roberts FW 221 36 (21) 2002-2003, 2005-2013
71%
786 Jaume Costa DF 285 5 (13) 2011-2012, 2013-2024
71%
4428 Javier de Pedro MF 104 15 (35) 2000-2005
71%
1245 Javier Hernández FW 244 89 (18) 2010-2020
71%
3178 Javier Torres Gómez DF 142 0 (4) 2000-2004
71%
1146 Javi López DF, MF 252 2 (8) 2009-2020
71%
1073 Jay Rodriguez MF, FW 258 46 (17) 2012-2013, 2015-2017, 2019-2021, 2023-2024
71%
265 Jérôme Boateng DF 369 5 (19) 2006-2024
71%
3562 Jerzy Dudek GK 129 0 (0) 2001-2007, 2010-2011
71%
1619 João Pedro MF, FW 218 71 (20) 2010-2011, 2014-2015, 2016-2022
71%
3000 Joe Gomez DF 149 0 (5) 2015-2016, 2017-2025
71%
3959 Joel Campbell MF, FW 117 11 (10) 2011-2012, 2014-2015, 2017-2019
71%
371 Joël Matip DF, MF 344 26 (13) 2009-2024
71%
58 John Terry DF 486 41 (12) 2000-2017
71%
591 Jonathan Tah DF 307 15 (8) 2013-2014, 2015-2025
71%
3440 Jordi Gómez MF 133 14 (3) 2007-2008, 2009-2012, 2014-2016
71%
924 Jorge López MF 271 36 (24) 2000-2011
71%
159 Juan Cuadrado DF, MF, FW 408 43 (60) 2009-2025
71%
162 Juan Mata MF, FW 407 85 (81) 2007-2022
71%
484 Juan Rodríguez MF 324 20 (9) 2003-2016
71%
4434 Julián Álvarez MF, FW 104 37 (12) 2022-2025
71%
2852 Julien Rodriguez DF 155 5 (3) 2000-2004, 2006-2009
71%
4435 Julio Dely Valdés FW 104 37 (7) 2000-2003
71%
955 Kai Havertz MF, FW 269 77 (38) 2016-2025
71%
3629 Karl Henry DF, MF 127 0 (2) 2009-2011, 2014-2015
71%
512 Kasper Schmeichel GK 320 0 (0) 2007-2008, 2014-2023
71%
2831 Kevin Campbell FW 156 30 (9) 2000-2006
71%
256 Kevin De Bruyne MF, FW 373 95 (153) 2012-2025
71%
1505 Kevin Phillips FW 227 63 (20) 2000-2005, 2009-2010, 2013-2014
71%
388 Kevin-Prince Boateng MF, FW 342 45 (28) 2005-2019, 2021-2023
71%
2363 Khéphren Thuram MF 176 13 (12) 2019-2025
71%
2283 Kieran Gibbs DF, MF 180 2 (9) 2008-2017, 2020-2021
71%
915 Kieran Trippier DF, MF 272 6 (48) 2014-2025
71%
1233 Kingsley Coman MF, FW 245 46 (43) 2012-2025
71%
824 Kylian Mbappé MF, FW 280 222 (67) 2015-2025
71%
3201 Leandro Barreiro Martins MF 141 11 (10) 2018-2024
71%
694 Leon Goretzka MF 296 49 (36) 2013-2025
71%
3880 Les Ferdinand FW 119 36 (7) 2000-2005
71%
1656 Lilian Thuram DF 215 1 (10) 2000-2008
71%
3881 Lisandro López MF, FW 119 59 (13) 2009-2013
71%
2191 Lucas Hernández DF 184 2 (6) 2014-2025
71%
656 Luis Alberto MF, FW 301 55 (70) 2010-2011, 2013-2024
71%
2663 Luis Diego López DF 164 3 (0) 2004-2010
71%
2855 Luis Hernández DF 155 2 (2) 2015-2017, 2021-2024
71%
495 Lukáš Hrádecký GK 323 0 (0) 2015-2025
71%
243 Łukasz Fabiański GK 376 0 (1) 2007-2010, 2012-2025
71%
2216 Mané DF, MF 183 6 (9) 2007-2015
71%
195 Marco Reus MF, FW 391 156 (95) 2009-2024
71%
1584 Marco Rossi MF 221 14 (5) 2000-2002, 2007-2013
71%
4584 Marco Rossi DF 100 3 (0) 2005-2007, 2009-2012
71%
691 Marcus Rashford MF, FW 297 89 (42) 2015-2025
71%
1298 Marcus Thuram MF, FW 241 73 (30) 2017-2025
71%
157 Marek Hamšík MF 409 100 (78) 2004-2005, 2007-2019
71%
715 Mario Balotelli FW 293 114 (19) 2007-2019, 2024-2025
71%
307 Mario Gómez FW 357 177 (31) 2003-2014, 2016-2019
71%
1049 Marouane Fellaini MF 260 37 (16) 2008-2019
71%
4137 Marvin Matip DF, MF 112 3 (2) 2004-2005, 2008-2009, 2015-2017
71%
2751 Mason Mount MF, FW 160 29 (22) 2019-2025
71%
79 Mats Hummels DF 456 33 (17) 2006-2025
71%
2546 Matthijs de Ligt DF 169 15 (3) 2019-2025
71%
3182 Matt Phillips DF, MF, FW 142 12 (23) 2010-2011, 2014-2015, 2016-2017, 2020-2021
71%
1936 Maxi Gómez FW 198 52 (13) 2017-2024
71%
1080 Maxi López FW 258 49 (16) 2004-2006, 2009-2018
71%
1490 Maxime Lopez MF, FW 228 8 (15) 2016-2024
71%
246 Maximilian Arnold MF 375 44 (40) 2011-2025
71%
810 Maxi Rodríguez MF, FW 282 72 (31) 2002-2012
71%
1684 Micah Richards DF 213 8 (10) 2005-2016
71%
66 Michael Carrick MF 473 22 (38) 2000-2002, 2004-2018
71%
1135 Michael Keane DF 253 16 (10) 2014-2015, 2016-2025
71%
980 Michael Owen FW 267 115 (16) 2000-2013
71%
970 Michail Antonio MF, FW 268 68 (33) 2015-2025
71%
959 Mike Maignan GK 269 0 (3) 2015-2025
71%
95 Miroslav Klose FW 443 175 (73) 2000-2016
71%
1455 Mohamed Sissoko MF 231 6 (6) 2003-2015
71%
486 Moi Gómez MF, FW 324 29 (29) 2011-2012, 2013-2016, 2018-2025
71%
1262 Mousa Dembélé MF 243 12 (12) 2010-2019
71%
3354 Moussa Dembélé MF, FW 136 56 (10) 2013-2014, 2018-2023
71%
16 Moussa Sissoko MF, FW 543 38 (35) 2007-2024
71%
3056 Naby Keïta MF, FW 147 21 (16) 2016-2024
71%
3093 Nacho Vidal DF 146 2 (1) 2017-2018, 2019-2025
71%
1033 Nampalys Mendy MF 262 2 (7) 2010-2011, 2013-2025
71%
1405 Nemanja Vidić DF 234 16 (3) 2005-2015
71%
1015 N'Golo Kanté MF 264 14 (22) 2014-2023
71%
1418 Nicky Butt DF, MF 233 13 (9) 2000-2009
71%
765 Niklas Süle DF 288 16 (10) 2012-2025
71%
4316 Nuno da Costa MF, FW 107 19 (11) 2017-2019, 2022-2023
71%
1659 Obafemi Martins FW 215 69 (24) 2002-2010, 2012-2013
71%
1161 Oliver Kahn GK 251 0 (0) 2000-2008
71%
123 Olivier Giroud FW 425 162 (57) 2010-2024
71%
982 Óscar MF 267 41 (23) 2001-2007, 2012-2014
71%
3510 Oscar MF, FW 131 21 (19) 2012-2017
71%
1322 Ousmane Dembélé MF, FW 240 66 (64) 2015-2025
71%
3669 Pablo Álvarez DF 126 0 (2) 2007-2014
71%
1323 Pablo Hernández MF, FW 240 26 (38) 2005-2006, 2007-2013, 2015-2016, 2020-2021
71%
3933 Pablo Hernández MF, FW 118 8 (7) 2014-2018
71%
2028 Papiss Cissé FW 192 74 (11) 2005-2006, 2007-2008, 2009-2016
71%
221 Papu Gómez MF, FW 383 75 (71) 2010-2012, 2014-2024
71%
466 Pascal Groß DF, MF, FW 328 36 (61) 2008-2009, 2015-2025
71%
3642 Pathé Ciss DF, MF 127 8 (2) 2021-2025
71%
71 Patrice Evra DF 465 12 (32) 2002-2018
71%
863 Patrick Vieira MF 277 33 (31) 2000-2011
71%
1186 Pau López GK 249 0 (3) 2014-2015, 2017-2025
71%
1237 Pavel Nedvěd MF 245 47 (60) 2000-2005, 2007-2009
71%
43 Pedro MF, FW 499 116 (63) 2007-2025
71%
2029 Phil Foden MF, FW 192 61 (29) 2017-2025
71%
251 Phil Neville DF, MF 374 8 (17) 2000-2013
71%
198 Piotr Zieliński MF 389 44 (49) 2012-2025
71%
1910 Quique Álvarez DF 200 5 (2) 2000-2009
71%
179 Raúl FW 400 157 (51) 2000-2012
71%
3138 Renato Sanches MF, FW 144 10 (10) 2016-2024
71%
830 Ricardo Carvalho DF 280 12 (9) 2004-2016
71%
2909 Ricardo Costa DF 153 15 (1) 2007-2013, 2015-2016
71%
294 Ricardo Rodríguez DF, MF 361 17 (30) 2011-2025
71%
1266 Richarlison MF, FW 243 64 (24) 2017-2025
71%
3486 Ricky Álvarez MF 132 15 (18) 2011-2018
71%
199 Rio Ferdinand DF 389 9 (7) 2000-2015
71%
487 Robbie Keane FW 324 114 (33) 2000-2012
71%
2639 Robert Enke GK 165 0 (0) 2002-2003, 2004-2010
71%
983 Robert Green GK 267 0 (0) 2004-2005, 2006-2010, 2012-2013, 2014-2015
71%
1492 Roberto Carlos DF 228 31 (37) 2000-2007
71%
368 Rodrigo De Paul MF, FW 345 45 (55) 2014-2025
71%
4319 Roger Johnson DF 107 2 (3) 2009-2011, 2013-2014
71%
876 Ronaldinho MF, FW 276 107 (74) 2001-2011
71%
2072 Rony Lopes MF, FW 190 36 (21) 2014-2020, 2022-2023
71%
3209 Roy Keane MF 141 9 (18) 2000-2006
71%
2955 Rui Costa MF 151 10 (30) 2000-2006
71%
766 Sadio Mané MF, FW 288 118 (43) 2014-2023
71%
216 Samuel Eto'o FW 384 202 (60) 2000-2010, 2013-2015
71%
86 Santi Cazorla MF 452 78 (91) 2003-2016, 2018-2020
71%
3009 Sébastien Haller FW 149 43 (18) 2017-2020, 2022-2025
71%
1369 Sergi Gómez DF 237 2 (3) 2014-2022, 2024-2025
71%
3188 Sergio Álvarez DF, MF 142 4 (3) 2009-2011, 2015-2016, 2018-2021
71%
3487 Sergio Álvarez GK 132 0 (1) 2012-2020
71%
62 Sergio Busquets MF 481 10 (32) 2008-2023
71%
222 Seydou Keita MF 383 43 (18) 2001-2011, 2013-2016
71%
2146 Shinji Kagawa MF, FW 186 47 (38) 2010-2019
71%
963 Sol Campbell DF, FW 269 12 (6) 2000-2011
71%
1017 Theo Hernández DF 264 33 (28) 2016-2025
71%
780 Thiago Alcántara MF 286 26 (30) 2008-2024
71%
597 Thierry Henry FW 307 193 (81) 2000-2009, 2011-2012
71%
717 Thomas Partey DF, MF 293 25 (12) 2014-2025
71%
1409 Thorgan Hazard DF, MF, FW 234 43 (47) 2014-2024
71%
1518 Tim Cahill MF, FW 226 56 (22) 2004-2012
71%
3309 Tino Costa MF 138 19 (16) 2009-2012, 2014-2016
71%
1703 Toby Alderweireld DF 212 10 (4) 2013-2021
71%
1066 Trent Alexander-Arnold DF 259 18 (64) 2016-2025
71%
3539 Tyler Adams DF, MF 130 1 (7) 2018-2025
71%
1481 Unai López MF 229 11 (9) 2014-2015, 2016-2017, 2018-2025
71%
1280 Vicente Rodríguez MF, FW 242 37 (36) 2000-2011
71%
3166 Víctor Rodríguez MF, FW 143 10 (11) 2012-2013, 2014-2016, 2020-2021
71%
142 Víctor Valdés GK 417 0 (0) 2002-2014, 2016-2017
71%
659 Virgil van Dijk DF 301 25 (8) 2015-2025
71%
1570 Waldemar Anton DF, MF 222 8 (9) 2015-2016, 2017-2018, 2020-2025
71%
584 Wilfried Zaha MF, FW 309 68 (28) 2013-2022, 2024-2025
71%
2470 William Carvalho MF 172 8 (12) 2018-2025
71%
2203 William Saliba DF 184 7 (2) 2018-2025
71%
1782 Xherdan Shaqiri MF, FW 207 36 (34) 2012-2022
71%
1747 Yeray Álvarez DF 209 3 (1) 2016-2025
71%
2113 Zinédine Zidane MF 188 43 (52) 2000-2006
71%
70 Zlatan Ibrahimović FW 467 302 (107) 2004-2017, 2019-2023
71%
624 Aaron Hunt MF, FW 303 56 (39) 2004-2018
57%
2206 Aaron Ramsdale GK 183 0 (1) 2019-2025
57%
4480 Abel Gómez Moreno MF 102 6 (6) 2007-2008, 2009-2010, 2011-2012, 2014-2015
57%
3272 Abou Diaby MF 138 15 (10) 2004-2013, 2015-2017
57%
282 Adil Rami DF 364 18 (11) 2006-2018, 2021-2023
57%
2053 Adrián GK 190 0 (0) 2012-2017, 2019-2020, 2024-2025
57%
889 Adriano DF, FW 274 82 (24) 2001-2011
57%
932 Adriano DF, MF 270 20 (24) 2004-2016
57%
1094 Alberto Moreno DF, MF 256 11 (11) 2011-2025
57%
1282 Aleandro Rosi DF, MF 241 10 (6) 2004-2006, 2009-2018
57%
687 Alexander Hleb MF 297 22 (50) 2000-2012
57%
1957 Alexander Isak FW 196 87 (14) 2017-2018, 2019-2025
57%
1045 Alexandre Song DF, MF 260 8 (19) 2004-2016
57%
1915 Alexis Blin MF 199 3 (7) 2014-2019, 2022-2024
57%
2599 Alexis Mac Allister MF, FW 166 26 (15) 2019-2025
57%
1875 Álex Moreno DF, MF 201 8 (17) 2014-2015, 2018-2025
57%
1457 Alex Sandro DF, MF 230 14 (18) 2015-2024
57%
382 Alou Diarra MF 342 24 (7) 2002-2013, 2016-2017
57%
1677 Andreas Christensen DF, MF 213 8 (4) 2014-2025
57%
1426 Andreas Pereira MF, FW 232 18 (29) 2014-2020, 2022-2025
57%
453 André Ayew MF, FW 330 76 (23) 2007-2008, 2010-2017, 2022-2025
57%
4147 André Dias DF 111 5 (1) 2009-2014
57%
1107 André Gomes MF 255 14 (11) 2014-2025
57%
4181 Angel Gomes MF, FW 110 4 (16) 2016-2017, 2018-2019, 2021-2025
57%
1552 Ante Rebić MF, FW 223 47 (19) 2013-2014, 2015-2022, 2024-2025
57%
2960 Anthony Gordon MF, FW 150 25 (18) 2019-2025
57%
3338 Antonee Robinson DF 136 0 (17) 2020-2021, 2022-2025
57%
93 Antonio Di Natale FW 444 209 (64) 2002-2016
57%
338 Antonio Rüdiger DF 350 15 (3) 2011-2025
57%
467 Antonio Valencia DF, MF 327 24 (47) 2005-2019
57%
2677 Arda Turan MF, FW 163 18 (24) 2011-2017
57%
1894 Ashley Barnes MF, FW 200 42 (6) 2014-2015, 2016-2022
57%
2118 Axel Witsel DF, MF 187 12 (7) 2018-2025
57%
2295 Ayoze Díaz Díaz DF, MF 179 3 (5) 2003-2005, 2007-2010, 2012-2013
57%
856 Ben Mee DF 277 14 (5) 2014-2015, 2016-2025
57%
2732 Ben White DF, MF 160 6 (11) 2020-2025
57%
1441 Bernd Schneider DF, MF 231 32 (56) 2000-2009
57%
3821 Bonaventure Kalou MF, FW 121 30 (14) 2003-2008
57%
1541 Borja Iglesias FW 224 67 (12) 2014-2015, 2018-2025
57%
4184 Boubacar Diarra DF 110 1 (0) 2000-2001, 2003-2005
57%
2178 Bouna Sarr DF, MF, FW 184 6 (12) 2014-2024
57%
2424 Brahim Díaz MF, FW 173 26 (22) 2017-2025
57%
3822 Bruno Alves DF 121 6 (1) 2016-2017, 2018-2021
57%
3428 Bryan Gil DF, MF, FW 133 11 (11) 2018-2025
57%
1842 Cafú DF 203 5 (25) 2000-2008
57%
1329 Callum Wilson FW 239 88 (23) 2015-2025
57%
4485 Carles Gil MF, FW 102 5 (9) 2013-2018
57%
967 Carlos Tevez MF, FW 268 123 (50) 2006-2015
57%
2407 Cata Díaz DF 174 2 (0) 2007-2013
57%
3431 Chris DF, MF 133 10 (8) 2003-2004, 2005-2012
57%
820 Christian Benteke FW 280 86 (22) 2012-2022
57%
325 Christian Eriksen MF, FW 353 59 (80) 2013-2025
57%
2248 Christian Vieri FW 181 104 (13) 2000-2009
57%
1897 Christoph Metzelder DF 200 4 (7) 2000-2002, 2004-2013
57%
1020 Chris Wood FW 263 89 (11) 2008-2009, 2010-2011, 2014-2015, 2017-2025
57%
376 Clarence Seedorf MF 343 51 (44) 2000-2012
57%
419 Claude Makélélé MF 336 3 (11) 2000-2011
57%
468 Claudio Bravo GK 327 0 (0) 2006-2007, 2010-2017, 2019-2024
57%
4368 Claudio Reyna MF 105 7 (4) 2001-2007
57%
880 Corentin Tolisso DF, MF 275 42 (27) 2013-2025
57%
1880 Cristiano Zanetti MF 201 4 (16) 2000-2005, 2007-2011
57%
2694 Daley Blind DF, MF 162 5 (9) 2014-2017, 2022-2025
57%
40 Dani Alves DF, MF 502 30 (113) 2002-2018, 2021-2022
57%
1615 Daniel Sturridge MF, FW 218 76 (21) 2006-2019
57%
4046 Danilo Pereira DF, MF, FW 114 9 (1) 2011-2012, 2020-2024
57%
4422 Danny Drinkwater MF 104 5 (9) 2014-2017, 2019-2020
57%
1864 Danny Rose DF, MF 202 9 (18) 2009-2019, 2021-2022
57%
1995 David Abraham DF 194 6 (3) 2012-2021
57%
3467 David Raya GK 132 0 (0) 2021-2025
57%
3654 Denzel Dumfries DF, FW 126 17 (14) 2021-2025
57%
1358 Diego MF 237 66 (55) 2006-2014
57%
954 Diego Alves GK 269 0 (0) 2007-2017
57%
1087 Diego Llorente DF 257 15 (2) 2012-2013, 2015-2025
57%
974 Diego Milito FW 267 139 (31) 2005-2014
57%
1750 Dirk Kuyt DF, MF, FW 208 51 (27) 2006-2012
57%
1070 Divock Origi MF, FW 258 44 (13) 2012-2024
57%
3497 Dominik Szoboszlai MF, FW 131 21 (24) 2021-2025
57%
2227 Ebbe Sand FW 182 60 (20) 2000-2006
57%
1227 Éder MF, FW 245 60 (20) 2006-2007, 2010-2018
57%
3914 Éder Militão DF 118 8 (3) 2019-2025
57%
869 Ederson GK 276 0 (7) 2017-2025
57%
1770 Ederson MF 207 30 (18) 2004-2015
57%
3757 Éderson MF 123 13 (4) 2021-2025
57%
370 Emmanuel Adebayor FW 344 122 (45) 2001-2002, 2003-2016
57%
3078 Enrique de Lucas MF, FW 146 16 (8) 2000-2002, 2005-2006, 2007-2008, 2012-2013
57%
514 Fabinho DF, MF 319 31 (17) 2012-2023
57%
663 Fabio Cannavaro DF 300 8 (4) 2000-2010
57%
1827 Federico Dimarco DF, MF, FW 204 21 (26) 2014-2015, 2016-2017, 2018-2025
57%
893 Fernando MF, FW 274 54 (20) 2000-2011
57%
2211 Fernando DF, MF 183 10 (11) 2014-2016, 2019-2024
57%
82 Fernando Llorente FW 454 133 (29) 2004-2021
57%
3079 Fikayo Tomori DF 146 7 (2) 2015-2016, 2019-2025
57%
3221 Florian Wirtz MF, FW 140 35 (45) 2019-2025
57%
1485 Frank Baumann DF, MF 228 10 (11) 2000-2009
57%
50 Frank Lampard MF 491 160 (94) 2000-2015
57%
2121 Gabriel Milito DF 187 6 (1) 2003-2007, 2009-2011
57%
505 Gerard Moreno MF, FW 321 121 (38) 2014-2025
57%
448 Gervinho MF, FW 331 85 (50) 2007-2015, 2018-2021
57%
4018 Gio Reyna MF, FW 115 15 (10) 2019-2025
57%
49 Goran Pandev MF, FW 492 101 (49) 2003-2013, 2015-2022
57%
2629 Gregor Kobel GK 165 0 (0) 2018-2019, 2020-2025
57%
321 Gylfi Sigurðsson MF, FW 354 76 (53) 2010-2021
57%
335 Halil Altıntop MF, FW 351 67 (29) 2003-2010, 2013-2017
57%
1946 Hamit Altıntop DF, MF 197 17 (17) 2003-2011, 2016-2017
57%
968 Harry Maguire DF 268 14 (9) 2014-2015, 2016-2025
57%
3853 Harry Wilson MF, FW 120 19 (10) 2019-2020, 2022-2025
57%
1903 Harvey Barnes MF, FW 200 49 (32) 2017-2025
57%
2827 Héctor Moreno DF 156 9 (4) 2011-2014, 2017-2019
57%
327 Henrikh Mkhitaryan MF, FW 353 69 (77) 2013-2025
57%
902 Hernán Crespo FW 273 112 (20) 2000-2012
57%
1828 Heurelho Gomes GK 204 0 (0) 2008-2010, 2012-2013, 2015-2018
57%
3798 Iglesias DF, MF, FW 122 1 (4) 2020-2025
57%
156 İlkay Gündoğan MF 409 66 (47) 2009-2025
57%
1885 Ismaila Sarr MF, FW 201 39 (26) 2016-2019, 2021-2022, 2023-2025
57%
2232 Jack Wilshere MF 182 8 (18) 2008-2010, 2012-2020
57%
1772 Jadon Sancho MF, FW 207 52 (57) 2017-2025
57%
84 Javier Zanetti DF, MF 453 3 (15) 2000-2014
57%
2769 Javi Márquez MF 159 8 (7) 2009-2017
57%
4382 Javi Moreno FW 105 33 (10) 2000-2005
57%
3438 Jeremie Frimpong DF, MF 133 23 (25) 2020-2025
57%
47 Jermain Defoe FW 496 163 (33) 2000-2019
57%
2536 João Félix MF, FW 169 39 (17) 2019-2025
57%
241 Joe Hart GK 376 0 (1) 2006-2019
57%
106 John Arne Riise DF, MF 435 31 (38) 2000-2014
57%
92 John O'Shea DF, MF 445 13 (13) 2001-2017
57%
1195 John Stones DF, MF 248 11 (2) 2013-2025
57%
4125 Jonathan Pereira FW 112 14 (14) 2006-2007, 2008-2009, 2011-2015
57%
206 Jonny Evans DF 386 14 (14) 2007-2025
57%
72 Jordan Ayew MF, FW 464 73 (36) 2009-2025
57%
483 Jordan Pickford GK 324 0 (2) 2015-2025
57%
2483 Joseba Llorente FW 171 50 (16) 2000-2002, 2007-2013
57%
61 José Callejón MF, FW 482 83 (70) 2008-2021, 2023-2024
57%
362 Joselu FW 346 100 (22) 2010-2011, 2012-2024
57%
1853 José Mari FW 203 26 (19) 2000-2009
57%
4432 José Mari MF 104 1 (0) 2012-2013, 2014-2015, 2020-2024
57%
1148 José María Giménez DF 252 6 (8) 2013-2025
57%
1101 Juan DF 256 19 (8) 2002-2012
57%
119 Juanfran DF, MF 427 16 (39) 2003-2019
57%
534 Juanfran DF 315 4 (8) 2000-2003, 2006-2007, 2010-2016
57%
1947 Juanfran DF, FW 197 4 (13) 2007-2008, 2009-2010, 2013-2019
57%
3565 Juan Sebastián Verón MF 129 15 (15) 2000-2006
57%
2942 Jude Bellingham MF 151 40 (29) 2020-2025
57%
322 Julian Brandt MF, FW 354 70 (74) 2013-2025
57%
793 Julian Draxler MF, FW 284 40 (42) 2010-2022
57%
2044 Justin Kluivert MF, FW 191 37 (20) 2018-2025
57%
568 Kamil Glik DF, MF 311 23 (8) 2010-2011, 2012-2021
57%
17 Kévin Gameiro FW 542 175 (44) 2005-2006, 2007-2024
57%
2140 Kevin Großkreutz DF, FW 186 23 (22) 2009-2016
57%
202 Kevin Trapp GK 388 0 (0) 2010-2025
57%
286 Kevin Volland MF, FW 363 108 (67) 2012-2025
57%
1475 Klaas-Jan Huntelaar FW 229 99 (21) 2008-2016, 2020-2021
57%
131 Kyle Walker DF, MF 421 8 (36) 2009-2025
57%
1102 Lars Bender DF, MF 256 22 (26) 2009-2021
57%
2255 Lassana Diarra MF 181 3 (5) 2005-2012, 2015-2019
57%
332 Laurent Koscielny DF 352 25 (5) 2009-2022
57%
2435 Layvin Kurzawa DF, MF 173 16 (18) 2010-2011, 2013-2020, 2022-2024
57%
416 Lorenzo Insigne MF, FW 337 96 (76) 2009-2010, 2012-2022
57%
3701 Loris Karius GK 125 0 (0) 2012-2017, 2020-2021, 2023-2024
57%
794 Louis Saha FW 284 84 (19) 2001-2013
57%
287 Lucas Digne DF, MF 363 11 (36) 2011-2025
57%
172 Luca Toni FW 404 195 (57) 2000-2002, 2004-2010, 2012-2016
57%
4467 Luis Díaz FW 103 29 (15) 2021-2025
57%
442 Łukasz Piszczek DF, MF 332 19 (40) 2007-2021
57%
1271 Mahamadou Diarra MF 242 11 (8) 2002-2014
57%
3135 Malang Sarr DF 144 3 (2) 2016-2019, 2021-2022, 2024-2025
57%
1564 Marc Cucurella DF, MF, FW 222 11 (15) 2018-2025
57%
207 Marcelo DF, MF 386 26 (57) 2006-2022
57%
1744 Marcelo DF 209 9 (2) 2013-2015, 2017-2022
57%
1078 Marcel Schmelzer DF 258 3 (20) 2008-2020
57%
957 Marco Asensio MF, FW 269 50 (39) 2015-2025
57%
2004 Marco Sau MF, FW 194 39 (14) 2012-2014, 2016-2018, 2020-2021
57%
1297 Marcos Llorente DF, MF, FW 241 24 (28) 2015-2025
57%
2258 Marc Wilson DF, MF 181 1 (3) 2008-2017
57%
2975 Mario DF 150 3 (0) 2001-2003, 2006-2013
57%
991 Mario Mandžukić MF, FW 266 96 (37) 2010-2018, 2020-2021
57%
1197 Mário Rui DF, MF 248 3 (26) 2014-2024
57%
2142 Mark van Bommel MF 186 13 (16) 2005-2012
57%
410 Marquinhos DF, MF 338 26 (7) 2012-2025
57%
2976 Martial Robin DF, MF 150 4 (5) 2002-2005, 2008-2010
57%
638 Michael Ballack MF 303 87 (48) 2000-2012
57%
366 Michael Essien DF, MF 345 37 (14) 2000-2015
57%
4313 Michael Pereira MF, FW 107 8 (8) 2010-2014
57%
621 Mikel San José DF, MF 304 27 (7) 2009-2020
57%
129 Miralem Pjanić MF 422 56 (81) 2007-2021
57%
1969 Moses Simon MF, FW 196 34 (38) 2018-2025
57%
2069 Moussa Diaby DF, MF, FW 190 39 (50) 2017-2024
57%
1908 Nani MF, FW 200 33 (53) 2007-2014, 2016-2017, 2021-2022
57%
1390 Nathan Aké DF, MF 235 18 (7) 2012-2025
57%
1554 Neto GK 223 0 (0) 2011-2025
57%
897 Neven Subotić DF 274 19 (3) 2006-2007, 2008-2020
57%
3637 Nicky Hunt DF 127 1 (6) 2003-2008
57%
395 Nicolas Anelka FW 340 112 (41) 2000-2004, 2006-2014
57%
4590 Nicolas Jackson FW 100 36 (14) 2021-2025
57%
639 Nicolò Barella MF 303 25 (43) 2014-2015, 2016-2025
57%
945 Nuri Şahin MF 270 23 (33) 2005-2006, 2008-2020
57%
54 Oliver Baumann GK 489 0 (2) 2009-2025
57%
3640 Pablo Marí DF 127 3 (0) 2011-2012, 2019-2025
57%
1236 Paco Alcácer FW 245 77 (28) 2011-2022
57%
124 Paolo Cannavaro DF 425 12 (7) 2000-2005, 2007-2018
57%
1647 Paolo Maldini DF 216 7 (4) 2000-2009
57%
3357 Pape Matar Sarr MF 136 10 (9) 2020-2025
57%
2906 Park Ji-sung MF 153 20 (21) 2005-2013
57%
2547 Patrick Kluivert FW 169 70 (23) 2000-2005, 2007-2008
57%
754 Paul Pogba MF, FW 289 57 (61) 2011-2024
57%
262 Paul Robinson GK 370 1 (5) 2000-2001, 2002-2011, 2016-2017
57%
2401 Paul Robinson DF 175 1 (6) 2004-2005, 2008-2012
57%
2239 Pedro Mendes DF 182 5 (1) 2013-2023
57%
2984 Pedro Neto MF, FW 150 15 (25) 2018-2025
57%
3707 Pedro Pereira DF, FW 125 1 (9) 2017-2018, 2020-2021, 2023-2025
57%
238 Per Mertesacker DF 377 25 (8) 2003-2018
57%
420 Philippe Coutinho MF, FW 336 80 (56) 2010-2024
57%
2636 Presnel Kimpembe DF 165 1 (1) 2014-2022, 2024-2025
57%
1567 Rafael Leão MF, FW 222 63 (45) 2018-2025
57%
1003 Rafael Márquez DF, MF 265 12 (9) 2000-2009, 2014-2016
57%
829 Rafael van der Vaart MF 280 79 (56) 2005-2016
57%
278 Rafinha DF 366 14 (33) 2005-2019
57%
2308 Rafinha MF, FW 179 19 (14) 2013-2022
57%
188 Raheem Sterling MF, FW 396 123 (66) 2011-2025
57%
2778 Ramires MF 159 17 (8) 2010-2016
57%
470 Raphaël Varane DF, MF 327 12 (6) 2010-2024
57%
2018 Raphinha MF, FW 193 54 (42) 2019-2025
57%
11 Raúl Albiol DF 574 14 (9) 2004-2025
57%
2709 Ricardo Pereira DF, FW 162 9 (21) 2015-2016, 2018-2022, 2024-2025
57%
4285 Richard Wright GK 108 0 (1) 2000-2007
57%
4404 Rigobert Song DF 105 3 (0) 2000-2004
57%
2797 Roberto GK 158 0 (0) 2005-2006, 2009-2010, 2011-2012, 2016-2017, 2019-2021
57%
3891 Roberto GK 119 0 (0) 2008-2009, 2011-2015
57%
864 Rodrigo MF, FW 277 65 (33) 2010-2011, 2014-2023
57%
3997 Rodrigo MF 116 1 (4) 2003-2005, 2007-2008
57%
1635 Rodrigo Bentancur MF 217 10 (22) 2017-2025
57%
2465 Rodrygo MF, FW 172 32 (28) 2019-2025
57%
318 Roman Weidenfeller GK 355 0 (0) 2000-2018
57%
3140 Rúben Dias DF 144 3 (4) 2020-2025
57%
2670 Ryan Babel MF, FW 164 26 (11) 2007-2011, 2016-2017, 2018-2019
57%
225 Ryan Giggs MF, FW 382 55 (101) 2000-2014
57%
253 Salomon Kalou MF, FW 374 114 (43) 2006-2020
57%
1139 Samuel Umtiti DF 253 5 (3) 2011-2024
57%
3008 Sandro MF 149 5 (3) 2010-2015, 2017-2019
57%
2421 Sandro Tonali MF 174 13 (18) 2019-2025
57%
1701 Scott McTominay MF, FW 212 31 (8) 2016-2025
57%
284 Scott Parker MF 364 24 (20) 2000-2014
57%
732 Sead Kolašinac DF, MF 291 12 (24) 2012-2025
57%
266 Séamus Coleman DF, MF 369 22 (24) 2009-2025
57%
812 Sebastian Larsson MF 282 26 (26) 2005-2006, 2007-2008, 2009-2017
57%
1083 Sergi Roberto DF, MF 258 12 (32) 2010-2025
57%
3238 Sigamary Diarra MF, FW 140 9 (8) 2003-2004, 2009-2014
57%
1239 Simon Mignolet GK 245 0 (0) 2010-2018
57%
68 Son Heung-min MF, FW 468 168 (79) 2010-2025
57%
695 Stefan de Vrij DF 296 20 (7) 2014-2025
57%
173 Stefan Kießling MF, FW 403 144 (51) 2002-2003, 2004-2018
57%
544 Stefan Savić DF, MF 314 7 (4) 2011-2024
57%
126 Stephan Lichtsteiner DF, MF 424 20 (31) 2005-2020
57%
3165 Stephen Hunt MF, FW 143 21 (16) 2006-2007, 2009-2012
57%
74 Steven Gerrard MF 463 119 (89) 2000-2015
57%
4174 Steve Stone MF 111 8 (12) 2000-2001, 2003-2005
57%
1005 Sven Bender DF, MF 265 8 (5) 2009-2021
57%
1891 Tammy Abraham FW 201 55 (16) 2015-2016, 2017-2018, 2019-2025
57%
4175 Teemu Pukki FW 111 30 (7) 2008-2009, 2011-2013, 2019-2020, 2021-2022
57%
184 Theo Walcott MF, FW 397 80 (56) 2006-2023
57%
2293 Thiago Mendes DF, MF 180 5 (18) 2017-2023
57%
598 Tiago Mendes MF 307 30 (23) 2004-2017
57%
375 Timo Werner MF, FW 344 114 (54) 2013-2025
57%
3650 Tobias Werner MF 127 24 (18) 2011-2016
57%
518 Tomáš Rosický MF 319 39 (44) 2000-2007, 2009-2015
57%
2008 Tomáš Souček MF 194 36 (8) 2019-2025
57%
1914 Unai Simón GK 200 0 (0) 2018-2025
57%
4514 Víctor Díaz DF 102 3 (8) 2016-2017, 2019-2021, 2023-2024
57%
3011 Victor Osimhen FW 149 78 (16) 2016-2017, 2019-2024
57%
718 Víctor Ruiz DF, MF 293 8 (6) 2009-2018, 2020-2023
57%
710 Vincent Kompany DF 294 19 (7) 2006-2019
57%
1803 Vinicius Júnior MF, FW 206 61 (36) 2018-2025
57%
472 Willian MF, FW 327 47 (45) 2013-2020, 2022-2025
57%
798 Willian José FW 284 82 (26) 2013-2014, 2015-2024
57%
1496 Willi Orban DF 228 26 (3) 2011-2012, 2016-2025
57%
137 Wojciech Szczęsny GK 419 0 (1) 2010-2025
57%
311 Yann Sommer GK 357 0 (1) 2014-2025
57%
865 Zé Roberto DF, MF 277 27 (73) 2000-2005, 2007-2011
57%
143 Aaron Lennon MF, FW 416 36 (50) 2003-2004, 2005-2019, 2021-2022
43%
1724 Achraf Hakimi DF, MF 210 33 (42) 2017-2025
43%
1252 Adrián González MF, FW 243 19 (14) 2008-2018
43%
477 Adrian Mutu MF, FW 325 119 (49) 2000-2014
43%
45 Alberto Gilardino FW 497 185 (34) 2000-2017
43%
546 Alessandro Del Piero MF, FW 313 128 (56) 2000-2005, 2007-2012
43%
845 Alessandro Nesta DF 278 7 (4) 2000-2012
43%
2405 Alexander Frei FW 174 82 (20) 2002-2009
43%
3424 Alexandre Pato MF, FW 133 54 (13) 2007-2012, 2015-2017
43%
3942 Alfred Gomis GK 117 0 (0) 2017-2022
43%
1222 Alphonse Areola GK 245 0 (0) 2012-2013, 2014-2025
43%
2863 Alphonso Davies DF 154 9 (21) 2018-2025
43%
727 Álvaro González DF 291 7 (9) 2010-2012, 2014-2022
43%
3943 Álvaro González MF 117 4 (7) 2010-2015
43%
3815 Amadou Onana MF 121 7 (2) 2021-2025
43%
190 Ander Herrera MF 395 28 (43) 2009-2025
43%
348 Andrea Belotti FW 348 114 (34) 2014-2025
43%
736 André-Pierre Gignac MF, FW 290 103 (21) 2006-2015
43%
879 André Schürrle MF, FW 275 67 (33) 2009-2019
43%
4180 Andrew Taylor DF, MF 110 0 (1) 2005-2008, 2013-2014
43%
1283 Andriy Shevchenko FW 241 112 (31) 2000-2010
43%
94 Aritz Aduriz FW 443 158 (46) 2002-2003, 2005-2020
43%
1642 Arkadiusz Milik FW 216 67 (10) 2012-2013, 2016-2024
43%
2622 Arnaud Le Lan DF 165 2 (4) 2001-2004, 2008-2013
43%
1210 Arne Friedrich DF 246 15 (12) 2002-2011
43%
834 Asier Illarramendi MF 279 13 (16) 2010-2023
43%
2034 Aurélien Tchouaméni DF, MF 191 8 (12) 2018-2025
43%
807 Aymeric Laporte DF 282 15 (6) 2012-2024
43%
4452 Babacar Gueye FW 103 13 (12) 2003-2005, 2007-2008
43%
272 Bacary Sagna DF 367 5 (23) 2004-2018
43%
170 Bafétimbi Gomis FW 404 134 (29) 2004-2017
43%
4256 Barry Ferguson MF 108 3 (2) 2003-2004, 2009-2011
43%
2337 Ben Chilwell DF, MF 177 13 (18) 2016-2025
43%
547 Ben Davies DF, MF 313 10 (19) 2012-2025
43%
1253 Benedikt Höwedes DF 243 13 (4) 2007-2018
43%
196 Ben Foster GK 390 0 (1) 2006-2019, 2021-2022
43%
1285 Benjamin Pavard DF 241 9 (9) 2014-2015, 2017-2025
43%
3313 Bixente Lizarazu DF 137 4 (10) 2000-2006
43%
103 Borja Valero MF 436 35 (70) 2007-2021
43%
836 Boštjan Cesar DF 279 9 (0) 2005-2006, 2008-2019
43%
1211 Brais Méndez MF, FW 246 36 (27) 2017-2025
43%
3653 Bruno González DF 126 2 (1) 2015-2021
43%
599 Cacau FW 306 89 (33) 2001-2014
43%
391 Cani MF 341 29 (40) 2001-2002, 2003-2011, 2013-2016
43%
269 Carles Puyol DF 368 13 (7) 2000-2014
43%
4329 Carlos Paredes MF 106 11 (1) 2002-2006
43%
4113 Carmelo González MF 112 8 (7) 2001-2002, 2006-2007, 2008-2012
43%
2475 Cédric Soares DF, MF 171 3 (14) 2015-2024
43%
3911 César DF, MF 118 15 (11) 2001-2009
43%
2530 Charlie Taylor DF 169 1 (7) 2017-2021, 2023-2025
43%
693 Chory Castro MF, FW 296 41 (39) 2007-2018
43%
672 Christian Fuchs DF, MF 299 12 (42) 2008-2021
43%
1086 Christian Poulsen MF 257 8 (9) 2002-2012
43%
1069 Christian Pulisic DF, MF, FW 258 56 (42) 2015-2025
43%
1693 Christopher Nkunku MF, FW 212 61 (40) 2015-2025
43%
446 Clemens Fritz DF, MF 331 7 (20) 2003-2004, 2005-2017
43%
1342 Clément Lenglet DF 238 9 (7) 2016-2025
43%
1498 Cris DF 227 20 (2) 2002-2003, 2004-2013
43%
1898 Cristian Chivu DF 200 9 (8) 2003-2013
43%
2096 Cristian Romero DF 188 12 (6) 2018-2025
43%
2449 Curtis Davies DF 172 7 (4) 2005-2006, 2007-2010, 2013-2014, 2016-2017
43%
2058 Daichi Kamada MF, FW 190 22 (27) 2017-2018, 2019-2025
43%
3280 Damien Delaney DF 138 3 (6) 2000-2001, 2013-2018
43%
412 Damien Duff MF, FW 337 49 (51) 2001-2014
43%
257 Daniel Caligiuri DF, MF, FW 372 51 (43) 2009-2023
43%
1442 Danilo DF, MF 231 15 (20) 2015-2025
43%
3466 Dani Olmo MF, FW 132 27 (26) 2019-2025
43%
1313 Danny Ings FW 240 72 (23) 2014-2015, 2017-2025
43%
392 Darren Fletcher MF 341 23 (27) 2003-2018
43%
4014 David Odonkor MF, FW 115 3 (7) 2001-2009
43%
673 David Ospina GK 299 0 (1) 2008-2022
43%
1665 Dayot Upamecano DF 214 8 (8) 2016-2025
43%
1041 Dejan Lovren DF 261 10 (5) 2009-2019, 2022-2024
43%
2279 Demetrius Ferreira DF 180 6 (5) 2000-2007
43%
1787 Dida GK 206 0 (0) 2000-2001, 2002-2010
43%
1510 Diego Castro MF, FW 226 44 (25) 2005-2006, 2008-2015
43%
564 Diego Forlán MF, FW 311 139 (40) 2001-2012
43%
1331 Dominic Calvert-Lewin FW 239 57 (15) 2016-2025
43%
3756 Duncan Ferguson FW 123 23 (8) 2000-2006
43%
3758 Édgar Méndez MF, FW 123 12 (3) 2015-2016, 2019-2022
43%
2182 Eduardo Camavinga DF, MF 184 5 (10) 2018-2025
43%
4335 Eduardo dos Santos FW 106 20 (8) 2009-2014
43%
720 Eiður Guðjohnsen MF, FW 292 65 (33) 2000-2011
43%
689 El Hadji Diouf MF, FW 297 46 (31) 2000-2011
43%
1942 Emil Forsberg MF, FW 197 40 (40) 2016-2024
43%
2356 Enrico Chiesa FW 176 61 (21) 2000-2008
43%
2580 Enrique Romero DF 167 2 (11) 2000-2007
43%
2993 Eric Bailly DF 149 1 (0) 2014-2025
43%
326 Eric Maxim Choupo-Moting MF, FW 353 75 (29) 2007-2008, 2009-2024
43%
3558 Erik Durm DF, FW 129 3 (8) 2013-2016, 2018-2022
43%
203 Esteban Cambiasso MF 387 46 (27) 2002-2015
43%
378 Éver Banega MF 343 33 (43) 2007-2020
43%
1021 Ezequiel Lavezzi MF, FW 263 60 (44) 2007-2016
43%
1168 Fabian Schär DF 250 21 (9) 2015-2025
43%
1788 Federico Bernardeschi DF, MF, FW 206 22 (22) 2014-2022
43%
1288 Federico Chiesa DF, MF, FW 241 47 (33) 2016-2025
43%
1387 Federico Valverde DF, MF, FW 235 20 (22) 2017-2025
43%
808 Felipe Caicedo MF, FW 282 69 (15) 2007-2010, 2014-2022
43%
240 Felipe dal Belo DF 376 14 (6) 2002-2020
43%
533 Filip Kostić DF, FW 315 38 (70) 2014-2024
43%
161 Florent Malouda MF, FW 407 78 (51) 2000-2011, 2014-2015
43%
1917 Francesco Lodi MF 199 26 (30) 2003-2004, 2005-2006, 2009-2017
43%
4458 Frank de Boer DF 103 3 (3) 2000-2003
43%
1918 Freddie Ljungberg MF, FW 199 41 (27) 2000-2008
43%
365 Frédéric Kanouté FW 345 130 (33) 2000-2012
43%
2340 Frenkie de Jong DF, MF 177 14 (15) 2019-2025
43%
515 Gabriel Heinze DF 319 16 (9) 2000-2012
43%
1471 Gabriel Jesus FW 229 76 (40) 2016-2025
43%
1901 Gabriel Magalhães DF 200 19 (1) 2016-2025
43%
479 Gaël Clichy DF 325 3 (18) 2003-2017
43%
393 Geoffrey Kondogbia DF, MF 341 12 (16) 2010-2011, 2012-2025
43%
739 Gerald Asamoah MF, FW 290 46 (31) 2000-2010, 2012-2013
43%
3917 Giancarlo González DF 118 4 (2) 2014-2019
43%
3222 Gianfranco Zola FW 140 35 (22) 2000-2002, 2004-2005
43%
3049 Giovani dos Santos MF, FW 147 26 (21) 2007-2015
43%
679 Giovanni Simeone FW 298 73 (20) 2016-2025
43%
3083 Giovanni van Bronckhorst DF, MF 146 6 (9) 2001-2007
43%
134 Gonzalo Castro DF, MF 420 38 (63) 2004-2018, 2020-2022
43%
730 Guti MF, FW 291 37 (49) 2000-2010
43%
1291 Héctor Bellerín DF, MF 241 8 (25) 2014-2025
43%
2607 Holger Badstuber DF, MF 166 3 (4) 2009-2012, 2014-2019
43%
175 Iago Aspas MF, FW 401 165 (65) 2012-2025
43%
3022 Ibrahima Konaté DF 148 3 (3) 2017-2025
43%
101 Idrissa Gana Gueye MF 437 18 (17) 2010-2025
43%
1579 Iván Helguera DF, MF 221 19 (6) 2000-2009
43%
1380 Ivica Olić FW 236 72 (24) 2006-2016
43%
3586 Jaap Stam DF 128 4 (0) 2000-2006
43%
3176 Jacob Bruun Larsen MF, FW 142 16 (6) 2017-2025
43%
1170 Jakub Błaszczykowski MF 250 30 (35) 2007-2019
43%
3252 Jamal Musiala MF, FW 139 45 (23) 2019-2025
43%
171 James Ward-Prowse DF, MF 404 57 (47) 2012-2025
43%
3661 Jason Denayer DF 126 6 (1) 2016-2017, 2018-2022
43%
642 Javier Mascherano DF, MF 302 2 (6) 2006-2018
43%
2875 Javier Paredes DF 154 0 (1) 2005-2007, 2009-2013
43%
3287 Javi González MF 138 3 (10) 2000-2007
43%
1983 Javi Guerrero FW 195 47 (17) 2002-2009
43%
3288 Jean Calvé DF 138 3 (11) 2005-2009, 2011-2012, 2014-2015
43%
1919 Jean-Philippe Mateta FW 199 62 (12) 2016-2017, 2018-2025
43%
2517 Jefferson Farfán MF, FW 170 39 (39) 2008-2015
43%
3158 Jens Stryger Larsen DF 143 5 (9) 2017-2022
43%
2233 Jesse Lingard MF, FW 182 29 (13) 2014-2023
43%
940 João Cancelo DF, MF 270 12 (32) 2014-2024
43%
436 João Moutinho MF 333 14 (44) 2013-2023
43%
1669 Joelinton MF, FW 214 29 (15) 2015-2016, 2018-2025
43%
3200 Joël Veltman DF 141 4 (4) 2020-2025
43%
581 Joel Ward DF, MF 309 5 (7) 2009-2010, 2013-2025
43%
1852 John McGinn MF, FW 203 17 (23) 2019-2025
43%
1180 John Obi Mikel MF 249 1 (10) 2006-2016
43%
4496 Jonathan dos Santos MF 102 4 (5) 2009-2017
43%
741 Jonny Castro DF, MF 290 9 (14) 2012-2024
43%
751 Jorge Molina FW 289 73 (24) 2011-2013, 2015-2016, 2017-2022
43%
4431 Jørgen Strand Larsen FW 104 31 (11) 2022-2025
43%
357 Jorginho MF 347 30 (22) 2013-2025
43%
1831 José Molina GK 204 0 (0) 2000-2007
43%
1581 José Nunes DF 221 12 (2) 2005-2013
43%
1099 Juan Jesus DF 256 5 (2) 2011-2025
43%
4433 Julen Guerrero MF, FW 104 13 (4) 2000-2006
43%
4342 Julien Laporte DF 106 2 (0) 2020-2024
43%
1149 Júlio César GK 252 0 (0) 2005-2013
43%
1196 Juninho Pernambucano MF 248 74 (62) 2001-2009
43%
4574 Júnior DF, MF 100 3 (12) 2000-2004
43%
1232 Kakha Kaladze DF, MF 245 13 (15) 2000-2012
43%
1062 Kalidou Koulibaly DF 259 15 (5) 2014-2023
43%
1317 Keita Baldé MF, FW 240 55 (19) 2013-2021, 2024-2025
43%
245 Kevin Davies FW 375 72 (48) 2000-2012
43%
1593 Kevin Strootman MF 220 13 (31) 2013-2021, 2023-2024
43%
4131 Kily González MF, FW 112 6 (13) 2000-2006
43%
801 Koen Casteels GK 283 0 (1) 2012-2024
43%
841 Kwadwo Asamoah DF, MF 279 12 (19) 2008-2021
43%
1543 Leandro Paredes MF 224 15 (15) 2013-2016, 2018-2025
43%
4094 Lucas Barrios FW 113 50 (9) 2009-2011, 2014-2015
43%
2046 Lucas Castro MF 191 21 (22) 2012-2013, 2015-2020
43%
174 Lucas Leiva MF 402 3 (19) 2007-2022
43%
614 Lucas Moura MF, FW 305 54 (45) 2012-2023
43%
437 Lúcio DF 333 25 (10) 2000-2013
43%
714 Ludovic Blas MF, FW 293 48 (35) 2015-2025
43%
389 Ludovic Giuly MF, FW 342 75 (50) 2000-2010, 2012-2013
43%
956 Luís Figo MF, FW 269 45 (76) 2000-2009
43%
4204 Luis Jiménez MF, FW 110 19 (11) 2005-2011
43%
2343 Luka Jović MF, FW 177 46 (15) 2017-2025
43%
771 Lukas Podolski MF, FW 287 90 (45) 2003-2004, 2005-2015
43%
3293 Luuk de Jong FW 138 22 (4) 2012-2013, 2019-2022
43%
2684 Maik Taylor GK 163 0 (0) 2001-2005, 2007-2008, 2009-2010
43%
214 Makoto Hasebe DF, MF 384 7 (19) 2007-2024
43%
2610 Mama Samba Baldé MF, FW 166 32 (13) 2019-2025
43%
1714 Mame Biram Diouf DF, MF, FW 211 53 (22) 2009-2018
43%
1832 Manuel Akanji DF, MF 204 6 (2) 2017-2025
43%
3003 Manuel Belleri DF 149 3 (4) 2002-2009
43%
2396 Manuel dos Santos DF 175 2 (8) 2000-2003, 2005-2008
43%
1077 Manuel Friedrich DF 258 16 (3) 2003-2014
43%
1337 Marc Bartra DF, MF 239 15 (9) 2009-2021, 2023-2025
43%
1272 Marcell Jansen DF, MF 242 25 (19) 2004-2015
43%
1043 Marcelo Brozović MF 261 25 (35) 2014-2023
43%
3884 Marcelo Romero MF 119 4 (2) 2001-2006
43%
1203 Marcel Sabitzer DF, MF, FW 247 39 (28) 2016-2025
43%
4581 Marco Caligiuri DF, MF 100 6 (3) 2005-2006, 2010-2014
43%
2344 Marco Motta DF 177 3 (5) 2004-2014
43%
4136 Marcos Acuña DF 112 6 (9) 2020-2024
43%
873 Marco Verratti MF 276 7 (37) 2012-2023
43%
3964 Marek Heinz MF, FW 117 10 (5) 2000-2002, 2004-2007
43%
3592 Mark Delaney DF 128 1 (4) 2000-2006
43%
4163 Mark González MF, FW 111 21 (8) 2004-2009
43%
4098 Martin Max FW 113 52 (10) 2000-2004
43%
1273 Martin Škrtel DF 242 16 (5) 2007-2016
43%
4312 Martin Taylor DF 107 4 (0) 2001-2005, 2007-2008
43%
2702 Marvin Friedrich DF 162 8 (3) 2014-2015, 2019-2025
43%
2260 Marwin Hitz GK 181 1 (0) 2009-2011, 2013-2022
43%
2977 Mason Greenwood MF, FW 150 51 (15) 2018-2021, 2023-2025
43%
1967 Matheus Cunha MF, FW 196 49 (25) 2018-2025
43%
685 Mathieu Valbuena MF, FW 298 36 (50) 2006-2013, 2015-2017
43%
481 Matthew Taylor DF, MF 325 40 (24) 2003-2010, 2012-2015
43%
926 Matt Upson DF 271 9 (4) 2000-2012, 2014-2015
43%
1777 Maximilian Mittelstädt DF, MF, FW 207 5 (24) 2015-2025
43%
595 Max Kruse MF, FW 307 97 (70) 2007-2008, 2010-2011, 2012-2018, 2020-2023
43%
3805 Mehmet Scholl MF 122 26 (29) 2000-2007
43%
1417 Memphis MF, FW 233 87 (46) 2015-2024
43%
2437 Michael Brown MF 173 4 (9) 2003-2010
43%
3990 Michael Olise MF, FW 116 26 (37) 2021-2025
43%
3353 Michael Rensing GK 136 0 (0) 2003-2012, 2018-2019
43%
804 Mike Hanke FW 283 57 (22) 2001-2014
43%
2264 Mikel González DF 181 3 (2) 2005-2006, 2010-2017
43%
3092 Milan Baroš FW 146 35 (12) 2002-2008
43%
1050 Milan Škriniar DF, MF 260 10 (1) 2015-2025
43%
3636 Mohamed Ali Cho MF, FW 127 9 (9) 2020-2025
43%
2686 Mohamed Fofana DF 163 3 (3) 2004-2016
43%
3930 Moisés Caicedo DF, MF 118 4 (7) 2021-2025
43%
3737 Moussa Konaté FW 124 28 (6) 2013-2014, 2017-2021
43%
826 Nabil Fekir MF, FW 280 75 (53) 2013-2025
43%
1274 Nacho DF 242 12 (7) 2010-2011, 2012-2024
43%
1565 Nacho DF, MF 222 13 (14) 2002-2003, 2004-2008, 2011-2014
43%
3005 Nacho DF 149 2 (8) 2012-2015, 2018-2021
43%
148 Nacho Monreal DF 414 14 (22) 2006-2021
43%
2815 Nahuel Molina DF 157 15 (15) 2020-2025
43%
280 Naldo DF 365 46 (13) 2005-2009, 2011-2019
43%
3931 Nando Rafael FW 118 26 (5) 2002-2006, 2011-2013
43%
3094 Neil Taylor DF, MF 146 0 (5) 2011-2016, 2019-2021
43%
1206 Nélson Semedo DF, MF 247 3 (10) 2017-2025
43%
1103 Nelson Valdez FW 256 52 (17) 2002-2010, 2012-2013, 2014-2015
43%
2816 Nicolás González MF, FW 157 36 (16) 2018-2019, 2020-2025
43%
2491 Nicolás Otamendi DF 171 14 (0) 2014-2020
43%
1054 Nigel de Jong MF 260 9 (8) 2005-2015, 2017-2018
43%
1034 Nolito MF, FW 262 64 (35) 2010-2011, 2012-2022
43%
1463 Nwankwo Kanu FW 230 36 (23) 2000-2010
43%
3448 Ole Gunnar Solskjær FW 133 43 (21) 2000-2003, 2005-2007
43%
3118 Oleksandr Zinchenko DF, MF 145 2 (12) 2017-2025
43%
4033 Olivier Bernard DF 115 6 (6) 2001-2005
43%
2199 Ollie Watkins FW 184 75 (34) 2020-2025
43%
2438 Owen Hargreaves MF 173 7 (20) 2000-2012
43%
220 Pablo Zabaleta DF, MF 383 12 (23) 2005-2020
43%
2726 Paolo Guerrero FW 161 47 (17) 2004-2012
43%
3266 Pape Gueye DF, MF 139 9 (5) 2020-2025
43%
337 Patrick Herrmann DF, MF, FW 351 47 (43) 2009-2024
43%
1586 Patrik Schick MF, FW 221 90 (11) 2016-2025
43%
4593 Paulo César DF, MF 100 8 (7) 2002-2003, 2005-2009
43%
3205 Paulo Ferreira DF 141 0 (4) 2004-2013
43%
3600 Pedro Porro DF, MF 128 8 (20) 2018-2019, 2022-2025
43%
67 Peter Crouch FW 468 106 (58) 2001-2019
43%
1217 Péter Gulácsi GK 246 0 (1) 2016-2025
43%
2286 Philipp Max DF, MF 180 16 (25) 2013-2014, 2015-2019, 2022-2024
43%
396 Pierre Højbjerg MF 340 16 (24) 2012-2025
43%
1081 Piotr Trochowski MF 258 24 (30) 2002-2013, 2015-2016
43%
2708 Rafa DF, MF 162 3 (2) 2003-2004, 2007-2015
43%
1700 Rafael DF, MF 212 7 (18) 2008-2020
43%
4247 Rafael GK 109 0 (1) 2013-2017, 2019-2021
43%
743 Raffael MF, FW 290 83 (45) 2007-2009, 2011-2020
43%
1456 Ralf Fährmann GK 231 0 (0) 2008-2011, 2013-2020, 2022-2023
43%
1118 Rani Khedira DF, MF 255 9 (6) 2013-2014, 2016-2025
43%
596 Raphaël Guerreiro DF, MF 307 47 (47) 2013-2025
43%
1623 Raúl Jiménez FW 218 60 (23) 2014-2015, 2018-2025
43%
1598 Rémi Gomis MF 220 8 (4) 2007-2016
43%
3676 Renan Lodi DF, FW 126 4 (7) 2019-2024
43%
2287 Robbie Fowler FW 180 54 (16) 2000-2006, 2008-2009
43%
239 Roberto Soldado FW 377 136 (44) 2005-2016, 2019-2022
43%
648 Robert Pirès MF, FW 302 75 (53) 2000-2011
43%
1174 Robinho MF, FW 250 64 (41) 2005-2014
43%
1516 Roy Makaay FW 226 135 (36) 2000-2007
43%
832 Rubén Castro MF, FW 280 93 (22) 2000-2001, 2004-2007, 2011-2013, 2015-2018
43%
2347 Rúben Neves MF 177 21 (9) 2018-2023
43%
3968 Ryan Taylor DF, MF 117 8 (11) 2005-2008, 2010-2012, 2014-2015
43%
439 Sami Hyypiä DF 333 23 (8) 2000-2011
43%
587 Sami Khedira MF 308 41 (28) 2006-2021
43%
1251 Santiago Cañizares GK 244 0 (0) 2000-2008
43%
962 Santi Mina MF, FW 269 63 (20) 2012-2022
43%
289 Saúl Ñíguez DF, MF 363 33 (25) 2012-2025
43%
2127 Sávio MF 187 31 (31) 2000-2008
43%
1872 Sean Davis MF 202 11 (15) 2001-2010
43%
553 Sebastian Kehl DF, MF 313 23 (16) 2000-2015
43%
1422 Sebastian Rode MF 233 15 (11) 2010-2011, 2012-2016, 2018-2024
43%
305 Sebastian Rudy MF 358 17 (38) 2008-2023
43%
1030 Seko Fofana MF 263 32 (24) 2015-2022, 2024-2025
43%
2172 Sergi Guardiola MF, FW 185 24 (8) 2018-2025
43%
364 Sergio MF 346 33 (38) 2000-2011
43%
1688 Sergio DF 213 7 (4) 2001-2003, 2005-2012
43%
2422 Sergio Herrera GK 174 0 (0) 2019-2025
43%
1737 Serhou Guirassy FW 210 95 (11) 2015-2025
43%
374 Shane Long FW 344 56 (24) 2006-2007, 2011-2022
43%
530 Shaun Wright-Phillips MF, FW 316 32 (35) 2000-2001, 2002-2012, 2014-2015
43%
986 Shinji Okazaki MF, FW 267 52 (9) 2010-2018, 2020-2021
43%
1325 Shkodran Mustafi DF 240 16 (5) 2012-2022
43%
3808 Sidney Sam MF, FW 122 26 (16) 2007-2008, 2010-2017
43%
669 Simon Davies MF 300 27 (35) 2000-2012
43%
2495 Stephen Ward DF, FW 171 6 (5) 2009-2011, 2014-2015, 2016-2019
43%
4596 Steve McManaman MF 100 5 (7) 2000-2005
43%
608 Steven Davis MF 306 17 (20) 2004-2007, 2012-2019
43%
1873 Steven Fletcher FW 202 55 (14) 2009-2016
43%
2007 Steven Taylor DF 194 12 (4) 2003-2008, 2010-2016
43%
1437 Sylvain Wiltord MF, FW 232 58 (30) 2000-2009
43%
1990 Takefusa Kubo MF, FW 195 27 (13) 2019-2025
43%
2052 Tanguy Ndombele MF 191 9 (22) 2017-2022, 2024-2025
43%
2423 Teddy Sheringham FW 174 54 (20) 2000-2003, 2005-2007
43%
341 Thiago Motta MF 350 31 (22) 2001-2018
43%
3065 Thomas Delaney MF 147 13 (12) 2016-2023
43%
1128 Thomas Hitzlsperger MF 254 31 (29) 2000-2013
43%
1129 Thomas Lemar MF, FW 254 26 (40) 2014-2025
43%
2524 Thomas Meunier DF, MF 170 13 (17) 2016-2025
43%
965 Tim Wiese GK 269 0 (0) 2002-2013
43%
2676 Tom Davies MF 164 6 (5) 2015-2024
43%
4142 Trevoh Chalobah DF, MF 112 9 (4) 2020-2025
43%
2468 Tyrone Mings DF 172 6 (9) 2015-2025
43%
2312 Unai Núñez DF 179 3 (1) 2017-2025
43%
2273 Valérien Ismaël DF 181 13 (8) 2000-2009
43%
347 Vedad Ibišević FW 349 127 (39) 2004-2005, 2006-2007, 2008-2021
43%
2892 Victor Wanyama MF 154 10 (3) 2013-2020
43%
2334 Vitinha MF, FW 178 23 (14) 2020-2021, 2022-2025
43%
3069 Vladimír Coufal DF 147 0 (19) 2020-2025
43%
898 Wayne Bridge DF 274 2 (19) 2000-2012
43%
725 Wes Brown DF 292 4 (9) 2000-2011, 2013-2016
43%
3455 Wesley Sneijder MF 133 24 (23) 2007-2012, 2017-2018
43%
342 William Gallas DF 350 27 (5) 2000-2013
43%
2204 Willy Sagnol DF 184 7 (26) 2000-2008
43%
2220 Wout Weghorst FW 183 68 (26) 2018-2024
43%
2314 Yangel Herrera MF, FW 179 17 (10) 2018-2025
43%
4549 Yehvann Diouf GK 101 0 (0) 2020-2021, 2022-2025
43%
3243 Yerry Mina DF 140 10 (2) 2017-2025
43%
523 Yoann Gourcuff MF 318 47 (47) 2003-2019
43%
1761 Youssouf Fofana MF 208 10 (22) 2018-2025
43%
1424 Yussuf Poulsen MF, FW 233 49 (22) 2016-2025
43%
2571 Zé Castro DF 168 5 (4) 2006-2010, 2012-2016
43%
2822 Zvjezdan Misimović MF 157 37 (48) 2002-2004, 2006-2011
43%
555 Aaron Cresswell DF, MF 312 10 (26) 2014-2025
29%
153 Aaron Hughes DF 410 3 (11) 2000-2014
29%
268 Abdoulaye Doucouré MF, FW 368 48 (37) 2012-2025
29%
4363 Abdoul Camara MF, FW 105 5 (2) 2008-2009, 2010-2013, 2015-2016, 2017-2018
29%
4040 Abdou Traoré MF 114 3 (0) 2008-2017
29%
1056 Adama Traoré DF, MF, FW 259 14 (27) 2013-2014, 2015-2016, 2018-2025
29%
1704 Ademola Lookman MF, FW 211 55 (27) 2016-2025
29%
2093 Alan Shearer FW 188 84 (18) 2000-2006
29%
2758 Alberto de la Bella DF 159 5 (11) 2010-2015, 2017-2018
29%
306 Aleksandar Kolarov DF 357 34 (38) 2007-2022
29%
3545 Aleksandar Mitrović FW 129 38 (11) 2015-2016, 2017-2018, 2020-2021, 2022-2024
29%
1740 Alessandro Bastoni DF 209 6 (15) 2016-2025
29%
867 Alexander Meier MF, FW 276 93 (27) 2001-2002, 2003-2004, 2005-2010, 2012-2018
29%
2116 Alexander Nübel GK 187 0 (1) 2015-2016, 2017-2025
29%
1386 Alex Oxlade-Chamberlain MF, FW 235 20 (24) 2011-2023
29%
3216 Alfreð Finnbogason FW 140 39 (10) 2014-2022
29%
987 Alisson GK 266 1 (3) 2017-2025
29%
1340 Allan Saint-Maximin MF, FW 238 25 (31) 2013-2023
29%
2023 Álvaro DF 192 16 (5) 2000-2001, 2003-2008
29%
1223 Álvaro Arbeloa DF 245 5 (13) 2004-2005, 2006-2017
29%
115 Álvaro Negredo FW 429 145 (43) 2007-2016, 2020-2024
29%
3748 Álvaro Odriozola DF 123 3 (13) 2016-2025
29%
2574 Álvaro Vázquez FW 167 26 (8) 2010-2017
29%
2919 Andreas Ivanschitz MF 152 26 (20) 2009-2015
29%
3013 Andreas Ottl MF 148 6 (7) 2005-2013
29%
626 Andre-Frank Zambo Anguissa MF 303 11 (16) 2015-2025
29%
4008 Andre Gray FW 115 23 (7) 2016-2020
29%
652 Andrej Kramarić MF, FW 301 128 (56) 2014-2025
29%
2377 Andriy Voronin MF, FW 175 53 (22) 2003-2009, 2012-2013
29%
1190 Andy Carroll FW 248 54 (22) 2006-2008, 2010-2021
29%
423 Ángel Correa MF, FW 335 68 (41) 2015-2025
29%
2714 Angeliño DF, FW 161 9 (21) 2019-2025
29%
768 Angelo Ogbonna DF 287 8 (2) 2006-2007, 2008-2009, 2012-2024
29%
4182 Angelo Stiller MF 110 5 (15) 2021-2025
29%
4228 Anthony Jung DF, MF, FW 109 4 (6) 2016-2017, 2022-2025
29%
141 Anthony Réveillère DF 417 6 (20) 2000-2015
29%
39 Antonio Candreva DF, MF, FW 502 85 (86) 2007-2008, 2009-2024
29%
186 Antonio Cassano FW 396 112 (91) 2000-2016
29%
3817 Antonio Tomás MF 121 0 (1) 2005-2012
29%
4010 Anwar El Ghazi MF, FW 115 20 (10) 2016-2017, 2019-2021, 2023-2024
29%
4295 Armand Traoré DF, MF 107 1 (4) 2007-2012, 2014-2015
29%
2678 Arouna Koné FW 163 35 (15) 2007-2017
29%
3275 Arthur Melo MF 138 6 (7) 2018-2021, 2023-2025
29%
2055 Artur Boruc GK 190 0 (1) 2010-2013, 2015-2016, 2018-2019
29%
2406 Axel Disasi DF 174 11 (3) 2018-2025
29%
2963 Bakari Koné FW 150 42 (16) 2005-2010
29%
3718 Bakary Koné DF 124 7 (1) 2011-2018
29%
3820 Bas Dost FW 121 48 (12) 2012-2016, 2019-2021
29%
3791 Benjamin Hübner DF 122 8 (9) 2015-2019, 2021-2022
29%
2647 Bertrand Traoré MF, FW 164 33 (16) 2015-2016, 2017-2024
29%
3792 Beto FW 122 32 (1) 2021-2025
29%
4415 Borja Bastón FW 104 26 (4) 2009-2010, 2015-2020
29%
1242 Boudewijn Zenden DF, FW 244 25 (20) 2000-2011
29%
3106 Brice Samba GK 145 0 (0) 2013-2014, 2017-2018, 2022-2025
29%
3823 Bruno Basto DF 121 0 (3) 2000-2006
29%
2276 Bruno Guimarães MF 180 24 (24) 2019-2025
29%
3582 Bryan Hughes MF 128 10 (6) 2002-2006, 2008-2009
29%
949 Carlos Bacca FW 269 93 (25) 2013-2022
29%
745 Carlos Vela MF, FW 289 74 (41) 2007-2018
29%
3753 César Palacios MF 123 3 (2) 2000-2004, 2008-2009
29%
3794 Charles Traore DF, FW 122 1 (4) 2015-2016, 2017-2023
29%
3691 Cheick Doucouré MF 125 3 (8) 2020-2025
29%
3170 Christian Amoroso MF 142 6 (6) 2000-2004, 2008-2009
29%
361 Christian Günter DF, MF 346 13 (42) 2012-2014, 2016-2025
29%
3128 Christian Lell DF 144 4 (6) 2003-2004, 2005-2008, 2011-2014
29%
428 Christian Maggio DF, MF 334 32 (29) 2000-2001, 2004-2017, 2020-2021
29%
300 Christian Schulz DF, MF 358 23 (8) 2002-2016
29%
1767 Christian Träsch DF, MF 207 5 (15) 2007-2017
29%
1662 Christian Wörns DF 214 13 (6) 2000-2008
29%
344 Christophe Jallet DF 349 15 (30) 2006-2020
29%
2035 Christopher Samba DF 191 16 (6) 2005-2013
29%
921 Christoph Kramer MF 271 10 (6) 2013-2024
29%
1614 Clint Dempsey MF, FW 218 57 (19) 2006-2014
29%
1483 Cristiano Del Grosso DF 228 3 (9) 2005-2009, 2011-2015
29%
401 Cristián Zapata DF 339 9 (3) 2005-2021
29%
1768 Dan Burn DF 207 6 (4) 2013-2014, 2019-2025
29%
1412 Dani Ceballos MF, FW 233 7 (15) 2013-2014, 2015-2025
29%
2378 Daniel Agger DF 175 9 (6) 2005-2014
29%
653 Daniel Baier MF 301 6 (16) 2003-2004, 2007-2008, 2009-2010, 2011-2020
29%
2450 Daniele Rugani DF 172 12 (2) 2014-2024
29%
3248 Dani Güiza FW 139 52 (19) 2000-2001, 2002-2003, 2005-2007, 2011-2012
29%
2025 Danijel Subašić GK 192 0 (0) 2013-2019
29%
3044 Danny Collins DF 147 3 (4) 2005-2006, 2007-2011
29%
236 Danny Murphy MF 377 48 (52) 2000-2012
29%
4116 Dario Hübner FW 112 58 (6) 2000-2004
29%
4081 David Raum DF, MF, FW 113 6 (26) 2021-2025
29%
1226 David Trezeguet FW 245 135 (22) 2000-2005, 2007-2011
29%
2826 Deco MF 156 18 (36) 2004-2010
29%
1731 Dejan Kulusevski MF, FW 210 37 (36) 2018-2025
29%
493 Dejan Stanković MF 323 44 (50) 2000-2013
29%
1732 Demarai Gray MF, FW 210 20 (16) 2015-2023
29%
3553 Denílson MF 129 10 (20) 2001-2006
29%
1996 Denis Zakaria DF, MF 194 22 (10) 2017-2025
29%
3613 Destiny Udogie DF 127 10 (11) 2020-2025
29%
782 Diego Benaglio GK 285 0 (0) 2007-2019
29%
1628 Dietmar Hamann MF 217 7 (19) 2000-2009
29%
2060 Diogo Jota MF, FW 190 63 (20) 2018-2025
29%
846 Djibril Sidibé DF, MF 278 11 (29) 2012-2021, 2024-2025
29%
2012 Djimi Traoré DF 193 0 (1) 2000-2007, 2009-2012
29%
539 Domenico Berardi MF, FW 314 122 (78) 2013-2024
29%
2717 Dominic Solanke MF, FW 161 38 (16) 2017-2019, 2022-2025
29%
377 Duda DF, FW 343 34 (54) 2001-2002, 2003-2017
29%
3400 Dušan Tadić MF, FW 134 21 (28) 2014-2018
29%
1865 Dušan Vlahović FW 202 87 (16) 2018-2025
29%
474 Duván Zapata FW 326 124 (43) 2013-2025
29%
3077 Eberechi Eze MF, FW 146 34 (23) 2020-2025
29%
1733 Edmílson DF, MF 210 4 (7) 2000-2011
29%
2807 Edmond Tapsoba DF 157 3 (1) 2019-2025
29%
1145 Edu MF, FW 252 61 (26) 2000-2009
29%
4049 Eirik Bakke MF 114 6 (5) 2000-2003, 2005-2006
29%
1499 Emerson MF 227 18 (17) 2000-2009
29%
2454 Emerson DF, MF 172 8 (12) 2018-2025
29%
2846 Emi Buendía MF, FW 155 13 (16) 2014-2015, 2019-2020, 2021-2022, 2024-2025
29%
228 Emile Heskey FW 380 74 (35) 2000-2012
29%
4305 Enrique Sola FW 107 21 (2) 2006-2008, 2010-2016
29%
574 Éric Abidal DF 310 0 (9) 2000-2014
29%
1314 Erik Pieters DF, MF 240 2 (14) 2013-2022
29%
4261 Exequiel Palacios MF 108 11 (14) 2019-2025
29%
1826 Fabian Delph DF, MF 204 7 (8) 2009-2022
29%
1071 Fabian Ernst MF 258 12 (21) 2000-2009
29%
2628 Fábio DF, FW 165 1 (5) 2009-2013, 2016-2017, 2018-2023
29%
1058 Fabio Grosso DF, MF 259 14 (18) 2001-2012
29%
155 Fabricio Coloccini DF, MF 409 16 (3) 2001-2008, 2010-2016
29%
355 Federico Fazio DF 347 26 (4) 2007-2024
29%
4262 Felipe DF 108 3 (2) 2019-2024
29%
1742 Felipe Melo DF, MF 209 21 (9) 2004-2010, 2015-2017
29%
3617 Fernando Cáceres DF 127 1 (3) 2000-2004
29%
4120 Fernando Hierro DF, MF 112 11 (2) 2000-2002, 2004-2005
29%
1400 Fernando Morientes FW 234 68 (17) 2000-2010
29%
1469 Filippo Inzaghi FW 229 83 (20) 2000-2012
29%
2061 Florian Neuhaus MF 190 22 (22) 2018-2025
29%
383 Florian Thauvin MF, FW 342 99 (50) 2012-2020, 2022-2025
29%
3249 Fran MF 139 10 (17) 2000-2005
29%
4264 Francesc Arnau GK 108 0 (0) 2000-2001, 2002-2005, 2008-2009, 2010-2011
29%
2298 Francesco Toldo GK 179 1 (0) 2000-2009
29%
2741 Francileudo Santos FW 160 39 (14) 2001-2009
29%
1429 Franck Kessié DF, MF 232 42 (12) 2016-2023
29%
1193 Franco Di Santo MF, FW 248 36 (17) 2008-2019
29%
1229 Franco Vázquez MF, FW 245 39 (31) 2011-2012, 2014-2021
29%
356 Frank Rost GK 347 1 (0) 2000-2011
29%
2847 Fraser Forster GK 155 0 (0) 2014-2018, 2020-2022, 2024-2025
29%
125 Gabi MF 424 21 (39) 2003-2007, 2009-2018
29%
498 Gabriel Agbonlahor MF, FW 322 74 (34) 2005-2016
29%
937 Gabriel Paulista DF 270 9 (4) 2013-2024
29%
976 Gastón Ramírez MF, FW 267 35 (34) 2010-2021
29%
541 Gennaro Gattuso MF 314 8 (17) 2000-2012
29%
1031 Georginio Wijnaldum MF 262 30 (18) 2015-2023
29%
1201 Gianluca Mancini DF, MF 247 18 (7) 2017-2025
29%
469 Gianluca Zambrotta DF 327 10 (26) 2000-2012
29%
3621 Giorgi Mamardashvili GK 127 0 (0) 2021-2025
29%
1177 Giovanni Di Lorenzo DF, FW 249 19 (28) 2018-2025
29%
1683 Gonçalo Guedes MF, FW 213 34 (33) 2016-2025
29%
4122 Gonzalo de los Santos MF 112 6 (4) 2000-2005
29%
2785 Grafite FW 158 76 (17) 2005-2011
29%
712 Grégory Coupet GK 293 0 (0) 2000-2011
29%
2560 Grzegorz Krychowiak MF 168 10 (3) 2011-2018
29%
3379 Guglielmo Vicario GK 135 0 (0) 2020-2025
29%
995 Hamari Traoré DF 265 7 (27) 2015-2016, 2017-2025
29%
2160 Hamed Junior Traorè MF, FW 185 28 (12) 2018-2025
29%
2514 Harry Winks MF 170 2 (5) 2016-2022, 2024-2025
29%
1178 Hasan Salihamidžić DF, MF 249 33 (32) 2000-2012
29%
455 Hatem Ben Arfa MF, FW 330 55 (38) 2004-2016, 2018-2022
29%
408 Heiko Westermann DF, MF 338 27 (9) 2005-2016
29%
3251 Hélder Postiga FW 139 31 (6) 2003-2004, 2005-2006, 2011-2015
29%
2161 Henri Camara FW 185 53 (13) 2001-2009
29%
3404 Hugo Almeida FW 134 42 (10) 2006-2010, 2014-2016
29%
2386 Ibrahima Traoré MF, FW 175 12 (19) 2007-2008, 2011-2021
29%
721 Ignazio Abate DF, MF 292 5 (18) 2007-2019
29%
108 Iker Muniain MF, FW 434 56 (36) 2009-2024
29%
2137 Ismaël Bennacer MF 186 7 (14) 2018-2025
29%
996 Ismaël Traoré DF 265 17 (7) 2012-2013, 2015-2021, 2023-2024
29%
3343 Ivan Ilić MF 136 9 (8) 2020-2025
29%
1060 Ivan Klasnić FW 259 76 (34) 2001-2013
29%
2164 Jacob Murphy DF, MF, FW 185 19 (28) 2017-2018, 2020-2025
29%
839 James Collins DF 279 11 (1) 2005-2018
29%
1563 James Maddison MF, FW 222 56 (48) 2018-2025
29%
565 James Morrison MF, FW 311 32 (33) 2003-2006, 2008-2009, 2010-2018
29%
635 James Tarkowski DF 303 10 (8) 2016-2025
29%
1867 Jan Koller FW 202 73 (28) 2001-2008
29%
1905 Jarrod Bowen MF, FW 200 56 (38) 2016-2017, 2019-2025
29%
675 Javier Pastore MF, FW 299 46 (55) 2009-2023
29%
1315 Javier Saviola FW 240 79 (25) 2001-2008, 2012-2013, 2014-2015
29%
1074 Jeffrey Gouweleeuw DF 258 7 (9) 2015-2025
29%
681 Jens Lehmann GK 298 0 (1) 2000-2011
29%
210 Jérémy Mathieu DF 385 24 (22) 2002-2017
29%
127 Jérémy Toulalan DF, MF 423 5 (14) 2001-2018
29%
4429 Jesper Lindstrøm MF, FW 104 12 (7) 2021-2025
29%
4384 Jesús Vázquez MF 105 8 (0) 2006-2008, 2012-2013
29%
1446 Jlloyd Samuel DF, MF 231 2 (11) 2000-2010
29%
3290 Joakim Mæhle DF, MF 138 9 (13) 2020-2025
29%
340 Joan Capdevila DF 350 30 (14) 2000-2010, 2012-2014
29%
1133 Joaquín Correa MF, FW 253 41 (17) 2014-2025
29%
1920 Joe Allen MF 199 16 (11) 2011-2018
29%
1696 Johan Djourou DF 212 3 (1) 2005-2016, 2018-2019
29%
1042 John Carew FW 261 74 (20) 2000-2003, 2005-2011
29%
2519 John Heitinga DF, MF 170 7 (4) 2008-2015
29%
762 Joleon Lescott DF 288 23 (9) 2006-2017
29%
1487 Jonas Hector DF, MF 228 12 (19) 2014-2017, 2019-2023
29%
1887 Jonas Olsson DF 201 8 (6) 2008-2009, 2010-2017
29%
4464 Jonas Wind MF, FW 103 31 (11) 2021-2025
29%
3346 Jonathan Burkardt MF, FW 136 41 (9) 2018-2025
29%
2850 Jonathan Viera MF, FW 155 30 (31) 2012-2013, 2015-2017, 2023-2024
29%
2001 Jonathan Woodgate DF 194 4 (3) 2000-2003, 2005-2009, 2011-2012
29%
3226 Jon Dahl Tomasson MF, FW 140 37 (11) 2002-2008
29%
851 Jonjo Shelvey MF 278 23 (27) 2010-2015, 2017-2023
29%
213 Jordan Veretout MF 384 51 (39) 2013-2025
29%
1181 José Ángel DF, MF 249 5 (20) 2008-2013, 2016-2022
29%
145 José Antonio Reyes MF 416 64 (76) 2001-2007, 2009-2017
29%
1932 José Enrique DF 198 2 (11) 2005-2008, 2010-2015
29%
566 José Luis Gayà DF, MF 311 8 (30) 2013-2025
29%
403 Josip Iličić MF, FW 339 96 (56) 2010-2022
29%
1022 Josip Šimunić DF 263 4 (4) 2000-2011
29%
3732 Joško Gvardiol DF 124 12 (3) 2021-2025
29%
2659 Josué MF 164 2 (4) 2007-2013
29%
415 Josuha Guilavogui DF, MF 337 16 (13) 2009-2024
29%
1316 Juan Bernat DF, MF, FW 240 6 (21) 2011-2022, 2024-2025
29%
2392 Juan Pablo Ángel FW 175 44 (14) 2000-2007
29%
2188 Juliano Belletti DF, MF 184 11 (14) 2002-2010
29%
1854 Julian Weigl DF, MF 203 6 (5) 2015-2019, 2022-2025
29%
1247 Julio Ricardo Cruz FW 244 80 (28) 2000-2010
29%
104 Jussi Jääskeläinen GK 436 0 (3) 2001-2015
29%
1293 Karim Bellarabi DF, MF, FW 241 37 (42) 2011-2023
29%
3134 Karim Rekik DF 144 5 (6) 2012-2013, 2015-2023
29%
1773 Kepa Arrizabalaga GK 207 0 (0) 2016-2025
29%
2189 Kerem Demirbay MF 184 22 (35) 2013-2014, 2016-2023
29%
3589 Keven Schlotterbeck DF 128 10 (2) 2018-2025
29%
978 Kevin Kampl MF 267 13 (19) 2014-2025
29%
787 Kim Källström MF 285 37 (38) 2003-2011, 2013-2014
29%
2105 Konrad Laimer DF, MF 188 12 (18) 2017-2025
29%
3630 Koray Günter DF 127 1 (2) 2013-2014, 2018-2023
29%
569 Kurt Zouma DF 311 19 (4) 2011-2024
29%
3348 Kyriakos Papadopoulos DF, MF 136 8 (4) 2010-2018
29%
1450 Lamine Koné DF 231 12 (5) 2010-2016, 2018-2021
29%
3920 Lamine Sakho MF, FW 118 22 (4) 2000-2007
29%
242 Lars Stindl MF, FW 376 85 (56) 2007-2008, 2010-2023
29%
3962 Laure DF 117 1 (1) 2007-2010, 2012-2013, 2014-2017
29%
2190 Lauren DF 184 7 (8) 2000-2008
29%
1754 Leandro Trossard MF, FW 208 46 (31) 2019-2025
29%
135 Leighton Baines DF 420 32 (53) 2005-2020
29%
2045 Leonardo Spinazzola DF, MF, FW 191 6 (21) 2014-2015, 2016-2025
29%
1476 Leon Bailey DF, MF, FW 229 44 (35) 2016-2025
29%
2461 Lewis Cook DF, MF, FW 172 1 (11) 2016-2019, 2022-2025
29%
990 Lewis Dunk DF 266 16 (6) 2017-2025
29%
1023 Lewis Holtby MF 263 28 (32) 2009-2017, 2024-2025
29%
3349 Lincoln MF 136 32 (34) 2001-2007
29%
561 Loïc Rémy FW 312 107 (18) 2006-2020
29%
475 Lucas Ocampos MF, FW 326 58 (31) 2013-2025
29%
1965 Lucas Paquetá MF, FW 196 31 (22) 2018-2025
29%
576 Lucas Vázquez DF, MF, FW 310 29 (47) 2014-2025
29%
3734 Ludwig Augustinsson DF, FW 124 2 (11) 2017-2023
29%
2750 Luís Fabiano FW 160 72 (14) 2000-2001, 2005-2011
29%
4275 Luiz Araújo MF, FW 108 14 (8) 2017-2021
29%
3326 Luiz Felipe DF 137 2 (3) 2017-2025
29%
562 Luiz Gustavo DF, MF 312 22 (10) 2008-2020
29%
1075 Luke Shaw DF, MF 258 3 (17) 2012-2025
29%
4438 Maarten Stekelenburg GK 104 0 (0) 2011-2017
29%
4579 Mahamane Traoré MF 100 9 (3) 2006-2009, 2012-2013, 2015-2016
29%
2235 Mahdi Camara DF, MF, FW 182 20 (8) 2018-2025
29%
1076 Mamadou Niang FW 258 101 (29) 2000-2011
29%
485 Mamadou Sakho DF 324 10 (2) 2007-2024
29%
2081 Mancini MF, FW 189 40 (31) 2003-2011
29%
4346 Maniche MF 106 10 (6) 2005-2010
29%
3386 Manuel Almunia GK 135 0 (2) 2002-2004, 2006-2011
29%
3633 Manu Koné MF 127 6 (2) 2018-2019, 2021-2025
29%
577 Marc Albrighton DF, MF, FW 310 20 (44) 2009-2023
29%
3883 Marc Bertrán DF 119 1 (8) 2001-2003, 2005-2006, 2009-2010, 2011-2014
29%
4439 Marcel Desailly DF, MF 104 5 (3) 2000-2004
29%
895 Marcelo Bordon DF 274 24 (12) 2000-2010
29%
1091 Marcel Schäfer DF, MF 257 13 (26) 2003-2004, 2007-2017
29%
4025 Márcio Amoroso FW 115 41 (15) 2000-2006
29%
1365 Marco Amelia GK 237 0 (0) 2003-2014
29%
3259 Marco Bizot GK 139 0 (1) 2021-2025
29%
417 Marco Borriello FW 337 96 (20) 2002-2018
29%
2812 Marco Friedl DF, MF 157 2 (3) 2017-2020, 2022-2025
29%
1672 Marco Materazzi DF 214 30 (5) 2000-2011
29%
1506 Marek Jankulovski DF, MF 227 22 (25) 2000-2001, 2002-2011
29%
550 Mario Yepes DF 313 13 (7) 2001-2014
29%
2878 Mark Flekken GK 154 0 (3) 2018-2025
29%
308 Marko Arnautović MF, FW 357 90 (48) 2009-2018, 2021-2025
29%
3030 Marko Marin MF, FW 148 13 (37) 2006-2007, 2008-2014
29%
105 Mark Schwarzer GK 436 0 (1) 2000-2015
29%
4096 Markus Babbel DF 113 8 (7) 2000-2007
29%
2195 Markus Rosenberg FW 184 49 (17) 2006-2014
29%
862 Martín Cáceres DF 277 16 (8) 2007-2022
29%
349 Martín Demichelis DF, MF 348 22 (9) 2003-2017
29%
2701 Martin Dúbravka GK 162 0 (0) 2017-2025
29%
2068 Martin Hinteregger DF, MF 190 17 (2) 2015-2022
29%
1950 Martin Olsson DF, MF 197 5 (7) 2007-2011, 2013-2014, 2015-2018
29%
731 Martin Petrov MF, FW 291 47 (64) 2001-2013
29%
3531 Marvin Ducksch FW 130 34 (24) 2013-2014, 2018-2019, 2022-2025
29%
2944 Mathew Ryan GK 151 0 (0) 2015-2021, 2024-2025
29%
215 Mathieu Debuchy DF 384 29 (17) 2003-2021
29%
604 Mathieu Flamini MF 306 17 (10) 2003-2019
29%
521 Matías Silvestre DF 318 16 (5) 2007-2019
29%
2261 Matt Doherty DF, MF 181 14 (15) 2011-2012, 2018-2025
29%
317 Matteo Darmian DF, MF 355 15 (16) 2006-2007, 2008-2009, 2010-2011, 2012-2025
29%
231 Matthias Ginter DF, MF 380 22 (14) 2011-2025
29%
2170 Matthias Lehmann MF 185 14 (5) 2003-2004, 2006-2007, 2010-2011, 2014-2018
29%
1366 Mattia De Sciglio DF, MF 237 3 (9) 2011-2025
29%
1025 Mattia Perin GK 263 0 (0) 2010-2011, 2012-2025
29%
2197 Matt Ritchie DF, MF, FW 184 12 (24) 2009-2010, 2015-2016, 2017-2024
29%
1182 Mauro Camoranesi MF 249 30 (48) 2000-2005, 2007-2011
29%
219 Maxime Gonalons MF 383 9 (11) 2009-2024
29%
795 Maximilian Eggestein MF 284 16 (21) 2014-2025
29%
1871 Max Meyer MF, FW 202 18 (14) 2012-2021
29%
816 Maxwell DF 281 14 (23) 2006-2017
29%
646 M'Baye Niang MF, FW 302 65 (22) 2010-2024
29%
2592 Michael Gray DF, MF 167 2 (5) 2000-2007
29%
4209 Michael Reiziger DF 110 1 (3) 2000-2006
29%
2330 Michael Tarnat DF, MF 178 12 (23) 2000-2009
29%
764 Míchel Salgado DF 288 4 (14) 2000-2012
29%
4500 Michel Vorm GK 102 0 (0) 2011-2019
29%
2143 Miguel Almirón MF, FW 186 23 (6) 2018-2025
29%
1796 Miguel Ángel MF 206 8 (8) 2001-2009
29%
927 Mikaël Silvestre DF 271 10 (20) 2000-2012
29%
457 Mikel Arteta MF 330 45 (47) 2000-2001, 2004-2016
29%
3445 Mikkel Damsgaard MF, FW 133 4 (16) 2020-2025
29%
3887 Mitchel Bakker DF, MF, FW 119 8 (10) 2019-2025
29%
1435 Mitchell Weiser DF, MF, FW 232 19 (38) 2011-2012, 2013-2020, 2022-2025
29%
2884 Morgan Gibbs-White MF, FW 154 18 (27) 2018-2025
29%
1160 Morgan Schneiderlin MF 251 13 (5) 2007-2008, 2012-2022
29%
4029 Nathan Collins DF 115 5 (4) 2021-2025
29%
2979 Nayef Aguerd DF 150 12 (3) 2018-2025
29%
753 Nenê MF, FW 289 78 (60) 2003-2004, 2005-2012, 2014-2015
29%
3482 Nenê FW 132 23 (7) 2009-2015
29%
3446 Néstor Araujo DF 133 4 (2) 2018-2022
29%
2370 Nicklas Bendtner FW 176 35 (16) 2007-2016
29%
1585 Nick Pope GK 221 0 (0) 2017-2018, 2019-2025
29%
2398 Niclas Füllkrug FW 175 59 (20) 2011-2012, 2017-2020, 2022-2025
29%
3184 Nicolò Zaniolo MF, FW 142 17 (7) 2018-2019, 2021-2025
29%
3006 Nico Schlotterbeck DF 149 11 (11) 2018-2025
29%
2704 Nico Schulz DF, MF, FW 162 5 (12) 2013-2022
29%
944 Niklas Stark DF, MF 270 9 (2) 2012-2013, 2015-2025
29%
1136 Nikola Milenković DF 253 19 (4) 2017-2025
29%
699 Nils Petersen MF, FW 295 89 (20) 2008-2009, 2011-2014, 2016-2023
29%
1909 Nordi Mukiele DF, FW 200 9 (10) 2016-2025
29%
2981 Odion Ighalo FW 150 30 (7) 2008-2009, 2010-2013, 2015-2016, 2019-2021
29%
4541 Oliver Skipp DF, MF 101 1 (0) 2018-2019, 2021-2025
29%
701 Olof Mellberg DF, MF 295 10 (4) 2000-2009
29%
3739 Omar Marmoush MF, FW 124 42 (21) 2019-2025
29%
1596 Ondrej Duda MF, FW 220 23 (18) 2016-2025
29%
277 Oriol Romeu MF 366 9 (4) 2010-2025
29%
1249 Oscar Wendt DF, MF 244 16 (14) 2011-2021
29%
1660 Pablo Aimar MF 215 32 (38) 2000-2008
29%
1857 Pablo Ibáñez DF 203 11 (3) 2003-2011
29%
1382 Pál Dárdai MF 236 15 (11) 2000-2010
29%
2706 Panagiotis Kone MF 162 14 (8) 2010-2017
29%
2464 Patric DF 172 4 (3) 2015-2025
29%
2837 Patrick Owomoyela DF, MF 156 8 (14) 2004-2012
29%
3643 Patrick Weiser DF, MF 127 0 (8) 2000-2006
29%
1016 Pauleta FW 264 141 (21) 2000-2008
29%
2908 Philippe Senderos DF 153 6 (2) 2004-2015
29%
2086 Philipp Lienhart DF 189 12 (1) 2017-2025
29%
244 Phil Jagielka DF, MF 376 18 (9) 2006-2021
29%
3416 Phillip Cocu DF, FW 134 13 (5) 2000-2004
29%
805 Radamel Falcao FW 283 131 (19) 2011-2018, 2021-2024
29%
3391 Rafa Mir MF, FW 135 32 (3) 2016-2017, 2020-2025
29%
4473 Ramiro Funes Mori DF, MF 103 6 (3) 2015-2021
29%
2637 Randal Kolo Muani MF, FW 165 53 (26) 2018-2019, 2020-2025
29%
908 Raphael Schäfer GK 273 0 (0) 2001-2002, 2004-2007, 2009-2014
29%
3645 Raúl de Tomás FW 127 40 (6) 2018-2019, 2021-2025
29%
2548 Răzvan Marin MF 169 8 (20) 2020-2025
29%
668 Remo Freuler MF 300 20 (23) 2015-2025
29%
961 René Adler GK 269 0 (1) 2006-2010, 2012-2018
29%
232 Riccardo Montolivo MF 380 28 (28) 2004-2018
29%
4063 Richard Hughes MF 114 0 (0) 2003-2010
29%
3864 Rickie Lambert FW 120 31 (18) 2012-2017
29%
3512 Ritsu Doan DF, MF, FW 131 27 (15) 2020-2021, 2022-2025
29%
2638 Robert Andrich DF, MF 165 18 (12) 2019-2025
29%
501 Robert Huth DF 322 21 (6) 2001-2017
29%
1420 Roberto Ayala DF 233 10 (2) 2000-2007, 2009-2010
29%
310 Rodrigo Palacio MF, FW 357 93 (58) 2009-2021
29%
2839 Roel Brouwers DF 156 13 (4) 2008-2016
29%
4318 Roger Ibanez DF 107 6 (2) 2018-2023
29%
1736 Roman Bürki GK 210 0 (0) 2014-2022
29%
2269 Roman Neustädter DF, MF 181 8 (10) 2009-2016
29%
3893 Ronald Araújo DF 119 8 (6) 2019-2025
29%
421 Roque Santa Cruz FW 336 80 (24) 2000-2016
29%
570 Ross Barkley MF, FW 311 41 (35) 2011-2025
29%
1392 Rudy Mater DF 235 5 (15) 2006-2014
29%
1719 Rui Patrício GK 211 0 (0) 2018-2025
29%
1037 Ryan Bertrand DF, MF 262 7 (15) 2010-2022
29%
149 Salvatore Sirigu GK 413 0 (0) 2009-2023
29%
283 Samir Nasri MF, FW 364 49 (63) 2004-2016, 2018-2019
29%
2689 Samir Santos DF 163 7 (3) 2015-2022
29%
1858 Sammy Traoré DF 203 12 (1) 2002-2011
29%
3453 Samuel Kuffour DF 133 3 (2) 2000-2007
29%
1556 Sandro Ramírez MF, FW 223 37 (14) 2014-2021, 2023-2025
29%
3100 Scott Carson GK 146 0 (2) 2003-2004, 2006-2008, 2010-2011, 2020-2021
29%
3743 Sebastian Boenisch DF 124 4 (9) 2005-2016
29%
2858 Sebastian Jung DF 155 2 (12) 2008-2010, 2012-2019
29%
351 Sébastien Squillaci DF 348 22 (5) 2002-2011, 2013-2017
29%
716 Serge Aurier DF, MF 293 16 (34) 2009-2024
29%
985 Sergej Milinković-Savić MF 267 57 (45) 2015-2023
29%
1370 Sergio Almirón MF 237 28 (5) 2001-2002, 2005-2014
29%
588 Sergio Asenjo GK 308 0 (0) 2007-2023
29%
233 Shay Given GK 380 0 (0) 2000-2009, 2011-2012, 2014-2017
29%
3210 Sheraldo Becker MF, FW 141 22 (22) 2019-2025
29%
488 Sidney Govou MF, FW 324 50 (37) 2000-2009, 2011-2013
29%
2800 Šime Vrsaljko DF, MF 158 1 (17) 2013-2022
29%
3394 Simone Inzaghi FW 135 20 (9) 2000-2010
29%
1326 Simone Zaza MF, FW 240 60 (10) 2008-2009, 2010-2011, 2013-2022
29%
352 Simon Kjær DF 348 11 (5) 2008-2014, 2017-2024
29%
128 Souleymane Camara FW 423 62 (27) 2001-2006, 2009-2020
29%
3305 Stefan Lainer DF, MF 138 5 (8) 2019-2025
29%
2201 Stefan Mitrović DF 184 4 (2) 2013-2014, 2018-2024
29%
117 Stéphane Ruffier GK 428 0 (0) 2007-2020
29%
709 Stevan Jovetić MF, FW 294 83 (29) 2008-2009, 2011-2023
29%
649 Steve Cherundolo DF 302 6 (14) 2002-2014
29%
2290 Steve Cook DF, MF 180 10 (2) 2015-2019, 2022-2023
29%
160 Stewart Downing MF, FW 408 37 (59) 2001-2014, 2016-2017
29%
2173 Stiliyan Petrov MF 185 9 (8) 2006-2012
29%
531 Sulley Muntari MF 316 31 (25) 2002-2014, 2016-2018
29%
507 Suso MF, FW 321 37 (52) 2012-2025
29%
1276 Sven Ulreich GK 242 0 (0) 2007-2008, 2009-2019, 2021-2025
29%
3308 Theofanis Gekas FW 138 55 (10) 2006-2010, 2012-2013
29%
3649 Thomas Kraft GK 127 0 (0) 2010-2011, 2013-2015, 2017-2020
29%
4141 Thomas Linke DF 112 0 (1) 2000-2005
29%
1393 Tim Borowski MF 235 32 (23) 2001-2012
29%
1569 Tim Krul GK 222 0 (1) 2010-2015, 2019-2020, 2021-2022
29%
4512 Timmy Simons DF, MF 102 11 (3) 2010-2013
29%
3578 Timo Rost MF 129 6 (8) 2001-2002, 2006-2009
29%
4547 Tom Starke GK 101 0 (0) 2003-2004, 2007-2008, 2010-2013, 2016-2018
29%
3189 Tongo Doumbia MF 142 10 (7) 2009-2011, 2013-2017
29%
650 Torsten Frings MF 302 41 (35) 2000-2011
29%
2642 Troy Deeney FW 165 47 (20) 2015-2019, 2021-2022
29%
2333 Túlio de Melo FW 178 40 (7) 2005-2014
29%
4446 Ulises de la Cruz DF 104 2 (9) 2002-2008
29%
554 Valère Germain MF, FW 313 61 (27) 2010-2011, 2013-2023
29%
3103 Vanja Milinković-Savić GK 146 0 (0) 2017-2018, 2020-2025
29%
2021 Víctor FW 193 53 (34) 2000-2003, 2007-2009
29%
3419 Víctor Ibarbo MF, FW 134 15 (9) 2011-2017
29%
2010 Victor Lindelöf DF 194 4 (5) 2017-2025
29%
1438 Victor Moses DF, MF, FW 232 20 (21) 2009-2020
29%
909 Vincenzo Grifo MF, FW 273 66 (64) 2012-2013, 2016-2025
29%
973 Vincenzo Iaquinta FW 268 88 (28) 2000-2012
29%
31 Vitorino Hilton DF 512 20 (11) 2003-2021
29%
509 Walter Samuel DF 321 25 (6) 2000-2014
29%
3040 Wataru Endo DF, MF 148 13 (9) 2020-2025
29%
2525 Wes Morgan DF 170 8 (2) 2014-2021
29%
2219 Will Hughes MF 183 6 (14) 2017-2019, 2021-2025
29%
2913 Willy Caballero GK 153 0 (0) 2010-2022
29%
3070 Wilson Palacios MF 147 1 (2) 2007-2014
29%
3745 Xaver Schlager MF 124 4 (13) 2019-2025
29%
2757 Xavier Collin DF 160 1 (4) 2002-2005, 2009-2011
29%
2861 Yacine Adli MF, FW 155 11 (23) 2017-2025
29%
1152 Yannick Carrasco DF, MF, FW 252 46 (44) 2013-2017, 2019-2024
29%
4290 Youri Djorkaeff MF, FW 108 23 (16) 2000-2005
29%
992 Youri Tielemans MF, FW 266 31 (35) 2017-2025
29%
2404 Zé Maria DF 175 17 (28) 2000-2007
29%
452 Zoumana Camara DF 331 6 (1) 2000-2015
29%
1748 Aaron Wan-Bissaka DF 208 4 (18) 2017-2025
14%
3746 Abdou Diallo DF 123 4 (5) 2014-2015, 2016-2023
14%
2893 Abdoulaye Bamba DF 153 0 (5) 2011-2012, 2016-2022, 2024-2025
14%
1519 Abdoulaye Méïté DF 225 2 (2) 2000-2008, 2010-2012
14%
711 Adama Coulibaly DF, MF 293 11 (3) 2001-2012
14%
866 Ádám Szalai FW 276 54 (18) 2009-2022
14%
3544 Adel Taarabt MF, FW 129 13 (14) 2006-2008, 2011-2014, 2016-2018
14%
2011 Admir Mehmedi MF, FW 193 32 (23) 2013-2022
14%
3457 Adrià Pedrosa DF, MF 132 5 (6) 2018-2019, 2021-2025
14%
2957 Adrien Truffert DF, MF 150 7 (15) 2020-2025
14%
2317 Aílton Gonçalves FW 178 92 (26) 2000-2005, 2007-2008
14%
2553 Alan Hutton DF 168 3 (6) 2007-2012, 2014-2016
14%
465 Alassane Pléa MF, FW 328 94 (55) 2012-2025
14%
556 Alban Lafont GK 312 0 (0) 2015-2025
14%
625 Alberto Aquilani MF 303 27 (29) 2002-2003, 2004-2014, 2016-2018
14%
248 Albin Ekdal MF 374 14 (11) 2008-2023
14%
3814 Alessandro Buongiorno DF 121 5 (3) 2017-2018, 2020-2025
14%
4178 Alessandro Costacurta DF 110 1 (1) 2000-2007
14%
502 Alessandro Florenzi DF, FW 321 30 (32) 2010-2011, 2012-2025
14%
360 Alessandro Matri FW 346 92 (22) 2002-2003, 2007-2020
14%
1641 Alessio Cerci MF, FW 216 41 (31) 2003-2005, 2008-2018
14%
422 Alessio Romagnoli DF 335 15 (4) 2012-2025
14%
3215 Alexandru Maxim MF, FW 140 14 (24) 2012-2015, 2017-2020
14%
4254 Alex Baena MF, FW 108 15 (25) 2019-2020, 2022-2025
14%
2645 Alexis Saelemaekers DF, MF, FW 164 17 (15) 2019-2025
14%
726 Alex Iwobi MF, FW 291 31 (36) 2015-2025
14%
2175 Alex Manninger GK 184 0 (0) 2000-2002, 2004-2005, 2006-2009, 2012-2016
14%
2916 Alex McCarthy GK 152 0 (0) 2012-2013, 2014-2015, 2017-2022, 2024-2025
14%
2336 Alex Meret GK 177 0 (0) 2017-2025
14%
1741 Álex Remiro GK 209 0 (0) 2019-2025
14%
4226 Alfredo Morales DF, MF 109 4 (5) 2011-2012, 2015-2016, 2018-2020
14%
536 Allan DF, MF 314 12 (35) 2012-2022
14%
2244 Altin Lala MF 181 1 (4) 2002-2012
14%
2803 Álvaro Domínguez DF 157 8 (4) 2008-2016
14%
2351 Aly Cissokho DF 176 3 (6) 2009-2016
14%
2759 Amadou Haidara MF, FW 159 11 (6) 2018-2025
14%
427 Amauri FW 334 85 (25) 2000-2001, 2003-2016
14%
2223 Amir Rrahmani DF 182 11 (5) 2019-2025
14%
1310 Ander Iturraspe MF 240 3 (8) 2008-2020
14%
3459 Ander Murillo DF 132 1 (3) 2001-2009
14%
164 Andoni Iraola DF, MF 406 33 (34) 2003-2015
14%
32 Andrea Consigli GK 510 0 (0) 2008-2009, 2011-2024
14%
660 Andrea Poli MF 300 15 (6) 2007-2008, 2009-2021
14%
1396 Andrea Ranocchia DF 234 15 (8) 2009-2023
14%
2054 Andreas Wolf DF 190 6 (3) 2001-2002, 2004-2007, 2009-2011, 2013-2014
14%
1165 André Hahn MF, FW 250 49 (24) 2012-2023
14%
4365 Andrey Arshavin MF, FW 105 23 (20) 2008-2013
14%
728 Andros Townsend MF, FW 291 26 (31) 2012-2021, 2023-2024
14%
4009 Andy Reid MF 115 7 (14) 2004-2011
14%
3749 Andy Wilkinson DF 123 0 (1) 2008-2014
14%
3104 Ángel Morales MF 145 1 (3) 2000-2004, 2006-2007
14%
3460 Angelos Charisteas FW 132 27 (11) 2002-2004, 2007-2011
14%
2526 Àngel Rangel DF 169 4 (4) 2011-2018
14%
4327 Ansgar Knauff DF, MF 106 14 (10) 2020-2025
14%
4366 Ansu Fati MF, FW 105 24 (4) 2019-2025
14%
1862 Anthony Caci DF 202 7 (21) 2018-2025
14%
4073 Anthony Elanga MF, FW 113 14 (23) 2020-2025
14%
933 Anthony Martial MF, FW 270 74 (33) 2012-2024
14%
316 Anthony Modeste FW 355 116 (20) 2007-2008, 2010-2016, 2019-2023
14%
3337 Anthony Ujah MF, FW 136 30 (7) 2011-2012, 2014-2015, 2017-2019, 2021-2022
14%
3490 Antonio Adán GK 131 0 (2) 2010-2013, 2015-2020
14%
3789 Anton Stach DF, MF 122 5 (15) 2021-2025
14%
781 Armando Izzo DF 285 11 (5) 2014-2025
14%
3689 Arthur Theate DF 125 8 (1) 2021-2025
14%
3818 Asamoah Gyan FW 121 35 (10) 2003-2004, 2006-2012
14%
1692 Asier del Horno DF 212 16 (18) 2000-2012
14%
1068 Asmir Begović GK 258 1 (0) 2008-2019, 2021-2023
14%
4413 Atsuto Uchida DF 104 1 (12) 2010-2015
14%
627 Ayoze Pérez MF, FW 303 76 (22) 2014-2015, 2017-2025
14%
2731 Bakary Sako MF, FW 160 17 (8) 2009-2012, 2015-2018, 2021-2022
14%
819 Baptiste Santamaria DF, MF 280 7 (6) 2016-2025
14%
2646 Bebé MF, FW 164 10 (15) 2010-2011, 2014-2018, 2021-2024
14%
1728 Benjamin Henrichs DF, MF 210 7 (19) 2015-2025
14%
2845 Benni McCarthy FW 155 39 (7) 2000-2002, 2006-2011
14%
3218 Benoît Badiashile DF 140 7 (2) 2018-2025
14%
3105 Ben Watson MF 145 12 (2) 2004-2005, 2008-2012, 2015-2018
14%
1166 Berat Djimsiti DF 250 5 (12) 2015-2016, 2017-2025
14%
3427 Bernardo DF, MF 133 2 (3) 2016-2020, 2023-2025
14%
3548 Bobby Reid DF, MF, FW 129 20 (7) 2018-2019, 2020-2021, 2022-2024
14%
1411 Bojan Krkić MF, FW 233 51 (16) 2007-2012, 2014-2018
14%
4112 Borna Sosa DF, MF, FW 112 3 (25) 2018-2019, 2020-2025
14%
1895 Boubacar Kamara DF, MF 200 4 (7) 2017-2025
14%
121 Brad Friedel GK 425 1 (0) 2001-2014
14%
2864 Brad Guzan GK 154 0 (1) 2008-2009, 2011-2017
14%
2921 Bram Nuytinck DF 152 3 (2) 2017-2023
14%
890 Branislav Ivanović DF 274 22 (20) 2008-2016, 2020-2021
14%
1559 Bruno Ecuele Manga DF 222 6 (2) 2010-2014, 2018-2021
14%
2761 Bruno Peres DF, MF 159 11 (13) 2014-2017, 2019-2021
14%
3429 Cala DF 133 13 (3) 2009-2010, 2011-2015, 2017-2018, 2020-2023
14%
3073 Callum Hudson-Odoi DF, MF, FW 146 17 (15) 2017-2025
14%
2130 Carles Aleñá MF, FW 186 9 (9) 2016-2017, 2018-2025
14%
3149 Carles Pérez DF, MF, FW 143 12 (13) 2018-2025
14%
2733 Carlo Cudicini GK 160 0 (0) 2000-2011
14%
4557 Carlos Augusto DF 100 9 (10) 2022-2025
14%
3370 Carlos Clerc DF, MF 135 1 (6) 2013-2014, 2016-2017, 2019-2023
14%
4185 Carlos Domínguez FW 110 14 (0) 2000-2005
14%
424 Carlos Kameni GK 335 0 (1) 2004-2012, 2014-2017
14%
688 Carlos Marchena DF, MF 297 11 (7) 2001-2013
14%
4257 Carsten Jancker FW 108 18 (8) 2000-2006
14%
1896 Carsten Ramelow DF, MF 200 12 (8) 2000-2008
14%
3015 Cengiz Ünder DF, MF, FW 148 28 (17) 2017-2023
14%
1749 Charles FW 208 58 (12) 2013-2020
14%
2556 Charles Aránguiz MF 168 10 (20) 2015-2023
14%
4454 Charles De Ketelaere MF, FW 103 17 (16) 2022-2025
14%
814 Charles N'Zogbia DF, FW 281 28 (36) 2004-2012, 2014-2016
14%
4149 Charlie Austin FW 111 34 (9) 2014-2018, 2020-2021
14%
3549 Charlie Daniels DF, MF 129 9 (11) 2015-2020
14%
3279 Cheick Tioté MF 138 1 (6) 2010-2016
14%
3612 Chris Führich MF, FW 127 18 (14) 2017-2018, 2021-2025
14%
2077 Chris Kirkland GK 189 0 (2) 2000-2011
14%
440 Chris Smalling DF 332 21 (5) 2008-2024
14%
572 Christian Abbiati GK 310 0 (0) 2000-2016
14%
3127 Christian Clemens MF, FW 144 15 (7) 2010-2011, 2013-2017, 2019-2020
14%
112 Christian Gentner MF 430 46 (39) 2004-2015, 2017-2021
14%
3583 Christian Nørgaard MF 128 11 (12) 2018-2019, 2021-2025
14%
3195 Christian Pander DF 141 7 (19) 2004-2005, 2006-2008, 2010-2015
14%
2179 Christoph Baumgartner MF, FW 184 34 (12) 2018-2025
14%
2625 Christopher Trimmel DF, MF, FW 165 3 (28) 2019-2025
14%
3551 Christoph Spycher DF 129 0 (3) 2005-2010
14%
2503 Ciprian Tătărușanu GK 170 0 (1) 2014-2023
14%
3521 Claude Michel MF 130 0 (2) 2000-2004
14%
696 Claudio Marchisio MF 295 33 (27) 2007-2018
14%
2735 Claudio Yacob MF 160 1 (1) 2012-2018
14%
2804 Claus Jensen MF 157 20 (22) 2000-2007
14%
1459 Clément Grenier MF, FW 230 27 (30) 2009-2023
14%
1729 Coke DF, MF 210 19 (9) 2011-2022
14%
4560 Colin Cooper DF 100 4 (0) 2000-2006
14%
1927 Conor Coady DF 198 7 (1) 2012-2013, 2018-2022, 2024-2025
14%
2557 Conor Gallagher MF 168 21 (16) 2020-2025
14%
703 Craig Bellamy FW 294 81 (31) 2000-2009, 2011-2012, 2013-2014
14%
629 Craig Dawson DF 303 21 (5) 2011-2017, 2019-2025
14%
313 Cristian Ledesma MF 356 15 (41) 2001-2002, 2003-2015
14%
3795 Cyril Chapuis FW 122 21 (6) 2000-2004, 2007-2008
14%
3552 Dalbert Henrique DF, MF 129 0 (11) 2016-2022
14%
4231 Dale Stephens MF 109 1 (5) 2017-2022
14%
4369 Dan-Axel Zagadou DF 105 5 (1) 2017-2025
14%
4332 Daniel Amartey DF, MF 106 2 (1) 2015-2018, 2020-2023
14%
2576 Daniel Jensen MF 167 7 (14) 2003-2012
14%
301 Daniel Wass DF, MF 358 39 (39) 2011-2022
14%
2354 Danny Latza MF 176 6 (12) 2008-2009, 2015-2020, 2022-2023
14%
1679 Danny Simpson DF 213 0 (1) 2007-2008, 2010-2012, 2014-2019
14%
1191 Darius Vassell MF, FW 248 52 (19) 2000-2009
14%
4013 Dariusz Wosz MF 115 12 (17) 2000-2001, 2002-2004, 2006-2007
14%
697 Darko Lazović DF, MF, FW 295 21 (41) 2015-2025
14%
3108 Daryl Janmaat DF 145 8 (14) 2014-2020
14%
473 David Albelda DF, MF 326 7 (11) 2000-2013
14%
2181 David Bentley MF 184 17 (24) 2003-2011
14%
1357 David Dunn MF 237 36 (21) 2001-2012
14%
1576 Davide Calabria DF 221 9 (17) 2014-2025
14%
1121 David Navarro DF 254 10 (3) 2001-2016
14%
3872 David Thompson MF 119 10 (12) 2000-2001, 2002-2007
14%
1344 Davie Selke FW 238 46 (12) 2013-2014, 2016-2024
14%
4304 Davy Pröpper MF 107 2 (7) 2017-2021
14%
953 Dedê DF 269 11 (32) 2000-2011
14%
2680 Denis Cheryshev MF, FW 163 12 (19) 2013-2022
14%
1096 Dennis Aogo DF, MF 256 3 (23) 2004-2005, 2008-2019
14%
2558 Dennis Bergkamp FW 168 30 (44) 2000-2006
14%
1844 Dennis Diekmeier DF, MF 203 0 (13) 2009-2018
14%
2153 Dennis Praet MF, FW 185 9 (12) 2016-2023
14%
3469 Didier Ya Konan MF, FW 132 40 (13) 2009-2015
14%
1845 Didier Zokora MF 203 0 (3) 2004-2011
14%
3614 Diego Contento DF 127 2 (7) 2009-2018
14%
1680 Diego Klimowicz FW 213 70 (21) 2001-2010
14%
1156 Diego Pérez MF 251 2 (13) 2004-2014
14%
1511 Diego Tristán FW 226 81 (16) 2000-2009
14%
2738 Diogo Dalot DF, FW 160 4 (11) 2018-2025
14%
2578 Diomansy Kamara FW 167 28 (8) 2002-2005, 2007-2011
14%
2380 Djibril Sow MF 175 10 (10) 2016-2017, 2019-2025
14%
1484 Domenico Criscito DF, MF 228 22 (13) 2007-2010, 2018-2022
14%
2870 Domingos Duarte DF 154 6 (3) 2019-2025
14%
602 Dominik Kohr DF, MF 306 11 (14) 2011-2025
14%
4259 Donyell Malen MF, FW 108 33 (10) 2021-2025
14%
2764 Duje Ćaleta-Car DF 159 7 (2) 2018-2025
14%
3111 Eddie Nketiah MF, FW 145 22 (7) 2017-2025
14%
3555 Edu Gaspar MF 129 9 (7) 2000-2009
14%
3915 Eliaquim Mangala DF 118 3 (2) 2014-2017, 2019-2022
14%
2381 Eliseu DF, MF 175 18 (16) 2008-2014
14%
3284 Eljero Elia MF, FW 138 13 (15) 2009-2015
14%
1846 Emerse Faé MF 203 17 (6) 2003-2012
14%
2355 Emil Audero GK 176 0 (1) 2016-2017, 2018-2025
14%
3694 Émile Mpenza FW 125 33 (23) 2000-2002, 2004-2008
14%
3947 Emile Smith Rowe MF, FW 117 18 (12) 2018-2025
14%
1399 Enes Ünal MF, FW 234 56 (18) 2017-2025
14%
617 Érik Lamela MF, FW 304 49 (37) 2011-2024
14%
2718 Ermedin Demirović MF, FW 161 46 (24) 2017-2018, 2020-2025
14%
2681 Etrit Berisha GK 163 0 (0) 2013-2019, 2021-2022, 2023-2024
14%
1681 Ewerthon FW 213 69 (23) 2001-2007, 2009-2010
14%
1943 Ezri Konsa DF 197 8 (2) 2019-2025
14%
2251 Fabien Barthez GK 181 0 (0) 2000-2007
14%
1059 Fabrizio Miccoli FW 259 103 (57) 2002-2004, 2007-2013
14%
3317 Fallou Diagne DF, MF 137 8 (2) 2011-2018
14%
3873 Felipe Santana DF 119 7 (1) 2008-2015
14%
3375 Fernando Gago MF 135 2 (11) 2006-2013
14%
2156 Fernando Meira DF, MF 185 11 (4) 2001-2007, 2011-2012
14%
150 Fernando Navarro DF 412 3 (7) 2001-2018
14%
1808 Flavio Roma GK 205 0 (0) 2001-2008, 2010-2011, 2013-2014
14%
1470 Florian Grillitsch DF, MF 229 7 (17) 2015-2021, 2023-2025
14%
1944 Florian Niederlechner MF, FW 197 45 (18) 2015-2023
14%
167 Francesco Acerbi DF 405 24 (8) 2011-2025
14%
769 Francis Coquelin DF, MF 287 6 (6) 2010-2025
14%
2158 Franck Honorat DF, MF, FW 185 32 (32) 2013-2015, 2019-2025
14%
1444 François Clerc DF 231 9 (11) 2004-2016
14%
2039 Frédéric Thomas MF 191 6 (1) 2003-2004, 2005-2010
14%
3874 Frederik Rønnow GK 119 0 (1) 2018-2025
14%
4459 Fredrik Jensen MF, FW 103 5 (7) 2018-2025
14%
4460 Gabriel Gudmundsson DF, MF, FW 103 4 (0) 2021-2025
14%
3197 Gabriel Obertan MF, FW 141 6 (10) 2006-2016
14%
690 Gaëtan Laborde MF, FW 297 88 (39) 2015-2025
14%
3081 Gaizka Mendieta MF 146 18 (20) 2000-2007
14%
2040 Gareth Southgate DF 191 6 (7) 2000-2006
14%
4337 Gary Kelly DF 106 0 (12) 2000-2004
14%
3620 Gaspar DF 127 1 (1) 2000-2006
14%
4570 Georginio Rutter MF, FW 100 16 (8) 2020-2022, 2024-2025
14%
4189 Georg Koch GK 110 0 (0) 2000-2002, 2005-2006
14%
1097 Gerónimo Rulli GK 256 0 (0) 2014-2022, 2024-2025
14%
2654 Giacomo Raspadori MF, FW 164 31 (10) 2018-2025
14%
4154 Gianluca Scamacca FW 111 39 (8) 2017-2018, 2020-2025
14%
4266 Gilberto DF, MF 108 15 (10) 2004-2009
14%
3585 Giovane Élber FW 128 65 (18) 2000-2006
14%
1734 Giovani Lo Celso MF, FW 210 27 (19) 2016-2025
14%
2512 Gleison Bremer DF 170 18 (3) 2018-2025
14%
3020 Glenn Murray FW 148 37 (6) 2013-2015, 2017-2020
14%
1010 Gökhan Inler MF 264 15 (17) 2007-2016
14%
4190 Graham Stuart MF, FW 110 11 (12) 2000-2005
14%
4380 Graziano Pellè FW 105 25 (10) 2003-2004, 2005-2006, 2011-2012, 2014-2015, 2020-2021
14%
4426 Guillermo Franco FW 104 19 (12) 2005-2010
14%
1866 Guillermo Ochoa GK 202 0 (0) 2011-2013, 2015-2016, 2022-2024
14%
3830 Guillermo Pereyra MF 121 6 (2) 2003-2008
14%
1402 Guy Demel DF, MF 234 3 (9) 2002-2010, 2012-2015
14%
2973 Habib Diallo FW 150 53 (9) 2016-2017, 2019-2023
14%
379 Hanno Balitsch MF 343 20 (9) 2001-2014
14%
1653 Hans Hateboer DF, MF 215 8 (14) 2016-2025
14%
3198 Haris Seferović FW 141 21 (15) 2010-2016, 2022-2023
14%
3724 Harrison Reed MF 124 3 (8) 2013-2016, 2020-2021, 2022-2025
14%
2561 Harry Kewell MF, FW 168 36 (23) 2000-2008
14%
2458 Hassane Kamara DF, FW 172 7 (6) 2015-2016, 2018-2021, 2023-2025
14%
3380 Héctor Font MF 135 6 (6) 2002-2003, 2004-2010
14%
3155 Henrik Pedersen FW 143 22 (6) 2001-2007
14%
2767 Henrique DF 159 10 (2) 2005-2014
14%
4339 Henrique DF 106 4 (2) 2008-2010, 2013-2015
14%
2184 Hernanes MF 184 42 (23) 2010-2017
14%
3503 Hernán Pérez MF, FW 131 16 (5) 2011-2012, 2013-2014, 2015-2019
14%
1982 Houssem Aouar MF, FW 195 34 (24) 2016-2024
14%
4528 Iago DF, MF 101 5 (10) 2019-2024
14%
2359 Ibrahima Bakayoko FW 176 31 (10) 2000-2007
14%
3983 Iddrisu Baba DF, MF 116 1 (0) 2019-2020, 2021-2024
14%
4309 Illan Meslier GK 107 0 (0) 2020-2023
14%
1930 Ioannis Amanatidis MF, FW 198 54 (11) 2002-2011
14%
4427 Islam Slimani FW 104 22 (15) 2016-2017, 2019-2023
14%
4087 Issa Cissokho DF 113 0 (7) 2013-2018
14%
2809 Ito MF 157 1 (6) 2001-2007
14%
634 Iván Córdoba DF 303 15 (9) 2000-2012
14%
2325 Jacek Krzynówek MF, FW 178 24 (25) 2001-2002, 2004-2010
14%
619 Jack Cork DF, MF 304 9 (9) 2009-2010, 2012-2021, 2023-2024
14%
2515 Jack Harrison MF, FW 170 25 (19) 2020-2025
14%
2829 Jack Stephens DF 156 5 (3) 2016-2022, 2024-2025
14%
1962 Jake Livermore MF 196 7 (8) 2009-2010, 2011-2014, 2016-2017, 2020-2021
14%
2389 Jamaal Lascelles DF 175 10 (1) 2015-2016, 2017-2024
14%
494 James McArthur MF 323 23 (23) 2010-2012, 2014-2023
14%
913 James McCarthy MF 272 13 (12) 2009-2021
14%
1334 Janik Haberer DF, MF, FW 239 18 (15) 2016-2025
14%
785 Jannik Vestergaard DF 285 18 (1) 2010-2021, 2024-2025
14%
1868 Jaroslav Drobný GK 202 0 (0) 2006-2016, 2018-2019
14%
36 Jaroslav Plašil MF 504 29 (50) 2001-2019
14%
3958 Javier López Vallejo GK 117 0 (0) 2000-2002, 2006-2007, 2009-2010
14%
2563 Javi Navarro DF, MF 168 3 (1) 2001-2007
14%
2658 Jean-Clair Todibo DF 164 3 (2) 2018-2025
14%
1592 Jefferson Lerma DF, MF 220 10 (7) 2015-2016, 2017-2019, 2022-2025
14%
4531 Jeffrey Bruma DF 101 4 (1) 2009-2012, 2016-2020
14%
822 Jeffrey Schlupp DF, MF, FW 280 22 (14) 2014-2025
14%
1461 Jeison Murillo DF 230 6 (3) 2013-2023
14%
4532 Jens Jeremies MF 101 2 (6) 2000-2006
14%
4196 Jens Nowotny DF 110 2 (2) 2000-2006
14%
3289 Jeremías Ledesma GK 138 0 (0) 2020-2024
14%
1335 Jeremie Boga MF, FW 239 31 (21) 2015-2025
14%
3439 Jeremy Doku MF, FW 133 16 (21) 2020-2025
14%
823 Jermaine Jenas MF 280 32 (26) 2001-2013
14%
939 Jérôme Roussillon DF, MF 270 12 (20) 2011-2013, 2015-2025
14%
2849 Jerome Thomas MF, FW 155 11 (12) 2003-2006, 2008-2009, 2010-2015
14%
3563 Jesé MF, FW 129 21 (14) 2011-2012, 2013-2020, 2022-2023
14%
3115 Jesper Grønkjær MF, FW 145 7 (16) 2000-2006
14%
2433 Jhon Córdoba FW 173 38 (10) 2013-2017, 2019-2021
14%
29 Jimmy Briand MF, FW 512 105 (67) 2002-2022
14%
1603 Jimmy Floyd Hasselbaink FW 219 93 (39) 2000-2007
14%
2390 Jiří Pavlenka GK 175 0 (0) 2017-2020, 2022-2024
14%
1529 Joachim Andersen DF 225 5 (8) 2017-2025
14%
3179 Joel Obi DF, MF 142 8 (4) 2010-2018, 2021-2022
14%
2772 Joe Willock MF, FW 159 15 (9) 2017-2025
14%
2166 Johan Elmander FW 185 41 (23) 2006-2010, 2013-2014
14%
1447 Johan Micoud MF 231 50 (47) 2000-2008
14%
2699 Jóhann Berg Guðmundsson MF, FW 162 10 (21) 2016-2021, 2023-2024
14%
3382 Johannes Geis DF, MF 135 8 (16) 2012-2018
14%
1147 John Brooks DF 252 14 (5) 2013-2024
14%
997 Jonás Gutiérrez MF 265 12 (18) 2005-2008, 2010-2016
14%
884 Jonas Hofmann MF, FW 275 53 (53) 2012-2025
14%
4270 Jonas Omlin GK 108 0 (1) 2020-2025
14%
3026 Jonatan Johansson FW 148 27 (9) 2000-2006
14%
1012 Jonathan Bamba MF, FW 264 41 (38) 2014-2025
14%
2773 Jonathan Clauss DF, MF 159 16 (38) 2020-2025
14%
1448 Jonathan de Guzmán MF 231 23 (26) 2010-2020
14%
3765 Jonathan Fortune DF 123 5 (0) 2001-2007
14%
676 Jonathan Schmid DF, MF 299 35 (34) 2010-2023
14%
1414 Jonathan Walters MF, FW 233 43 (19) 2002-2003, 2010-2018
14%
4200 Jonjoe Kenny DF 110 2 (7) 2015-2023
14%
2587 Jörg Böhme MF 167 29 (39) 2000-2008
14%
3664 Jorge Francisco Vargas DF 126 2 (2) 2000-2001, 2002-2006
14%
3441 Jorge Meré DF 133 2 (1) 2015-2017, 2019-2024
14%
2362 Joris Mathijsen DF 176 6 (1) 2006-2012
14%
4127 José Bosingwa DF 112 3 (7) 2008-2013
14%
372 José Fonte DF 344 15 (7) 2012-2023
14%
560 José Luis Morales MF, FW 312 76 (31) 2014-2015, 2017-2024
14%
1061 José Manuel Jurado MF, FW 259 25 (26) 2005-2011, 2015-2018
14%
4533 Joshua Zirkzee MF, FW 101 20 (7) 2019-2020, 2022-2025
14%
2484 Josip Brekalo MF, FW 171 25 (17) 2016-2024
14%
3587 Josip Drmić MF, FW 128 32 (5) 2013-2020
14%
409 Juan Arango MF 338 71 (67) 2004-2014
14%
3802 Juanlu MF 122 14 (11) 2004-2006, 2010-2013
14%
1100 Juan Manuel Vargas DF, MF 256 24 (28) 2006-2016
14%
3767 Juan Miranda DF 123 5 (13) 2019-2025
14%
3347 Juan Román Riquelme MF 136 39 (35) 2002-2007
14%
1112 Julian Baumgartlinger DF, MF 255 7 (9) 2011-2023
14%
3477 Julian Chabot DF 132 5 (4) 2019-2025
14%
2393 Julian de Guzmán MF 175 3 (8) 2002-2009
14%
2124 Julian Schuster MF 187 10 (16) 2007-2008, 2009-2014, 2016-2018
14%
4386 Junior Firpo DF, MF, FW 105 8 (11) 2017-2023
14%
2721 Junior Hoilett MF, FW 161 16 (8) 2009-2012, 2014-2015, 2018-2019
14%
4465 Kafoumba Coulibaly MF 103 3 (6) 2008-2013
14%
1113 Karol Linetty MF 255 14 (11) 2016-2025
14%
1631 Kenny Lala DF, MF, FW 217 19 (23) 2011-2013, 2017-2020, 2022-2025
14%
3160 Kenny Tete DF, MF 143 3 (16) 2017-2020, 2022-2025
14%
2486 Kevin Akpoguma DF, FW 171 3 (3) 2017-2025
14%
4343 Kevin Behrens FW 106 16 (4) 2021-2025
14%
2540 Kevin Danso DF 169 7 (6) 2016-2019, 2021-2025
14%
904 Kevin Kurányi FW 273 111 (46) 2001-2009, 2015-2016
14%
328 Kevin Vogt DF, MF 353 4 (11) 2008-2009, 2012-2025
14%
998 Kieran Richardson DF, MF 265 24 (17) 2002-2003, 2004-2016
14%
3324 Kike Pérez MF, FW 137 7 (2) 2019-2025
14%
2789 Krzysztof Piątek FW 158 45 (7) 2018-2023
14%
3181 Lars Ricken MF, FW 142 26 (28) 2000-2007
14%
1513 Lassana Coulibaly MF, FW 226 7 (9) 2015-2017, 2020-2025
14%
2854 Leander Dendoncker DF, MF 155 10 (2) 2018-2024
14%
3770 Lee Jae-sung MF, FW 123 24 (17) 2021-2025
14%
2683 Lee Kang-in MF, FW 163 18 (22) 2018-2025
14%
1948 Leo Dubois DF, MF 197 6 (20) 2014-2022
14%
682 Leo Franco GK 298 0 (0) 2000-2008, 2010-2011, 2012-2013
14%
3529 Leonardo Ulloa FW 130 26 (4) 2010-2011, 2014-2018
14%
333 Leon Osman MF 352 44 (27) 2002-2016
14%
722 Levan Kobiashvili DF, MF 292 23 (23) 2000-2001, 2003-2009, 2011-2012, 2013-2014
14%
3700 Loïc Bade DF 125 2 (4) 2020-2025
14%
4388 Loïs Openda MF, FW 105 54 (16) 2022-2025
14%
480 Lorik Cana DF, MF 325 12 (9) 2002-2009, 2011-2016
14%
1488 Lucas Pérez MF, FW 228 59 (29) 2014-2023
14%
2192 Lucas Torreira MF 184 13 (6) 2016-2022
14%
1294 Lucas Tousart MF 241 11 (6) 2015-2025
14%
4132 Luciano Vietto MF, FW 112 22 (13) 2014-2019
14%
3055 Ludovic Magnin DF 147 6 (14) 2001-2010
14%
644 Ludovic Obraniak MF 302 37 (35) 2003-2015
14%
288 Luis Muriel MF, FW 363 111 (46) 2011-2024
14%
2215 Luka Milivojević MF 183 28 (6) 2016-2023
14%
1935 Lukas Klostermann DF 198 12 (3) 2016-2025
14%
2365 Lukas Kübler DF, MF 176 10 (5) 2016-2025
14%
4276 Mads Pedersen DF, MF 108 3 (3) 2019-2025
14%
645 Maicon Sisenando DF 302 25 (47) 2004-2016
14%
2047 Maik Franz DF 191 12 (1) 2001-2005, 2007-2012
14%
4134 Malo Gusto DF 112 0 (12) 2020-2025
14%
4537 Mamadou Diallo FW 101 21 (5) 2004-2006, 2008-2009
14%
917 Manu del Moral FW 272 53 (20) 2005-2015
14%
3387 Manuel Iturra MF 135 1 (2) 2012-2015, 2017-2019
14%
2305 Manuel Lanzini MF, FW 179 27 (17) 2015-2023
14%
843 Manuel Locatelli MF 279 14 (22) 2015-2025
14%
683 Manuel Pablo DF 298 1 (12) 2000-2010, 2012-2013, 2014-2016
14%
2611 Marc-Antoine Fortuné FW 166 22 (11) 2002-2003, 2006-2008, 2010-2013
14%
2631 Marcel Halstenberg DF, MF, FW 165 12 (16) 2016-2023
14%
2366 Marcel Risse DF, MF, FW 176 14 (29) 2007-2008, 2009-2012, 2014-2017, 2019-2020
14%
3479 Marc Guéhi DF 132 6 (4) 2021-2025
14%
373 Marco Di Vaio FW 344 140 (30) 2000-2012
14%
2194 Marc-Oliver Kempf DF 184 10 (3) 2012-2014, 2016-2018, 2020-2022, 2024-2025
14%
2367 Marco Richter MF, FW 176 24 (16) 2017-2024
14%
620 Marco Russ DF, MF 304 24 (10) 2005-2019
14%
3294 Marcos MF 138 4 (6) 2000-2005
14%
1064 Marcos Senna MF 259 20 (17) 2002-2012
14%
3835 Marek Mintál MF, FW 121 32 (11) 2004-2007, 2009-2011
14%
2415 Mariano DF, MF 174 2 (13) 2011-2017
14%
4349 Mariano MF, FW 106 25 (6) 2016-2024
14%
4162 Mario Frick FW 111 20 (4) 2001-2002, 2006-2009
14%
582 Mario Gaspar DF, MF 309 11 (19) 2008-2009, 2010-2011, 2013-2022
14%
1949 Mario Hermoso DF 197 10 (5) 2017-2025
14%
885 Mario Lemina DF, MF 275 15 (8) 2012-2018, 2020-2025
14%
1114 Mario Santana MF 255 28 (24) 2001-2002, 2003-2014
14%
1775 Marius Wolf DF, MF, FW 207 14 (19) 2015-2025
14%
147 Mark Noble MF 414 47 (35) 2005-2010, 2012-2022
14%
4056 Marko Pantelić FW 114 45 (18) 2005-2009
14%
3735 Marko Rehmer DF 124 6 (3) 2000-2003, 2005-2007
14%
4057 Marko Rog MF, FW 114 3 (2) 2016-2022
14%
1318 Mark Viduka FW 240 92 (28) 2000-2009
14%
450 Marouane Chamakh FW 331 71 (30) 2002-2016
14%
969 Martin Braithwaite MF, FW 268 64 (26) 2013-2023
14%
1319 Martin Harnik MF, FW 240 67 (22) 2007-2008, 2010-2015, 2017-2020
14%
2879 Martin Kelly DF, MF 154 0 (5) 2009-2021
14%
1632 Martin Terrier MF, FW 217 62 (23) 2016-2025
14%
2285 Martín Zubimendi MF 180 9 (6) 2018-2025
14%
852 Marvin Plattenhardt DF, MF 278 8 (36) 2010-2023
14%
1815 Massadio Haïdara DF, MF 205 3 (8) 2010-2015, 2017-2018, 2020-2025
14%
723 Massimo Ambrosini MF 292 26 (18) 2000-2014
14%
666 Massimo Oddo DF 300 30 (33) 2000-2012
14%
3261 Mathew Leckie DF, MF, FW 139 10 (4) 2011-2012, 2015-2021
14%
3532 Mathias Jensen MF 130 8 (12) 2018-2019, 2021-2025
14%
139 Mathieu Bodmer DF, MF 418 41 (26) 2003-2020
14%
1134 Matija Nastasić DF 253 7 (0) 2011-2025
14%
1432 Mattéo Guendouzi MF 232 11 (18) 2016-2017, 2018-2025
14%
463 Matteo Politano MF, FW 329 53 (42) 2015-2025
14%
3031 Matty Cash DF 148 7 (9) 2020-2025
14%
1320 Mauricio Isla DF, MF 240 9 (27) 2007-2017
14%
2633 Maxence Caqueret MF 165 7 (14) 2019-2025
14%
3091 Maxence Lacroix DF 146 7 (3) 2020-2025
14%
1115 Maya Yoshida DF 255 9 (8) 2012-2023
14%
2237 Medhi Benatia DF 182 16 (3) 2010-2019
14%
777 Michael Dawson DF 286 11 (5) 2004-2014, 2016-2017
14%
3352 Michael Fink MF 136 12 (6) 2004-2008, 2010-2011
14%
942 Michael Gregoritsch MF, FW 270 59 (21) 2015-2025
14%
2463 Míchel MF 172 10 (11) 2008-2010, 2012-2014, 2018-2021
14%
3204 Míchel MF 141 20 (22) 2000-2004, 2011-2012
14%
3597 Michel DF 128 3 (7) 2008-2010, 2014-2015, 2016-2018
14%
4351 Míchel MF 106 1 (4) 2008-2009, 2011-2014
14%
2416 Michy Batshuayi FW 174 52 (14) 2014-2020, 2024-2025
14%
3480 Mido FW 132 33 (14) 2002-2010
14%
4314 Miguel Gutiérrez DF, MF 107 5 (17) 2020-2025
14%
3162 Mijat Gaćinović DF, MF, FW 143 3 (7) 2015-2022
14%
2369 Mikael Forssell FW 176 47 (15) 2001-2005, 2007-2011
14%
1491 Mike Frantz MF, FW 228 14 (10) 2009-2014, 2016-2020
14%
1173 Mikel Merino MF, FW 250 28 (25) 2016-2025
14%
535 Mikel Oyarzabal MF, FW 315 85 (44) 2015-2025
14%
3412 Mike Williamson DF 134 1 (3) 2010-2015
14%
4281 Milivoje Novaković FW 108 44 (8) 2008-2012
14%
1951 Miloš Veljković DF 197 5 (5) 2013-2014, 2015-2020, 2022-2025
14%
3928 Milot Rashica MF, FW 118 22 (14) 2017-2022
14%
1215 Miranda DF 246 9 (6) 2005-2006, 2011-2019
14%
606 Mirko Vučinić FW 306 96 (41) 2000-2001, 2003-2014
14%
2882 Mladen Petrić FW 154 56 (10) 2007-2014
14%
3776 Mohamed Simakan DF 123 5 (5) 2019-2025
14%
140 Morgan De Sanctis GK 418 0 (0) 2000-2007, 2009-2017
14%
707 Morgan Sanson MF 294 41 (28) 2013-2025
14%
1051 Morten Gamst Pedersen MF, FW 260 34 (39) 2004-2012
14%
3355 Moussa Sow MF, FW 136 43 (10) 2004-2012
14%
981 Munir El Haddadi MF, FW 267 47 (21) 2014-2025
14%
2947 Mustapha Diallo MF, FW 151 14 (6) 2013-2019
14%
1548 Nabil Bentaleb MF 224 18 (17) 2013-2025
14%
960 Nadiem Amiri MF, FW 269 27 (31) 2014-2025
14%
1299 Neal Maupay MF, FW 241 44 (17) 2012-2015, 2019-2025
14%
4353 Nehuén Pérez DF 106 2 (1) 2020-2025
14%
4211 Nélson Marcos DF 110 3 (1) 2008-2009, 2010-2014
14%
789 Nico Elvedi DF 285 15 (8) 2015-2025
14%
464 Nicola Sansone MF, FW 329 55 (37) 2012-2025
14%
2635 Nicolás Domínguez MF, FW 165 6 (9) 2019-2025
14%
1645 Nicolas Frey DF 216 0 (8) 2008-2016, 2018-2019
14%
1989 Nihat Kahveci FW 195 75 (25) 2001-2009
14%
3058 Niklas Moisander DF 147 2 (1) 2015-2021
14%
2612 Niko Bungert DF 166 8 (3) 2009-2016, 2018-2019
14%
3806 Niko Gießelmann DF, FW 122 4 (12) 2018-2023
14%
2885 Niko Kranjčar MF 154 20 (15) 2006-2011, 2014-2015
14%
3967 Nilmar FW 117 27 (8) 2004-2005, 2009-2012
14%
1952 Obite N'Dicka DF 197 10 (11) 2018-2025
14%
4031 Odsonne Édouard MF, FW 115 19 (5) 2016-2017, 2021-2025
14%
2688 Oihan Sancet MF, FW 163 38 (15) 2019-2025
14%
3994 Ola Toivonen MF, FW 116 21 (6) 2013-2018
14%
3332 Oliver Burke MF, FW 137 10 (7) 2016-2017, 2019-2020, 2022-2025
14%
3163 Oliver Kirch DF, MF 143 5 (5) 2003-2004, 2006-2008, 2010-2015
14%
1162 Oliver Neuville FW 251 64 (38) 2000-2006, 2008-2010
14%
2948 Olivier Thomas DF 151 2 (2) 2001-2003, 2005-2006, 2008-2009
14%
1026 Ömer Toprak DF 263 7 (2) 2009-2021
14%
3060 Orel Mangala MF 147 7 (7) 2017-2018, 2020-2025
14%
107 Óscar de Marcos DF, FW 435 25 (45) 2009-2025
14%
4168 Óscar Duarte DF 111 4 (0) 2015-2022
14%
1799 Pablo Pinillos Caro DF 206 3 (5) 2004-2011
14%
290 Pablo Sarabia MF, FW 362 56 (58) 2011-2025
14%
2836 Paolo Di Canio FW 156 43 (33) 2000-2006
14%
4506 Patrick Bamford MF, FW 102 24 (11) 2015-2016, 2020-2023
14%
1686 Patrick van Aanholt DF 213 20 (15) 2009-2010, 2011-2012, 2014-2021
14%
3934 Patrik Berger MF 118 13 (21) 2000-2008
14%
4507 Paul-Georges Ntep MF, FW 102 20 (15) 2013-2018
14%
367 Paul Konchesky DF, FW 345 9 (22) 2000-2010, 2014-2015
14%
4171 Paulo Oliveira DF 111 1 (1) 2017-2021
14%
2085 Paul Verhaegh DF 189 21 (12) 2011-2019
14%
1104 Pavel Kadeřábek DF, FW 256 14 (28) 2015-2025
14%
363 Pedro León MF, FW 346 44 (54) 2007-2021
14%
907 Pedro Obiang MF 273 8 (12) 2010-2011, 2012-2020, 2022-2024
14%
1836 Peter Odemwingie FW 204 59 (21) 2004-2006, 2010-2016
14%
2838 Petri Pasanen DF 156 3 (4) 2003-2011
14%
1800 Philipp Bargfrede MF 206 6 (8) 2009-2021
14%
183 Philippe Mexès DF 397 24 (8) 2000-2016
14%
4104 Pierre Kalulu DF 113 4 (3) 2020-2025
14%
3601 Pierre-Michel Lasogga FW 128 34 (4) 2011-2012, 2013-2017
14%
2668 Poli DF 164 0 (2) 2002-2009
14%
2419 Predrag Rajković GK 174 0 (0) 2019-2024
14%
3807 Przemysław Frankowski DF, MF 122 18 (12) 2021-2025
14%
274 Radja Nainggolan MF 367 48 (33) 2009-2021
14%
1250 Ramy Bensebaini DF, MF 244 23 (12) 2015-2025
14%
2819 Raúl Baena MF 157 5 (3) 2009-2016
14%
3098 Rayan Cherki MF, FW 146 14 (27) 2019-2025
14%
1838 Renato MF 204 26 (14) 2004-2011
14%
4543 Renato Augusto MF 101 8 (9) 2008-2013
14%
887 Ricardo GK 275 0 (0) 2000-2003, 2005-2010, 2012-2013
14%
3099 Ricardo Oliveira FW 146 60 (12) 2003-2009
14%
252 Richard Dunne DF 374 11 (5) 2000-2001, 2002-2011, 2014-2015
14%
1649 Ridle Baku DF, MF, FW 216 22 (22) 2017-2025
14%
111 Rio Mavuba MF 431 6 (6) 2003-2017
14%
1718 Roberto Gagliardini DF, MF 211 17 (10) 2015-2025
14%
2331 Roberto Hilbert DF, MF 178 17 (12) 2006-2009, 2013-2017
14%
309 Roberto Pereyra DF, MF, FW 357 45 (39) 2011-2024
14%
3575 Robert Skov DF, MF, FW 129 13 (16) 2019-2025
14%
3451 Róbert Vittek FW 133 33 (18) 2004-2010
14%
1650 Robin Koch DF, MF 216 9 (1) 2017-2025
14%
2006 Robin Le Normand DF 194 5 (3) 2018-2025
14%
3303 Roger MF 138 17 (12) 2000-2006
14%
2727 Rogério DF, MF 161 3 (8) 2017-2024
14%
3234 Romain Faivre MF, FW 140 29 (17) 2018-2019, 2020-2025
14%
1607 Romain Thomas DF 219 14 (3) 2015-2022
14%
4064 Romano Schmid MF, FW 114 10 (16) 2020-2021, 2022-2025
14%
755 Rory Delap MF 289 15 (14) 2000-2005, 2008-2013
14%
1028 Rubén Baraja MF 263 41 (21) 2000-2010
14%
3576 Rubén Blanco GK 129 0 (0) 2012-2013, 2014-2020, 2022-2024
14%
1636 Rubén Duarte DF 217 3 (10) 2014-2021, 2023-2024
14%
1820 Ruben Loftus-Cheek DF, MF, FW 205 16 (10) 2014-2025
14%
3894 Rubén Navarro FW 119 21 (11) 2000-2002, 2005-2006
14%
984 Rubén Pérez MF 267 2 (6) 2009-2020
14%
2640 Ruben Vargas MF, FW 165 22 (17) 2019-2025
14%
2669 Rune Jarstein GK 164 0 (0) 2013-2021
14%
2270 Ryan Fraser DF, MF, FW 181 18 (31) 2016-2022, 2024-2025
14%
4140 Ryan Sessegnon DF, MF, FW 112 10 (13) 2018-2022, 2024-2025
14%
4065 Sadio Diallo MF, FW 114 8 (6) 2012-2017
14%
3648 Samuele Ricci MF 127 5 (5) 2021-2025
14%
2289 Sandro Wagner FW 180 44 (12) 2007-2008, 2010-2011, 2013-2019
14%
2522 Santiago Solari MF 170 14 (9) 2000-2008
14%
543 Sascha Riether DF, MF 314 11 (17) 2003-2004, 2007-2016, 2018-2019
14%
2494 Sean Longstaff MF 171 10 (9) 2018-2025
14%
2030 Sebastian Giovinco MF, FW 192 40 (30) 2007-2014, 2021-2022
14%
3709 Sebastian Polter FW 125 21 (8) 2011-2013, 2019-2020, 2021-2024
14%
1536 Sebastian Prödl DF, MF 225 13 (7) 2008-2020
14%
1608 Sébastien Bassong DF 219 6 (2) 2005-2006, 2007-2013, 2015-2016
14%
158 Sébastien Frey GK 409 0 (0) 2000-2013
14%
2145 Sejad Salihović DF, MF 186 47 (31) 2004-2005, 2008-2014, 2017-2018
14%
2200 Serdar Tasci DF 184 9 (3) 2006-2013, 2015-2016
14%
2781 Serginho DF, MF 159 17 (23) 2000-2008
14%
217 Sergio Canales MF, FW 384 49 (49) 2008-2023
14%
2782 Sergio León MF, FW 159 30 (3) 2016-2020, 2022-2023
14%
3334 Sergio Reguilón DF, MF 137 4 (16) 2018-2025
14%
3896 Shane Duffy DF 119 7 (2) 2011-2012, 2017-2019, 2021-2023
14%
1371 Silvan Widmer DF, MF, FW 237 12 (23) 2013-2017, 2021-2025
14%
4442 Simone Romagnoli DF 104 3 (1) 2012-2013, 2015-2016, 2017-2018, 2021-2024
14%
3362 Simon Francis DF 136 0 (8) 2015-2020
14%
767 Simon Rolfes MF 288 41 (27) 2005-2015
14%
4067 Simon Zoller MF, FW 114 17 (8) 2014-2017, 2021-2024
14%
623 Sokratis Papastathopoulos DF 304 14 (5) 2008-2019, 2023-2024
14%
2074 Solly March DF, MF, FW 190 14 (18) 2017-2025
14%
2271 Soualiho Meïté DF, MF 181 4 (11) 2011-2012, 2013-2015, 2017-2020, 2022-2023
14%
3969 Soumaila Coulibaly MF 117 18 (7) 2000-2001, 2003-2004, 2008-2009
14%
1219 Stanislav Lobotka MF 246 2 (4) 2017-2025
14%
345 Ștefan Radu DF 349 5 (10) 2007-2023
14%
2692 Stefan Reinartz DF, MF 163 12 (7) 2009-2016
14%
3141 Stéphane Henchoz DF 144 0 (1) 2000-2003, 2005-2007
14%
359 Stéphane Sessègnon MF, FW 347 42 (44) 2006-2018
14%
3212 Stephen Kelly DF 141 2 (0) 2003-2005, 2007-2013
14%
1327 Steve Finnan DF 240 1 (14) 2001-2010
14%
323 Steven Nzonzi MF 354 19 (17) 2009-2021
14%
1339 Steven Pienaar MF 239 21 (33) 2006-2017
14%
2031 Steven Reid DF, MF 192 8 (14) 2003-2015
14%
3577 Steven Zuber DF, MF, FW 129 14 (12) 2014-2021
14%
2841 Steve Watson DF, MF 156 15 (10) 2000-2006
14%
3010 Stuart Armstrong MF, FW 149 16 (11) 2018-2023
14%
3785 Sven Botman DF 123 5 (3) 2020-2025
14%
46 Sylvain Distin DF 497 8 (6) 2000-2016
14%
1781 Sylvinho DF 207 5 (17) 2000-2010
14%
2292 Szabolcs Huszti MF 180 40 (37) 2005-2008, 2012-2013, 2015-2017
14%
3538 Takuma Asano MF, FW 130 15 (9) 2017-2018, 2021-2025
14%
3897 Takumi Minamino MF, FW 119 22 (12) 2019-2025
14%
4322 Tanguy Coulibaly DF, MF, FW 107 10 (2) 2020-2025
14%
4444 Tariq Lamptey DF, MF, FW 104 3 (9) 2019-2025
14%
1738 Taye Taiwo DF 210 18 (16) 2004-2012
14%
1923 Teemu Tainio MF 199 13 (7) 2000-2010
14%
3711 Teun Koopmeiners DF, MF, FW 125 29 (13) 2021-2025
14%
930 Theodor Gebre Selassie DF, MF, FW 271 23 (13) 2012-2021
14%
4289 Thiago Cionek DF 108 1 (5) 2015-2020
14%
4598 Thijs Dallinga FW 100 29 (5) 2022-2025
14%
1859 Thilo Kehrer DF 203 13 (6) 2015-2025
14%
3898 Thomas Riedl DF, MF 119 3 (6) 2000-2006
14%
2616 Thomas Strakosha GK 166 0 (0) 2016-2021, 2023-2024
14%
2912 Thomas Vermaelen DF 153 14 (5) 2009-2019
14%
1383 Tiemoué Bakayoko MF 236 12 (8) 2013-2024
14%
3899 Timo Baumgartl DF 119 2 (3) 2014-2015, 2017-2018, 2021-2023
14%
508 Timo Hildebrand GK 321 0 (0) 2000-2009, 2011-2015
14%
1676 Timo Horn GK 214 0 (0) 2014-2017, 2019-2021, 2024-2025
14%
1549 Timothy Castagne DF 224 11 (16) 2017-2025
14%
1038 Timothy Chandler DF, MF 262 13 (18) 2010-2025
14%
2891 Timothy Weah DF, MF, FW 154 12 (9) 2017-2025
14%
2311 Tolgay Arslan MF 179 7 (4) 2009-2010, 2011-2014, 2020-2023
14%
2032 Tomas Locatelli MF, FW 192 26 (20) 2000-2008
14%
658 Tomás Pina Isla MF 301 8 (7) 2009-2015, 2017-2022
14%
513 Tomáš Ujfaluši DF 320 4 (11) 2000-2011
14%
1278 Tom Cleverley MF 242 15 (15) 2010-2019, 2021-2022
14%
4003 Tom Heaton GK 116 0 (0) 2014-2015, 2016-2020
14%
1279 Tom Huddlestone MF 242 12 (24) 2005-2014, 2016-2017
14%
1208 Tony Jantschke DF, MF 247 5 (7) 2008-2024
14%
4409 Tore André Flo FW 105 20 (8) 2000-2001, 2002-2005
14%
1055 Tranquillo Barnetta MF 260 29 (41) 2004-2015
14%
2218 Ulrich Le Pen MF 183 23 (22) 2001-2009
14%
532 Ulrich Ramé GK 316 0 (0) 2000-2011
14%
1955 Vahid Hashemian MF, FW 197 38 (19) 2000-2001, 2002-2010
14%
931 Valentin Rongier DF, MF 271 13 (20) 2014-2025
14%
205 Valon Behrami DF, MF 387 10 (11) 2005-2022
14%
3684 Vedran Ćorluka DF 126 2 (8) 2007-2012
14%
208 Vicente Guaita GK 386 0 (0) 2008-2009, 2010-2015, 2017-2025
14%
490 Vicente Iborra MF 324 36 (13) 2007-2008, 2010-2022
14%
2469 Vikash Dhorasoo MF 172 10 (32) 2000-2007
14%
4253 Vincent Aboubakar FW 109 26 (12) 2010-2015
14%
3167 Vincent Enyeama GK 143 0 (0) 2013-2017
14%
3365 Vitaly Janelt DF, MF 136 9 (7) 2021-2025
14%
1550 Vladimír Darida MF 224 22 (30) 2013-2023
14%
3607 Vladimír Šmicer MF, FW 128 12 (23) 2000-2007
14%
1638 Weligton Oliveira DF 217 9 (4) 2008-2017
14%
1464 Weston McKennie DF, MF, FW 230 15 (19) 2016-2025
14%
1599 Wilfred Ndidi DF, MF 220 7 (14) 2016-2022, 2024-2025
14%
2617 Winston Reid DF 166 6 (2) 2010-2011, 2012-2018
14%
152 Wissam Ben Yedder MF, FW 411 199 (59) 2010-2024
14%
3310 Wout Faes DF 138 7 (2) 2020-2022, 2024-2025
14%
2335 Ximo Navarro DF 178 3 (6) 2012-2013, 2014-2015, 2017-2022
14%
4548 Yacine Brahimi MF, FW 101 9 (7) 2010-2014
14%
877 Yannick Gerhardt DF, MF, FW 276 20 (23) 2014-2025
14%
2802 Yassine Bounou GK 158 1 (3) 2017-2024
14%
2348 Yoane Wissa MF, FW 177 55 (15) 2016-2017, 2020-2025
14%
888 Yoan Gouffran MF, FW 275 52 (21) 2004-2005, 2007-2016
14%
136 Yohan Cabaye MF 420 58 (41) 2004-2017, 2019-2020
14%
1410 Yohann Pelé GK 234 0 (0) 2003-2004, 2005-2009, 2013-2014, 2015-2021
14%
702 Yossi Benayoun MF 295 51 (31) 2002-2013
14%
1164 Younès Kaboul DF 251 15 (7) 2004-2018
14%
2498 Youssef El-Arabi FW 171 61 (11) 2008-2009, 2010-2011, 2012-2016
14%
719 Youssouf Sabaly DF 293 4 (21) 2013-2025
14%
1721 Yunus Mallı MF, FW 211 36 (25) 2011-2021
14%
1354 Yves Bissouma DF, MF 238 8 (3) 2016-2025
14%
2174 Zvonimir Soldo DF, MF 185 8 (6) 2000-2006
14%
3713 Aaron Mokoena DF, MF 124 0 (2) 2004-2010
0%
2316 Abdelhamid El Kaoutari DF 178 2 (3) 2009-2017
0%
3395 Abdelkader Ghezzal FW 134 15 (7) 2008-2011, 2014-2015
0%
3902 Abdelnasser Ouadah DF, MF 118 8 (10) 2002-2007
0%
2092 Abdeslam Ouaddou DF, MF 188 7 (2) 2001-2010
0%
3579 Abdón Prats MF, FW 128 12 (2) 2011-2012, 2019-2020, 2021-2025
0%
1466 Abdoulaye Faye DF, MF 229 10 (2) 2002-2010, 2013-2014
0%
1723 Abdoulay Konko DF, MF 210 8 (7) 2006-2017
0%
3168 Abdul Majeed Waris MF, FW 142 39 (15) 2013-2014, 2015-2016, 2018-2022
0%
3244 Abel Aguilar MF 139 8 (6) 2005-2006, 2009-2010, 2012-2015
0%
1926 Achille Emaná MF 198 34 (21) 2003-2009
0%
2221 Adama Soumaoro DF 182 4 (1) 2013-2023
0%
609 Adam Lallana MF, FW 305 33 (33) 2012-2025
0%
1198 Adam Marušić DF 247 14 (11) 2017-2025
0%
1639 Adam Masina DF 216 7 (9) 2015-2019, 2021-2025
0%
2572 Adam Ounas MF, FW 167 19 (13) 2015-2024
0%
3273 Adam Webster DF 138 6 (1) 2019-2025
0%
1520 Adem Ljajić MF, FW 225 48 (40) 2009-2019
0%
1281 Adnan Januzaj MF, FW 241 21 (24) 2013-2025
0%
2915 Adrián Colunga MF, FW 152 38 (13) 2008-2015
0%
2552 Adrian Mariappa DF 168 2 (1) 2006-2007, 2012-2020
0%
1308 Adri Embarba MF, FW 240 20 (25) 2013-2015, 2018-2019, 2021-2025
0%
2783 Adrien Hunou MF, FW 158 29 (4) 2013-2014, 2016-2020, 2022-2023
0%
3123 Adrien Regattin MF, FW 144 9 (14) 2009-2016
0%
1385 Adrien Tameze DF, MF 235 6 (8) 2017-2025
0%
353 Adrien Thomasson DF, MF, FW 347 46 (45) 2011-2012, 2014-2025
0%
1991 Afriyie Acquah MF 194 9 (5) 2010-2019
0%
2862 Agustín Aranzábal DF 154 1 (10) 2000-2007
0%
1940 Ahmed Elmohamady DF, MF 197 6 (13) 2010-2014, 2016-2017, 2019-2021
0%
4411 Ahmed Kantari DF 104 2 (0) 2010-2012, 2014-2015
0%
3609 Aihen Muñoz DF 127 0 (4) 2018-2025
0%
4481 Aimar Oroz MF, FW 102 10 (11) 2019-2020, 2022-2025
0%
1106 Aimo Diana DF, MF 255 24 (19) 2000-2009
0%
2445 Ainsley Maitland-Niles DF, MF 172 3 (11) 2014-2015, 2016-2025
0%
312 Aïssa Mandi DF 356 22 (10) 2012-2025
0%
4070 Aitor Karanka DF 113 2 (2) 2000-2005
0%
2446 Aitor Ocio DF 172 5 (2) 2000-2011
0%
3042 Aitor Ruibal DF, MF, FW 147 5 (6) 2017-2018, 2019-2025
0%
4448 Aitor Tornavaca MF 103 4 (10) 2006-2009
0%
4515 Akis Zikos MF 101 2 (6) 2002-2006
0%
1640 Alaeddine Yahia DF 216 9 (1) 2001-2010, 2014-2017
0%
3421 Alain Goma DF 133 1 (2) 2000-2006
0%
545 Alaixys Romao DF, MF 313 6 (10) 2008-2015, 2018-2020
0%
2115 Alan Stubbs DF 187 7 (0) 2001-2008
0%
670 Albano Bizzarri GK 299 0 (0) 2000-2001, 2002-2003, 2006-2008, 2011-2018
0%
2844 Albert Celades MF 155 6 (4) 2000-2008
0%
2930 Albert Crusat MF, FW 151 15 (19) 2002-2003, 2007-2012
0%
1309 Albert Luque MF, FW 240 60 (26) 2000-2006, 2008-2011
0%
3214 Alberto Botía DF 140 3 (2) 2008-2014
0%
2644 Alberto Bueno MF, FW 164 36 (14) 2008-2009, 2012-2014, 2016-2018
0%
3813 Alberto Fontana GK 121 0 (0) 2000-2009
0%
1610 Alberto Grassi DF, MF 218 6 (3) 2014-2025
0%
178 Alberto Lopo DF 400 18 (4) 2000-2016
0%
3190 Alberto Lora DF, MF 141 3 (9) 2008-2011, 2015-2017
0%
818 Alberto Paloschi FW 280 61 (12) 2007-2008, 2009-2020
0%
1008 Alberto Rivera MF 264 10 (11) 2000-2001, 2004-2011, 2013-2014
0%
3012 Alberto Valentim DF, MF 148 3 (8) 2000-2008
0%
2598 Alberto Zapater MF 166 6 (6) 2004-2007, 2009-2010
0%
1540 Albert Riera DF, FW 224 22 (22) 2000-2010
0%
3903 Albert Streit MF 118 11 (22) 2000-2001, 2003-2004, 2005-2009
0%
1356 Albin Ebondo DF 237 4 (14) 2003-2012
0%
1209 Aldo Duscher MF 246 6 (6) 2000-2011
0%
3686 Alejandro Alfaro MF, FW 125 18 (9) 2005-2007, 2009-2013
0%
2447 Alejandro Arribas DF 172 6 (1) 2011-2018
0%
2499 Alejandro Campano MF 170 15 (27) 2001-2007
0%
4449 Alejandro Pozo Pozo DF, MF 103 1 (5) 2019-2020, 2022-2024
0%
3941 Aleksandar Ignjovski DF, MF 117 1 (6) 2011-2017
0%
4325 Aleksandar Luković DF 106 0 (5) 2006-2010
0%
2619 Aleksandre Iashvili MF, FW 165 25 (27) 2000-2001, 2003-2004, 2007-2009
0%
2243 Aleksandr Golovin MF, FW 181 31 (33) 2018-2025
0%
4144 Aleksandr Mostovoi MF 111 31 (24) 2000-2004
0%
4551 Aleksei Miranchuk MF, FW 100 13 (17) 2020-2024
0%
411 Alessandro Agostini DF 337 0 (8) 2001-2011, 2013-2015
0%
3458 Alessandro Budel MF 132 3 (7) 2003-2007, 2009-2011
0%
4071 Alessandro Conticchio MF 113 7 (1) 2000-2002, 2005-2007
0%
2693 Alessandro Deiola MF 162 8 (4) 2016-2021, 2023-2025
0%
1440 Alessandro Diamanti MF, FW 231 41 (32) 2007-2008, 2009-2017
0%
200 Alessandro Gamberini DF 388 8 (4) 2000-2001, 2003-2018
0%
1589 Alessandro Gazzi MF 220 4 (6) 2006-2007, 2009-2017
0%
3043 Alessandro Grandoni DF 147 2 (1) 2003-2007, 2009-2010
0%
399 Alessandro Lucarelli DF 339 20 (6) 2001-2002, 2004-2007, 2009-2015
0%
4179 Alessandro Parisi DF 110 10 (8) 2004-2006, 2009-2011
0%
4450 Alessandro Pistone DF 103 1 (2) 2000-2006
0%
2958 Alessandro Potenza DF 150 2 (0) 2003-2013
0%
2620 Alessandro Rosina MF 165 28 (16) 2002-2004, 2006-2008, 2010-2011, 2012-2013
0%
3146 Alessandro Schöpf DF, MF, FW 143 11 (4) 2015-2022
0%
2500 Alessio Cragno GK 170 0 (0) 2014-2015, 2017-2024
0%
2472 Alessio Tacchinardi MF 171 9 (15) 2000-2007
0%
1571 Alexander Djiku DF, MF 221 5 (3) 2014-2023
0%
1956 Alexander Esswein MF, FW 196 14 (12) 2008-2009, 2011-2020
0%
2931 Alexander Farnerud MF 151 11 (18) 2003-2007, 2013-2016
0%
3422 Alexander Hack DF 133 6 (3) 2015-2023
0%
790 Alexander Madlung DF 284 29 (2) 2002-2015
0%
1783 Alexander Schwolow GK 206 0 (1) 2013-2014, 2016-2025
0%
2222 Alexander Sørloth DF, FW 182 64 (14) 2017-2018, 2020-2025
0%
2712 Alexander Tettey DF, MF 161 6 (3) 2009-2013, 2015-2016, 2019-2020
0%
4292 Alexandre Geijo FW 107 9 (5) 2002-2004, 2007-2008, 2009-2010, 2011-2012, 2014-2015
0%
3423 Alexandre Oukidja GK 133 0 (0) 2017-2018, 2019-2021, 2023-2024
0%
734 Álex Berenguer DF, MF, FW 290 38 (35) 2016-2025
0%
3904 Álex Bergantiños MF 118 4 (4) 2009-2010, 2012-2013, 2014-2017
0%
4145 Alex Cordaz GK 111 0 (0) 2016-2017, 2020-2021, 2022-2023
0%
2573 Alexey Smertin MF 167 4 (3) 2000-2008
0%
3580 Alex Ferrari DF 128 2 (1) 2015-2023
0%
2621 Álex Gálvez DF, MF 165 8 (2) 2011-2019
0%
503 Alexis DF 321 17 (3) 2003-2018
0%
3518 Alexis Claude-Maurice MF, FW 130 19 (13) 2019-2025
0%
4007 Alexis Thébaux GK 115 0 (0) 2004-2005, 2007-2008, 2010-2012, 2016-2017
0%
3787 Alex Pinardi MF 122 12 (9) 2000-2002, 2004-2005, 2010-2012
0%
2917 Alfonso Espino DF 152 2 (11) 2020-2025
0%
1784 Alfonso Pedraza DF, MF, FW 206 13 (22) 2014-2015, 2017-2025
0%
510 Alfred Duncan MF 320 14 (28) 2012-2025
0%
2932 Alfred N'Diaye DF, MF 151 3 (3) 2008-2010, 2012-2013, 2015-2018
0%
3425 Ali Ahamada GK 133 1 (0) 2010-2016
0%
4146 Ali Al-Habsi GK 111 0 (1) 2007-2008, 2010-2013
0%
390 Allan Nyom DF, MF 341 5 (12) 2011-2021, 2024-2025
0%
4227 Almog Cohen MF 109 9 (4) 2010-2012, 2015-2017
0%
2823 Álvaro Cejudo MF 156 12 (16) 2010-2013, 2015-2017
0%
2350 Álvaro Novo MF 176 12 (17) 2000-2007
0%
2713 Álvaro Recoba MF, FW 161 41 (37) 2000-2008
0%
1823 Álvaro Rubio DF, MF 204 4 (6) 2003-2004, 2007-2009, 2012-2014
0%
3610 Amadou Diawara MF 127 3 (2) 2015-2022
0%
4364 Amara Diané FW 105 25 (4) 2005-2008
0%
3396 Amath Ndiaye MF, FW 134 6 (7) 2017-2019, 2021-2025
0%
1804 Amdy Faye DF, MF 205 4 (3) 2000-2006, 2008-2009
0%
2918 Amedeo Carboni DF 152 0 (5) 2000-2006
0%
2275 Amine Gouiri MF, FW 180 57 (27) 2017-2018, 2019-2025
0%
1785 Amine Harit MF, FW 206 20 (24) 2016-2025
0%
3975 Amos Pieper DF 116 3 (2) 2020-2025
0%
1725 Anaitz Arbilla DF 210 6 (7) 2012-2021
0%
2959 Ander Barrenetxea DF, MF, FW 150 14 (6) 2018-2025
0%
1458 Ander Capa DF, MF, FW 230 10 (14) 2014-2023
0%
3192 Ander Guevara MF 141 2 (2) 2018-2025
0%
3611 Anders Svensson MF 127 10 (10) 2001-2005
0%
2501 Andoni Gorosabel DF 170 1 (7) 2017-2025
0%
1690 Andrea Bertolacci MF 212 21 (16) 2010-2017, 2019-2020
0%
3687 Andrea Cambiaso DF, FW 125 5 (13) 2021-2025
0%
1425 Andrea Caracciolo FW 232 58 (14) 2001-2007, 2010-2012
0%
4451 Andrea Carboni DF 103 1 (2) 2019-2025
0%
1611 Andrea Coda DF 218 0 (2) 2005-2017
0%
4293 Andrea Conti DF, MF 107 11 (10) 2015-2023
0%
1085 Andrea Cossu MF 257 11 (50) 2005-2006, 2007-2014, 2017-2018
0%
1805 Andrea Dossena DF, MF 205 6 (11) 2001-2002, 2005-2014
0%
3816 Andrea Gasbarroni MF, FW 121 16 (11) 2004-2009
0%
1551 Andrea Lazzari MF 223 14 (19) 2004-2005, 2008-2016
0%
2294 Andrea Mantovani DF 179 7 (5) 2002-2003, 2005-2006, 2008-2014
0%
772 Andrea Masiello DF 286 12 (5) 2004-2005, 2007-2008, 2009-2011, 2014-2022
0%
3651 Andrea Parola MF 126 1 (2) 2005-2010
0%
1131 Andrea Petagna FW 253 49 (24) 2013-2014, 2016-2025
0%
1691 Andrea Pinamonti FW 212 50 (8) 2016-2025
0%
557 Andrea Raggi DF 312 7 (4) 2005-2011, 2013-2019
0%
3147 Andrea Rispoli DF, MF 143 6 (9) 2010-2011, 2014-2016, 2019-2021
0%
4326 Andreas Cornelius FW 106 19 (9) 2013-2014, 2017-2021
0%
4412 Andreas Görlitz DF, MF 104 1 (3) 2001-2004, 2006-2009
0%
2376 Andreas Hinkel DF 175 1 (9) 2000-2007, 2011-2012
0%
3652 Andreas Jakobsson DF, MF 126 6 (5) 2000-2002, 2004-2005
0%
3688 Andreas Neuendorf MF 125 12 (12) 2000-2007
0%
3905 Andrea Sottil DF 118 3 (1) 2000-2003, 2006-2008
0%
4482 Andreas Schmidt DF, MF 102 3 (1) 2000-2003, 2005-2008
0%
4072 Andreas Weimann MF, FW 113 17 (8) 2010-2015
0%
3906 Andrea Zanchetta MF 118 14 (15) 2000-2001, 2003-2006, 2008-2009
0%
2352 Andrei Girotto DF, MF 176 12 (4) 2017-2023
0%
3715 Andrés D'Alessandro MF, FW 124 14 (28) 2003-2008
0%
445 Andrés Guardado DF, MF, FW 331 17 (34) 2007-2010, 2012-2013, 2017-2024
0%
1224 Andrés Palop GK 245 0 (0) 2000-2002, 2004-2013
0%
3788 Andreu Fontàs DF 122 2 (2) 2009-2018
0%
3124 Andrew Surman MF 144 6 (9) 2009-2010, 2011-2012, 2015-2020
0%
966 Andy Delort FW 268 85 (32) 2011-2012, 2015-2022, 2024-2025
0%
3397 Andy Griffin DF 134 1 (1) 2000-2005, 2007-2009
0%
1240 Andy O'Brien DF 244 7 (2) 2000-2011
0%
3369 Andy Todd DF 135 6 (2) 2000-2008
0%
899 Ángel Lafita MF, FW 273 35 (15) 2005-2016
0%
4516 Ângelo DF, MF 101 1 (4) 2004-2005, 2008-2009, 2010-2013
0%
1397 Angelo Fulgini MF, FW 234 23 (19) 2017-2025
0%
261 Angelo Palombo MF 370 11 (18) 2001-2002, 2003-2017
0%
2024 Angelo Peruzzi GK 192 0 (0) 2000-2007
0%
2894 Ángel Vivar Dorado MF 153 11 (6) 2000-2001, 2004-2009
0%
4517 Änis Ben-Hatira MF 101 15 (10) 2006-2008, 2010-2011, 2013-2017
0%
1705 Antar Yahia DF 211 7 (4) 2001-2009, 2011-2012
0%
1482 Ante Budimir FW 228 84 (10) 2016-2017, 2019-2025
0%
4483 Anthony Deroin MF 102 9 (12) 2004-2005, 2007-2008, 2010-2012
0%
3125 Anthony Gardner DF 144 2 (0) 2000-2010
0%
791 Anthony Le Tallec MF, FW 284 40 (22) 2002-2014
0%
3976 Anthony Losilla MF 116 5 (4) 2021-2025
0%
3193 Anthony Lozano MF, FW 141 15 (4) 2017-2018, 2020-2024
0%
1153 Anthony Mounier MF, FW 251 33 (38) 2007-2017
0%
4552 Anthony Šerić DF 100 2 (3) 2000-2005
0%
4553 Anthony Weber DF, MF 100 2 (1) 2012-2016
0%
2176 Antoine Devaux DF, MF 184 7 (9) 2009-2016
0%
1311 Antoine Sibierski MF, FW 240 41 (15) 2000-2009
0%
2224 Antonín Barák MF, FW 182 31 (14) 2017-2025
0%
4554 Antonio Amaya DF 100 3 (2) 2011-2016
0%
855 Antonio Barragán DF, MF 277 3 (17) 2006-2007, 2009-2010, 2011-2022
0%
1941 Antonio Buscè MF 197 14 (19) 2002-2003, 2005-2007, 2009-2011
0%
3716 Antonio Chimenti GK 124 0 (0) 2000-2007, 2009-2010
0%
4555 Antonio Di Salvo FW 100 17 (8) 2000-2005
0%
948 Antonio Filippini DF, MF 269 11 (21) 2000-2007, 2009-2011
0%
800 Antonio Floro Flores FW 283 53 (22) 2000-2001, 2003-2004, 2007-2017
0%
2177 Antonio Guayre MF, FW 184 27 (12) 2000-2006, 2008-2009
0%
3546 Antonio Langella MF, FW 129 18 (16) 2004-2010
0%
3169 Antonio Luna DF, FW 142 3 (12) 2009-2013, 2015-2019
0%
260 Antonio Mirante GK 371 0 (0) 2005-2006, 2007-2020, 2022-2024
0%
1067 Antonio Nocerino MF 258 22 (11) 2005-2006, 2007-2016
0%
3790 Antonio Notario GK 122 0 (0) 2001-2005, 2007-2008
0%
3491 Antonio Puertas MF, FW 131 16 (11) 2019-2021, 2023-2024
0%
3071 Antonio Raillo DF 146 10 (5) 2015-2016, 2019-2020, 2021-2025
0%
2961 Antonio Rukavina DF 150 2 (3) 2007-2008, 2012-2018
0%
833 Antonio Sanabria MF, FW 279 67 (11) 2013-2025
0%
4484 Antonio Soldevilla DF 102 3 (3) 2000-2005
0%
3072 Antoñito FW 146 26 (9) 2001-2005, 2009-2010
0%
3148 Antti Niemi GK 143 0 (0) 2002-2008
0%
3274 Apoño MF 138 28 (10) 2008-2013
0%
4294 Archimede Morleo DF 107 1 (2) 2010-2013, 2015-2017
0%
3944 Ardian Ismajli DF 117 1 (1) 2020-2025
0%
773 Ariel Ibagaza MF 286 26 (64) 2000-2010
0%
1497 Aritz Elustondo DF 227 11 (6) 2014-2025
0%
3843 Arjan de Zeeuw DF 120 4 (4) 2003-2007
0%
4074 Arkadiusz Reca DF 113 3 (8) 2018-2023
0%
3426 Armand Lauriente MF, FW 133 22 (17) 2018-2019, 2020-2024
0%
2824 Arnaud Kalimuendo MF, FW 156 53 (10) 2020-2025
0%
1824 Arnaud Nordin MF, FW 204 32 (16) 2016-2017, 2018-2025
0%
2991 Arnaud Souquet DF, MF, FW 149 5 (10) 2009-2010, 2016-2017, 2019-2023
0%
2207 Arne Maier MF 183 8 (12) 2016-2025
0%
3311 Arnold Bruggink MF, FW 137 28 (29) 2003-2004, 2006-2010
0%
1142 Arnold Mvuemba MF, FW 252 14 (13) 2003-2017
0%
1143 Arthur Boka DF 252 5 (13) 2004-2016
0%
3461 Arthur Masuaku DF, MF 132 2 (13) 2013-2014, 2016-2022
0%
4255 Artjoms Rudņevs FW 108 22 (13) 2012-2017
0%
1726 Artur Ioniță MF 210 14 (9) 2014-2021
0%
4148 Arturo Di Napoli FW 111 26 (3) 2001-2002, 2004-2007
0%
1958 Artur Wichniarek FW 196 49 (14) 2002-2010
0%
4229 Aruna Dindane FW 109 33 (10) 2005-2007, 2009-2010
0%
1893 Arzu DF, MF 200 9 (9) 2002-2009
0%
1876 Ashkan Dejagah MF, FW 201 24 (20) 2004-2014
0%
774 Ashley Westwood MF 286 12 (31) 2012-2022
0%
2151 Asier Riesgo GK 185 0 (0) 2004-2006, 2008-2009, 2011-2013, 2015-2019
0%
3907 Asier Villalibre FW 118 12 (5) 2016-2017, 2019-2025
0%
3844 Assane Dioussé MF 120 1 (0) 2015-2021, 2024-2025
0%
3312 Atakan Karazor DF, MF 137 2 (10) 2020-2025
0%
2353 Aurélien Chedjou DF 176 11 (2) 2007-2012, 2019-2020
0%
4111 Axel Cédric Konan FW 112 20 (7) 2000-2001, 2003-2006, 2008-2009
0%
2962 Aymen Abdennour DF 150 3 (2) 2009-2010, 2011-2018
0%
4075 Aymen Barkok DF, MF, FW 113 5 (7) 2016-2025
0%
3819 Aythami Artiles DF 121 4 (2) 2007-2008, 2009-2010, 2012-2013, 2015-2018
0%
3977 Azor Matusiwa MF 116 3 (5) 2021-2025
0%
4183 Bafodé Diakité DF 110 15 (3) 2018-2019, 2022-2025
0%
1727 Baptiste Reynet GK 210 0 (0) 2011-2012, 2013-2014, 2016-2021
0%
3908 Bartholomew Ogbeche FW 118 12 (1) 2001-2004, 2007-2009
0%
3547 Bartłomiej Drągowski GK 129 0 (2) 2016-2023
0%
1764 Bartosz Bereszyński DF 207 1 (8) 2016-2024
0%
616 Bastian Oczipka DF, FW 304 3 (36) 2010-2022
0%
2600 Bastian Reinhardt DF 166 12 (5) 2002-2010
0%
1154 Beñat Etxebarria MF 251 16 (34) 2006-2007, 2011-2020
0%
3978 Ben Godfrey DF 116 0 (3) 2019-2025
0%
98 Benjamin André DF, MF 438 24 (23) 2011-2025
0%
2920 Benjamin Angoua DF 152 4 (0) 2009-2017
0%
1039 Benjamin Bourigeaud MF, FW 261 54 (48) 2014-2015, 2017-2025
0%
2246 Benjamin Corgnet MF, FW 181 23 (14) 2011-2020
0%
2208 Benjamin Gavanon MF 183 13 (23) 2000-2001, 2005-2011
0%
3245 Benjamin Jeannot MF, FW 139 20 (6) 2010-2011, 2014-2020
0%
2527 Benjamin Köhler MF 169 16 (12) 2000-2001, 2005-2010, 2012-2013
0%
3217 Benjamin Lauth FW 140 34 (12) 2001-2008
0%
400 Benjamin Lecomte GK 339 0 (1) 2010-2020, 2022-2025
0%
2623 Benjamin Moukandjo MF, FW 165 47 (7) 2010-2012, 2014-2017
0%
478 Benjamin Nivet MF 325 47 (31) 2001-2002, 2005-2008, 2010-2012, 2015-2016, 2017-2018
0%
1018 Benjamin Stambouli DF, MF 263 3 (10) 2010-2020, 2023-2024
0%
4414 Benjamín Zarandona MF 104 6 (3) 2001-2006
0%
2056 Benjani FW 190 45 (12) 2002-2011
0%
3462 Benno Schmitz DF 132 1 (9) 2016-2017, 2019-2024
0%
910 Benoît Assou-Ekotto DF 272 4 (12) 2003-2012, 2015-2018
0%
166 Benoît Cheyrou MF 405 30 (44) 2000-2014
0%
132 Benoît Costil GK 420 0 (0) 2007-2008, 2011-2024
0%
165 Benoît Pedretti MF 406 30 (44) 2001-2013, 2016-2017
0%
1572 Benoît Trémoulinas DF 221 5 (29) 2007-2016
0%
3751 Ben Thatcher DF 123 1 (4) 2000-2007
0%
911 Bernardo Corradi FW 272 61 (23) 2001-2011
0%
2601 Bernardo Espinosa DF 166 8 (5) 2010-2011, 2015-2019, 2022-2024
0%
3867 Bernardo Romeo FW 119 41 (7) 2001-2007
0%
2528 Bernd Korzynietz DF, FW 169 4 (11) 2001-2008
0%
4042 Bill Tchato DF 114 1 (7) 2001-2006
0%
4296 Billy Gilmour MF 107 0 (4) 2019-2025
0%
3719 Bittor Alkiza MF 124 3 (7) 2000-2005
0%
3752 Bjørn Tore Kvarme DF 123 0 (5) 2000-2005
0%
3581 Blaise Kouassi DF 128 1 (1) 2000-2003, 2005-2007
0%
835 Blerim Džemaili MF 279 31 (19) 2008-2013, 2015-2020
0%
3909 Boaz Myhill GK 118 0 (0) 2008-2010, 2012-2015, 2017-2018
0%
1144 Bobby Zamora FW 252 47 (34) 2003-2004, 2005-2012, 2014-2015
0%
3493 Bojan Jokić DF, MF 131 0 (2) 2007-2016
0%
3463 Boris Živković DF 132 4 (3) 2000-2006
0%
1241 Borja Mayoral FW 244 60 (13) 2015-2025
0%
3194 Borja Oubiña MF 141 4 (2) 2003-2004, 2005-2007, 2012-2014
0%
2076 Boško Janković MF 189 29 (11) 2006-2016
0%
3793 Bo Svensson DF 122 3 (1) 2005-2006, 2009-2014
0%
3519 Boubacar Sanogo FW 130 27 (9) 2005-2011
0%
4416 Boubakar Kouyaté DF 104 2 (2) 2020-2025
0%
2094 Boubakary Soumaré MF 188 1 (4) 2017-2025
0%
1613 Boukary Dramé DF, MF 218 4 (13) 2005-2007, 2009-2018
0%
4417 Brahim Hemdani DF, MF 104 2 (1) 2000-2005
0%
2474 Brandão FW 171 36 (16) 2008-2016
0%
3276 Branimir Hrgota MF, FW 138 21 (10) 2012-2018, 2021-2022
0%
1341 Brede Hangeland DF 238 10 (3) 2007-2016
0%
2555 Brendan Chardonnet DF 168 8 (2) 2012-2013, 2019-2025
0%
1199 Brett Emerton DF, MF 247 13 (30) 2003-2012
0%
3014 Brian McBride FW 148 36 (9) 2002-2008
0%
3277 Brice Dja Djédjé DF, MF 138 4 (8) 2011-2016
0%
2575 Bruno DF 167 0 (6) 2001-2002, 2007-2011, 2017-2019
0%
3824 Bruno Carotti DF, MF 121 8 (5) 2000-2004
0%
1558 Bruno Cheyrou MF 222 27 (11) 2000-2010
0%
2624 Bruno Cirillo DF 165 3 (1) 2000-2004, 2007-2009
0%
2277 Bruno N'Gotty DF 180 5 (3) 2000-2006
0%
756 Bruno Soriano MF 288 21 (10) 2006-2011, 2013-2016, 2019-2020
0%
3126 Bryan Bergougnoux MF, FW 144 13 (4) 2001-2002, 2003-2009
0%
628 Bryan Cristante DF, MF 303 29 (21) 2013-2014, 2015-2025
0%
2278 Bryan Dabo DF, MF 180 12 (8) 2009-2010, 2012-2021
0%
3219 Bryan Mbeumo FW 140 42 (28) 2017-2018, 2021-2025
0%
4556 Burgui MF, FW 100 5 (7) 2015-2021
0%
2964 Caçapa DF, MF 150 8 (2) 2000-2009
0%
2865 Çağlar Söyüncü DF 154 5 (2) 2016-2024
0%
4230 Caiuby MF, FW 109 12 (13) 2008-2009, 2014-2019
0%
2247 Calum Chambers DF, MF 181 7 (5) 2013-2024
0%
538 Camel Meriem MF 314 26 (34) 2001-2008, 2010-2013
0%
1706 Cameron Jerome FW 211 33 (17) 2007-2008, 2009-2013, 2015-2016
0%
1765 Capi MF 207 16 (12) 2001-2009
0%
3464 Carlão DF, MF 132 2 (1) 2008-2013, 2016-2017
0%
3720 Carl Medjani DF, MF 124 5 (2) 2005-2006, 2011-2013, 2015-2017
0%
3246 Carlo Nervo MF 139 10 (6) 2000-2005
0%
2529 Carlos Aranda FW 169 29 (17) 2002-2004, 2008-2013
0%
1661 Carlos Bocanegra DF 214 12 (2) 2003-2012
0%
1877 Carlos Carmona MF, FW 201 15 (7) 2004-2005, 2008-2009, 2011-2017
0%
1975 Carlos Cuéllar DF 195 5 (5) 2003-2006, 2008-2014
0%
3845 Carlos Diogo DF, MF 120 6 (2) 2005-2007, 2009-2011
0%
548 Carlos Gurpegui DF, MF 313 19 (2) 2001-2005, 2007-2016
0%
4186 Carlos Neva DF 110 0 (3) 2019-2021, 2023-2024
0%
1019 Carlos Soler MF, FW 263 37 (29) 2016-2025
0%
3314 Carlos Zambrano DF, MF 137 1 (2) 2009-2010, 2012-2016
0%
4297 Carl Tourenne MF 107 2 (7) 2000-2002, 2005-2006
0%
3520 Casimir Ninga MF, FW 130 22 (11) 2015-2022
0%
4076 Castello Lukeba DF 113 5 (0) 2021-2025
0%
4011 Catanha FW 115 38 (10) 2000-2004
0%
3278 Catena DF 138 5 (9) 2018-2019, 2021-2025
0%
3220 Ceará DF 140 2 (5) 2007-2012
0%
1678 Cédric Bakambu FW 213 55 (10) 2010-2013, 2015-2017, 2021-2025
0%
857 Cédric Barbosa MF 277 35 (29) 2001-2007, 2011-2015
0%
4418 Cédric Cambon DF, MF 104 5 (0) 2011-2015
0%
330 Cédric Carrasso GK 352 0 (0) 2002-2003, 2005-2017
0%
1651 Cédric Hengbart DF 215 13 (9) 2004-2005, 2007-2011, 2013-2014
0%
1521 Cédric Makiadi MF 225 17 (14) 2004-2006, 2009-2015
0%
2448 Cédric Mongongu DF 172 7 (1) 2007-2014, 2016-2017
0%
3430 Cédric Uras DF 133 1 (2) 2000-2005
0%
610 Cédric Varrault DF 305 10 (1) 2002-2009, 2011-2012, 2016-2018
0%
4258 Cédric Yamberé DF 108 7 (0) 2014-2015, 2017-2019
0%
3910 Celestine Babayaro DF, MF 118 2 (11) 2000-2007
0%
4298 Celso Borges MF, FW 107 15 (5) 2014-2018
0%
3315 César Arzo DF, MF 137 3 (2) 2002-2010
0%
1176 César Cruchaga DF 249 9 (3) 2000-2009
0%
757 Cesare Bovo DF 288 14 (8) 2003-2017
0%
558 Cesare Natali DF 312 9 (4) 2001-2015
0%
3690 Cha Du-ri DF, MF 125 6 (6) 2002-2003, 2005-2006, 2009-2010, 2012-2013
0%
4453 Chancel Mbemba DF 103 7 (2) 2015-2016, 2017-2018, 2022-2024
0%
2057 Chaouki Ben Saada MF, FW 190 17 (16) 2001-2004, 2008-2010, 2015-2016, 2017-2018
0%
2715 Charalambos Lykogiannis DF, FW 161 9 (10) 2017-2025
0%
3945 Charles-Édouard Coridon MF 117 10 (5) 2000-2005
0%
2502 Charles Itandje GK 170 0 (0) 2002-2007
0%
3340 Charles Kaboré DF, MF 136 2 (7) 2007-2013
0%
2866 Cheick Diabaté FW 154 66 (12) 2009-2018
0%
4299 Cheick Doukouré MF 107 2 (1) 2010-2011, 2013-2014, 2016-2018, 2020-2021
0%
1267 Cheikh M'Bengue DF 242 2 (7) 2007-2018
0%
729 Cheikhou Kouyaté DF, MF 291 15 (11) 2014-2024
0%
2922 Chico Flores DF 152 4 (3) 2008-2014
0%
4558 Chinedu Obasi FW 100 17 (7) 2008-2015
0%
2895 Chris Baird DF, MF 153 4 (2) 2002-2003, 2007-2012, 2014-2015
0%
950 Chris Brunt DF, MF 269 25 (48) 2008-2009, 2010-2018
0%
2762 Chris Perry DF 159 5 (0) 2000-2006
0%
2648 Chris Powell DF 164 1 (6) 2000-2003, 2005-2007
0%
2602 Chris Riggott DF 166 8 (4) 2000-2009
0%
3550 Christian Bassila DF, MF 129 10 (1) 2000-2001, 2002-2005, 2007-2008
0%
4114 Christian Dailly DF 112 0 (3) 2000-2002, 2005-2007
0%
3247 Christian Eichner DF 139 4 (7) 2007-2012
0%
3372 Christian Eigler FW 135 24 (10) 2006-2007, 2009-2012
0%
3754 Christian Fiedler GK 123 0 (0) 2001-2007
0%
3316 Christian Kabasele DF 137 7 (3) 2016-2019, 2021-2022, 2023-2025
0%
2603 Christian Kouamé MF, FW 166 18 (15) 2018-2020, 2022-2025
0%
2933 Christian Manfredini MF 151 8 (6) 2001-2009
0%
1959 Christian Obodo MF 196 9 (8) 2001-2009, 2011-2012
0%
934 Christian Panucci DF 270 24 (12) 2000-2010
0%
4419 Christian Puggioni GK 104 0 (0) 2006-2007, 2008-2009, 2011-2013, 2016-2018
0%
4043 Christian Rahn DF, MF 114 14 (21) 2001-2005, 2007-2008
0%
4300 Christian Riganò FW 107 33 (12) 2004-2008
0%
4301 Christian Springer MF 107 12 (6) 2000-2001, 2003-2004, 2005-2006
0%
3465 Christian Terlizzi DF 132 11 (0) 2004-2010, 2012-2013
0%
1522 Christian Tiffert MF 225 13 (26) 2000-2005, 2007-2008, 2010-2012
0%
3868 Christian Timm FW 119 14 (17) 2000-2004, 2007-2009
0%
4044 Christian Wetklo GK 114 0 (0) 2004-2006, 2009-2014
0%
1467 Christoph Dabrowski MF 229 19 (13) 2000-2001, 2002-2010
0%
2825 Christophe Hérelle DF 156 3 (0) 2017-2024
0%
1993 Christophe Kerbrat DF, MF 194 1 (2) 2013-2019
0%
912 Christophe Landrin MF 272 18 (25) 2000-2011
0%
4077 Christophe Le Roux MF 113 20 (18) 2000-2004
0%
4078 Christopher Antwi-Adjei MF, FW 113 7 (11) 2019-2020, 2021-2024
0%
2649 Christophe Revault GK 164 0 (0) 2000-2001, 2003-2005, 2008-2009
0%
2965 Christopher Jullien DF 150 7 (5) 2014-2015, 2016-2018, 2022-2024
0%
3495 Christoph Preuß DF, MF 131 8 (5) 2000-2001, 2002-2007, 2009-2010
0%
1663 Ciaran Clark DF, MF 214 15 (6) 2009-2015, 2017-2022
0%
2867 Ciprian Marica FW 154 30 (14) 2007-2014
0%
3341 Ciro Capuano DF 136 3 (6) 2004-2005, 2006-2014
0%
2225 Claudio Beauvue MF, FW 182 35 (12) 2012-2019
0%
1878 Claudio Bellucci FW 201 41 (20) 2000-2004, 2007-2010
0%
3171 Claudio Rivalta DF 142 2 (2) 2000-2001, 2004-2005, 2006-2009
0%
3150 Claudio Terzi DF 143 6 (2) 2002-2003, 2008-2009, 2011-2012, 2014-2015, 2020-2021
0%
2504 Claus Lundekvam DF 170 1 (2) 2000-2005
0%
4559 Claus Reitmaier GK 100 0 (0) 2000-2004
0%
1286 Clément Chantôme MF 241 8 (12) 2006-2017
0%
4331 Clinton N'Jie MF, FW 106 21 (14) 2012-2019
0%
3107 Collin Benjamin DF, MF 145 13 (3) 2001-2004, 2006-2008, 2010-2011
0%
3846 Connor Wickham MF, FW 120 19 (7) 2011-2016, 2018-2020
0%
2736 Corentin Jean MF, FW 160 11 (6) 2012-2013, 2015-2022
0%
1879 Corona MF 201 6 (9) 2000-2001, 2003-2004, 2005-2006, 2007-2010, 2013-2015
0%
2078 Cosmin Contra DF, MF 189 10 (24) 2000-2010
0%
2209 Craig Cathcart DF 183 5 (2) 2010-2011, 2015-2019, 2021-2022
0%
1046 Craig Gardner MF 260 31 (14) 2005-2017
0%
275 Cristhian Stuani MF, FW 366 116 (17) 2007-2008, 2010-2014, 2016-2018, 2022-2025
0%
2319 Cristian Ansaldi DF, MF, FW 178 9 (23) 2014-2022
0%
1047 Cristian Brocchi MF 260 10 (12) 2000-2013
0%
435 Cristian Molinaro DF, MF 333 4 (15) 2005-2018, 2021-2022
0%
292 Cristiano Biraghi DF, MF 361 15 (35) 2013-2025
0%
951 Cristiano Doni MF 269 78 (31) 2000-2010
0%
1212 Cristiano Lucarelli FW 246 100 (28) 2000-2002, 2004-2007, 2009-2012
0%
3869 Cristiano Lupatelli GK 119 0 (0) 2000-2002, 2004-2005, 2007-2010, 2012-2013
0%
3074 Cristian Raimondi DF, MF 146 1 (9) 2004-2005, 2009-2010, 2011-2017
0%
4302 Cristian Silvestri DF 107 1 (2) 2001-2002, 2003-2004, 2006-2009
0%
1167 Cristian Tello DF, MF, FW 250 34 (28) 2011-2013, 2015-2022
0%
187 Cristian Zaccardo DF 396 23 (13) 2001-2016
0%
994 Cristian Zenoni DF 265 4 (17) 2000-2010
0%
3870 Cucho MF, FW 119 21 (10) 2018-2021, 2024-2025
0%
4115 Cyril Domoraud DF 112 5 (3) 2000-2004
0%
630 Cyril Jeunechamp DF, MF 303 5 (12) 2000-2013
0%
1664 Cyril Rool DF, MF 214 4 (15) 2000-2010
0%
1057 Cyril Théréau FW 259 66 (16) 2010-2019
0%
4079 Dagui Bakari FW 113 20 (4) 2000-2006
0%
3016 Daisuke Matsui MF, FW 148 17 (20) 2005-2009, 2011-2012
0%
1928 Damià Abella DF, MF 198 5 (5) 2004-2005, 2007-2008, 2010-2014
0%
2338 Damiano Tommasi MF 177 11 (8) 2000-2003, 2005-2008
0%
1627 Damiano Zenoni DF, MF 217 2 (9) 2000-2002, 2004-2007, 2009-2010
0%
1155 Damien Gregorini GK 251 0 (0) 2000-2006, 2008-2013
0%
1843 Damien Perquis DF 203 12 (0) 2005-2014
0%
3721 Dango Ouattara DF, MF, FW 124 16 (16) 2021-2025
0%
2097 Dan Gosling DF, MF 188 18 (4) 2008-2013, 2015-2019, 2021-2022
0%
632 Daniel Aranzubia GK 303 1 (1) 2000-2010, 2012-2014
0%
4420 Daniel Bessa MF, FW 104 5 (7) 2017-2018, 2020-2022
0%
3075 Daniel Bierofka MF 146 19 (5) 2000-2007
0%
2679 Daniel Braaten MF, FW 163 14 (8) 2007-2013
0%
1560 Daniel Brosinski DF, MF, FW 222 11 (23) 2008-2009, 2014-2022
0%
4045 Daniel Carriço DF, MF 114 5 (2) 2012-2020
0%
4562 Daniel Ciofani FW 100 22 (3) 2015-2016, 2018-2019, 2022-2023
0%
52 Daniel Congré DF 490 14 (9) 2004-2021
0%
2650 Daniel Cousin FW 164 41 (14) 2003-2010
0%
2180 Daniel Didavi MF, FW 184 46 (20) 2010-2018, 2020-2022
0%
4012 Daniele Adani DF 115 5 (0) 2000-2008
0%
1373 Daniele Baselli MF 236 20 (16) 2013-2021, 2024-2025
0%
4370 Daniele Berretta MF 105 6 (4) 2000-2005
0%
297 Daniele Bonera DF 360 1 (6) 2000-2019
0%
4520 Daniele Capelli DF 101 3 (1) 2004-2005, 2007-2009, 2011-2012, 2014-2015
0%
492 Daniele Conti MF 323 39 (25) 2004-2015
0%
4486 Daniele Corvia FW 102 10 (4) 2003-2004, 2006-2007, 2010-2012
0%
4563 Daniele Croce MF 100 2 (4) 2014-2017
0%
447 Daniele Dessena MF 331 19 (6) 2004-2014, 2016-2020
0%
1243 Daniele Franceschini MF 244 19 (19) 2001-2010
0%
1994 Daniele Galloppa MF 194 7 (13) 2006-2015
0%
589 Daniele Gastaldello DF 307 13 (6) 2005-2010, 2012-2016, 2019-2020
0%
2695 Daniele Mannini MF 162 12 (8) 2004-2005, 2007-2013
0%
3825 Daniele Padelli GK 121 0 (0) 2006-2007, 2009-2010, 2012-2016, 2019-2021, 2024-2025
0%
654 Daniele Portanova DF 301 17 (2) 2004-2014
0%
3129 Daniele Verde MF, FW 144 21 (11) 2014-2015, 2017-2018, 2020-2023
0%
3848 Daniel Ginczek MF, FW 120 29 (7) 2013-2015, 2017-2022
0%
2379 Daniel Jarque DF 175 8 (0) 2002-2009
0%
891 Daniel Moreira FW 274 57 (30) 2000-2010
0%
2320 Daniel Niculae FW 178 29 (16) 2006-2012
0%
2098 Daniel Schwaab DF 188 1 (4) 2009-2016
0%
662 Daniel Van Buyten DF 300 39 (4) 2001-2014
0%
3912 Daniel Vivian DF 118 7 (1) 2021-2025
0%
1287 Danijel Ljuboja FW 241 55 (14) 2000-2001, 2002-2011
0%
4421 Danilo Avelar DF, MF 104 5 (9) 2010-2011, 2012-2018
0%
1120 Danilo Cataldi MF 254 11 (14) 2014-2025
0%
563 Danilo D'Ambrosio DF 311 21 (21) 2012-2025
0%
369 Danilo Larangeira DF 344 12 (3) 2011-2021
0%
2249 Dani Osvaldo FW 181 64 (13) 2007-2015
0%
3342 Danny Gabbidon DF 136 1 (1) 2005-2007, 2009-2011, 2013-2014
0%
3722 Danny Graham FW 124 18 (5) 2004-2006, 2011-2016
0%
4455 Danny Guthrie MF 103 4 (5) 2006-2008, 2010-2013
0%
1786 Danny Higginbotham DF 206 9 (5) 2000-2004, 2007-2012
0%
2626 Danny Mills DF 165 3 (8) 2000-2008
0%
89 Dario Dainelli DF 446 11 (2) 2000-2018
0%
3282 Dario Šimić DF 138 1 (0) 2000-2009
0%
4080 Dariusz Dudka DF, MF 113 6 (5) 2008-2013
0%
3522 Dariusz Żuraw DF 130 5 (1) 2002-2008
0%
1707 Darko Brašanac MF, FW 211 8 (8) 2016-2025
0%
2036 Darko Kovačević FW 191 56 (17) 2000-2007
0%
3913 Darren Anderton MF 118 9 (19) 2000-2005
0%
2059 Darwin Machís MF, FW 190 21 (19) 2012-2013, 2014-2015, 2016-2017, 2018-2025
0%
3017 David Balleri DF 148 1 (8) 2000-2001, 2004-2008
0%
1574 David Barral FW 221 46 (8) 2008-2011, 2013-2017
0%
2577 David Belenguer DF 167 2 (2) 2001-2002, 2004-2010
0%
1600 David Bellion FW 219 38 (7) 2001-2014
0%
1694 David Castedo DF 212 0 (7) 2001-2008
0%
901 David Cortés DF 273 0 (9) 2002-2012
0%
600 David Di Michele FW 306 84 (26) 2001-2008, 2010-2013
0%
601 David Ducourtioux DF, MF 306 7 (15) 2002-2003, 2006-2013, 2015-2016
0%
747 Davide Astori DF 289 7 (3) 2008-2018
0%
1575 Davide Baiocco MF 221 4 (15) 2000-2003, 2006-2008, 2010-2011
0%
339 Davide Biondini MF 350 9 (16) 2005-2018
0%
3979 Davide Biraschi DF 116 1 (2) 2016-2021, 2023-2024
0%
3826 Davide Brivio DF 121 5 (0) 2005-2006, 2008-2009, 2010-2016
0%
1730 Davide Faraoni DF, MF 210 18 (24) 2011-2012, 2016-2017, 2019-2025
0%
3496 Davide Frattesi MF 131 22 (7) 2021-2025
0%
2408 Davide Mandelli DF 174 8 (3) 2004-2006, 2008-2012
0%
3468 Davide Moro MF 132 1 (7) 2005-2007, 2009-2010, 2014-2015
0%
1523 Davide Santon DF 225 1 (9) 2008-2021
0%
1040 Davide Zappacosta DF, MF 261 21 (21) 2014-2025
0%
4564 David Generelo MF 100 2 (2) 2003-2007, 2013-2014
0%
4047 David Hamed DF 114 2 (9) 2000-2002, 2004-2005, 2006-2007
0%
1769 David Hellebuyck MF 207 17 (24) 2004-2012
0%
504 David Jarolím MF 321 17 (28) 2001-2013
0%
1601 David Jemmali DF 219 4 (9) 2000-2010
0%
3523 David Lombán DF 130 9 (0) 2007-2008, 2013-2018
0%
4456 David Meyler MF 103 4 (3) 2009-2014, 2016-2017
0%
2716 David N'Gog FW 161 23 (7) 2006-2011, 2013-2016
0%
2868 David Rivas DF 154 6 (2) 2001-2009
0%
1427 David Rozehnal DF 232 4 (3) 2005-2015
0%
1806 David Sauget DF 205 3 (4) 2004-2005, 2006-2013
0%
2651 David Sommeil DF 164 5 (2) 2000-2009
0%
922 David Soria GK 271 0 (0) 2016-2025
0%
3109 David Suazo FW 145 54 (7) 2004-2007, 2009-2010, 2011-2012
0%
3151 David Timor DF, MF 143 8 (6) 2010-2012, 2016-2022
0%
2934 David Unsworth DF 151 19 (10) 2000-2004, 2006-2007
0%
2132 David Weir DF 186 7 (6) 2000-2007
0%
4371 David Wheater DF 105 7 (4) 2005-2008, 2010-2012
0%
1343 David Zurutuza MF 238 16 (13) 2010-2020
0%
4232 DeAndre Yedlin DF, MF 109 2 (5) 2014-2015, 2017-2021
0%
1977 Dean Kiely GK 195 0 (2) 2000-2005, 2008-2009
0%
1398 Dean Whitehead DF, MF 234 7 (11) 2005-2006, 2007-2012, 2017-2018
0%
4521 Deiver Machado DF, MF 101 9 (8) 2021-2025
0%
3692 Dejan Stefanović DF 125 3 (0) 2003-2008
0%
4565 Delfí Geli DF 100 5 (12) 2000-2003
0%
2737 Delron Buckley MF, FW 160 21 (12) 2000-2001, 2002-2005, 2007-2009
0%
4334 Demetrio Albertini MF, FW 106 5 (11) 2000-2005
0%
3373 Denis Bouanga MF, FW 135 35 (15) 2015-2016, 2018-2022
0%
2152 Dennis Appiah DF, MF 185 1 (6) 2014-2015, 2019-2022, 2024-2025
0%
3693 Dennis Geiger MF, FW 125 6 (11) 2017-2025
0%
1643 Dennis Oliech FW 216 31 (20) 2005-2014
0%
4373 Deyverson FW 105 18 (6) 2014-2016, 2019-2021
0%
4150 Dickson Etuhu MF 111 4 (3) 2007-2012
0%
2476 Dick van Burik DF 171 6 (1) 2000-2007
0%
2531 Dídac Vilà DF, MF 169 2 (4) 2009-2011, 2013-2014, 2017-2019, 2021-2022
0%
1979 Didier Digard MF 195 4 (10) 2007-2017
0%
3076 Didier Ibrahim Ndong DF, MF 146 3 (6) 2014-2016, 2018-2021
0%
2869 Diego Camacho MF 154 4 (4) 2002-2003, 2004-2005, 2006-2010
0%
3045 Diego Capel MF 147 6 (7) 2004-2005, 2007-2010, 2015-2016
0%
2763 Diego Colotto DF 159 12 (4) 2008-2010, 2012-2015
0%
2154 Diego De Ascentis MF 185 2 (2) 2001-2002, 2005-2010
0%
2451 Diego Demme DF, MF 172 5 (11) 2016-2024
0%
3980 Diego Falcinelli MF, FW 116 17 (5) 2015-2018, 2021-2022
0%
2477 Diego Farias MF, FW 171 27 (15) 2013-2014, 2016-2022
0%
2505 Diego Laxalt DF, MF 170 9 (12) 2013-2020
0%
3554 Diego Mainz DF 129 5 (2) 2001-2002, 2011-2016
0%
859 Diego Perotti MF, FW 277 40 (38) 2008-2019, 2021-2022
0%
2037 Diego Placente DF 191 3 (10) 2000-2006, 2008-2010
0%
1961 Diego Rico DF 196 3 (16) 2016-2019, 2021-2025
0%
3796 Diego Rivas MF 122 3 (2) 2003-2006, 2010-2011
0%
2696 Diego Rolán MF, FW 162 38 (11) 2012-2019
0%
454 Dimitri Foulquier DF, MF 330 5 (17) 2011-2025
0%
2452 Dimitri Liénard DF, MF, FW 172 11 (17) 2017-2023
0%
4151 Dimitrios Grammozis MF 111 3 (6) 2000-2006
0%
3398 Dimitris Siovas DF 134 5 (1) 2016-2021
0%
4374 Dion Dublin DF, FW 105 25 (10) 2000-2004
0%
4488 Dirk Lottner DF, MF 102 24 (19) 2000-2001, 2003-2004, 2005-2006
0%
2210 Djamel Bakar MF, FW 183 15 (7) 2006-2016
0%
4118 Djamel Mesbah DF, MF 112 5 (4) 2010-2017
0%
935 Djené DF, MF 270 1 (3) 2017-2025
0%
1708 Dodi Lukebakio MF, FW 211 51 (22) 2016-2025
0%
2923 Domagoj Bradarić DF 152 2 (9) 2019-2025
0%
4522 Domenico Maietta DF 101 0 (2) 2013-2014, 2015-2019
0%
2627 Domenico Morfeo MF, FW 165 24 (44) 2000-2008
0%
2226 Domingo Cisma DF 182 5 (4) 2007-2015
0%
3432 Dominic Maroh DF 133 5 (1) 2009-2011, 2014-2018
0%
2992 Dominic Matteo DF, MF 149 2 (4) 2000-2006
0%
4048 Dominik Reinhardt DF 114 1 (7) 2002-2003, 2004-2007, 2011-2014
0%
1244 Dominique Arribagé DF 244 16 (4) 2000-2008
0%
1709 Dominique Heintz DF 211 4 (2) 2011-2012, 2015-2024
0%
2896 Doni GK 153 0 (0) 2005-2012
0%
4082 Doriva MF 113 1 (2) 2000-2006
0%
1695 Drissa Diakité DF, MF 212 0 (4) 2005-2011, 2013-2015
0%
633 Dudu Aouate GK 303 0 (0) 2003-2013
0%
1899 Dušan Basta DF, MF 200 10 (13) 2008-2009, 2011-2018
0%
3110 Dwight Gayle MF, FW 145 26 (7) 2013-2015, 2017-2018, 2019-2022
0%
1524 Dwight McNeil MF, FW 225 21 (32) 2018-2025
0%
4375 Dylan Bronn DF 105 3 (2) 2019-2024
0%
1009 Édgar Barreto MF 264 11 (18) 2007-2009, 2011-2012, 2014-2020
0%
3498 Edgar Pacheco FW 131 9 (7) 2000-2006
0%
4489 Edgar Prib MF 102 6 (13) 2012-2015, 2018-2019
0%
2228 Edoardo Goldaniga DF 182 8 (2) 2015-2021, 2023-2025
0%
4376 Eduardo Berizzo DF 105 4 (4) 2000-2003, 2005-2006
0%
3946 Edu Expósito MF 117 6 (8) 2016-2017, 2019-2020, 2022-2023, 2024-2025
0%
3556 Eldor Shomurodov MF, FW 129 19 (13) 2020-2025
0%
2453 Elif Elmas MF, FW 172 18 (9) 2019-2025
0%
2739 Elkin Soto MF 160 11 (8) 2006-2007, 2009-2016
0%
678 Ellyes Skhiri MF 298 30 (16) 2014-2025
0%
573 Elseid Hysaj DF 310 3 (16) 2014-2025
0%
2133 Elvis Rexhbeçaj MF, FW 186 10 (8) 2017-2025
0%
3433 Elye Wahi FW 133 44 (11) 2020-2025
0%
2579 Emanuele Calaiò FW 167 33 (4) 2001-2002, 2007-2009, 2011-2014
0%
2382 Emanuele Filippini MF 175 6 (9) 2000-2005, 2007-2008
0%
1980 Emanuele Giaccherini MF, FW 195 29 (16) 2010-2019
0%
1825 Emanuel Pogatetz DF 204 6 (6) 2005-2008, 2010-2014
0%
1997 Emerson Palmieri DF, MF 194 6 (7) 2014-2025
0%
2322 Emil Hallfreðsson MF, FW 178 5 (19) 2007-2008, 2013-2019
0%
4050 Emiliano Armenteros MF 114 14 (8) 2008-2009, 2011-2014
0%
1374 Emiliano Bonazzoli FW 236 48 (22) 2000-2009
0%
2652 Emiliano Insúa DF 164 3 (11) 2006-2009, 2012-2015, 2017-2019
0%
41 Emiliano Moretti DF 501 11 (9) 2000-2019
0%
1157 Emiliano Viviano GK 251 0 (0) 2009-2012, 2014-2019
0%
4336 Emilio Nsue DF, FW 106 9 (6) 2007-2008, 2010-2012, 2016-2017
0%
2740 Emil Krafth DF 160 2 (3) 2015-2025
0%
1807 Emílson Cribari DF 205 2 (3) 2002-2011
0%
2119 Emir Spahić DF 187 7 (4) 2009-2017
0%
2280 Emmanuel Agyemang-Badu MF 180 10 (7) 2009-2016, 2018-2020
0%
3471 Emmanuel Eboué DF, MF 132 4 (14) 2004-2011
0%
2323 Emmanuel Gyasi DF, MF, FW 178 15 (9) 2020-2025
0%
1359 Emmanuel Rivière FW 237 43 (18) 2008-2017, 2020-2021
0%
1577 Emmerson Boyce DF 221 11 (4) 2004-2005, 2006-2013
0%
3153 Emre Belözoğlu MF 143 8 (15) 2001-2007, 2012-2013
0%
3018 Enis Bardhi MF, FW 148 23 (12) 2017-2022
0%
4523 Enock Kwateng DF 101 2 (2) 2015-2022
0%
3948 Enrique Corrales DF 117 1 (4) 2004-2011
0%
3557 Enzo Crivelli FW 129 23 (8) 2013-2018, 2021-2022
0%
3285 Enzo Le Fée MF, FW 138 7 (15) 2020-2025
0%
655 Enzo Maresca MF 301 38 (26) 2000-2008, 2010-2016
0%
3949 Enzo Roco DF 117 3 (1) 2014-2015, 2021-2023
0%
3615 Eren Derdiyok FW 127 27 (13) 2009-2014
0%
2455 Éric Bauthéac MF, FW 172 26 (19) 2011-2017
0%
1345 Éric Carrière MF 238 22 (44) 2000-2008
0%
3196 Éric Cubilier DF 141 1 (5) 2001-2008
0%
4566 Erick Cabaco DF 100 2 (2) 2016-2022
0%
2409 Erick Pulgar DF, MF 174 18 (13) 2015-2022
0%
2357 Éric Mouloungui MF, FW 176 24 (13) 2002-2005, 2007-2012
0%
4233 Erik Edman DF 109 1 (5) 2004-2010
0%
1255 Erjon Bogdani FW 243 39 (8) 2000-2001, 2002-2003, 2005-2013
0%
2697 Ermin Bičakčić DF 162 7 (2) 2010-2011, 2013-2023
0%
4490 Eros Pisano DF 102 6 (0) 2011-2012, 2014-2016
0%
2383 Ervin Skela MF, FW 175 21 (29) 2003-2009
0%
3472 Ervin Zukanović DF 132 5 (3) 2014-2020
0%
2339 Esteban GK 177 0 (0) 2000-2001, 2002-2006, 2008-2010, 2013-2014
0%
758 Esteban Granero MF 288 19 (21) 2007-2020
0%
4083 Ethan Pinnock DF 113 8 (1) 2021-2025
0%
75 Étienne Capoue MF 460 29 (19) 2007-2024
0%
76 Étienne Didot MF 460 18 (39) 2001-2019
0%
2013 Eugenio Corini MF 193 28 (41) 2001-2002, 2004-2009
0%
821 Eugen Polanski MF 280 14 (14) 2004-2006, 2008-2018
0%
3616 Euzebiusz Smolarek MF, FW 127 29 (12) 2004-2009
0%
4524 Evanílson DF, FW 101 4 (11) 2000-2006
0%
3849 Evann Guessand MF, FW 120 22 (12) 2020-2025
0%
2532 Ezequiel Ávila MF, FW 169 37 (10) 2018-2025
0%
1882 Ezequiel Garay DF 201 21 (3) 2005-2010, 2016-2020
0%
2425 Ezequiel Muñoz DF 173 2 (2) 2010-2012, 2014-2019
0%
4567 Ezequiel Ponce MF, FW 100 9 (1) 2016-2017, 2021-2023
0%
2183 Ezequiel Schelotto DF, MF 184 9 (7) 2010-2014, 2017-2020
0%
3525 Fabián Canobbio MF 130 16 (9) 2003-2004, 2005-2006, 2008-2010
0%
1590 Fabian Lustenberger DF, MF 220 3 (3) 2007-2009, 2011-2012, 2013-2019
0%
4423 Fabiano Parisi DF, MF 104 4 (2) 2021-2025
0%
759 Fabián Orellana MF, FW 288 42 (43) 2009-2010, 2012-2021
0%
1132 Fabián Ruiz Peña MF 253 29 (32) 2015-2025
0%
1346 Fabien Audard GK 238 0 (0) 2000-2001, 2004-2005, 2006-2015
0%
3827 Fabien Boudarène MF 121 3 (4) 2000-2006
0%
3655 Fabien Centonze DF 126 5 (5) 2019-2025
0%
1347 Fabien Cool GK 238 0 (0) 2000-2007
0%
2967 Fabien Laurenti DF 150 0 (0) 2001-2005, 2007-2008, 2009-2011
0%
413 Fabien Lemoine MF 337 7 (16) 2007-2016, 2020-2022
0%
2229 Fábio Aurélio DF, MF 182 14 (17) 2000-2012
0%
3850 Fabio Bazzani FW 120 30 (9) 2001-2002, 2003-2007
0%
1900 Fabio Borini DF, MF, FW 200 32 (10) 2009-2010, 2011-2020
0%
3374 Fabio Caserta MF 135 13 (8) 2006-2012
0%
1108 Fabio Celestini MF 255 5 (12) 2000-2010
0%
2581 Fabio Depaoli DF, MF 167 3 (8) 2016-2023
0%
2100 Fabio Galante DF 188 8 (2) 2001-2002, 2004-2007, 2009-2010
0%
760 Fabio Liverani MF 288 10 (34) 2000-2011
0%
2506 Fabio Moro DF 170 1 (3) 2001-2006, 2008-2010
0%
3172 Fabio Pecchia MF 142 23 (8) 2000-2004, 2006-2007
0%
3723 Fabio Petruzzi DF 124 6 (1) 2000-2005
0%
4015 Fabio Pisacane DF 115 3 (2) 2016-2021
0%
4084 Fábio Rochemback DF, MF 113 8 (15) 2001-2002, 2005-2008
0%
1268 Fábio Simplício MF 242 40 (23) 2004-2012
0%
1213 Fabrice Abriel MF 246 12 (15) 2000-2001, 2006-2014
0%
2038 Fabrice Ehret DF, MF 191 10 (11) 2000-2001, 2002-2003, 2008-2014
0%
2871 Fabrice Fiorèse MF, FW 154 32 (17) 2000-2004, 2006-2007
0%
2582 Fabrice Muamba MF 167 5 (2) 2007-2012
0%
2384 Fabrice Pancrate MF, FW 175 17 (10) 2000-2001, 2003-2008, 2013-2014
0%
2296 Fabrizio Cacciatore DF 179 7 (9) 2009-2010, 2013-2020
0%
3046 Facundo Medina DF 147 6 (8) 2020-2025
0%
3916 Facundo Quiroga DF 118 1 (1) 2000-2001, 2004-2008
0%
1525 Facundo Roncaglia DF 225 8 (2) 2009-2010, 2012-2021
0%
3112 Fahid Ben Khalfallah MF, FW 145 10 (19) 2008-2014
0%
3019 Faitout Maouassa DF, MF, FW 148 11 (14) 2016-2020, 2022-2024
0%
3950 Fali DF, MF 117 0 (2) 2020-2024
0%
1122 Faouzi Ghoulam DF 254 4 (25) 2010-2023
0%
4377 Faryd Mondragón GK 105 0 (0) 2000-2001, 2008-2011
0%
2872 Fausto Rossini FW 154 20 (9) 2000-2008
0%
2134 Fayçal Fajr MF, FW 186 12 (17) 2011-2012, 2014-2020
0%
1578 Federico Balzaretti DF 221 4 (19) 2002-2003, 2005-2006, 2007-2015
0%
4016 Federico Barba DF 115 3 (4) 2014-2016, 2018-2020, 2024-2025
0%
4119 Federico Baschirotto DF 112 5 (1) 2022-2025
0%
3173 Federico Bonazzoli MF, FW 142 23 (5) 2013-2015, 2017-2018, 2019-2024
0%
4378 Federico Cartabia MF, FW 105 9 (9) 2013-2018
0%
1617 Federico Ceccherini DF 218 5 (0) 2013-2014, 2016-2023
0%
3434 Federico Cossato FW 133 29 (3) 2001-2007
0%
2784 Federico Di Francesco DF, MF, FW 158 17 (8) 2012-2013, 2016-2019, 2021-2024
0%
4187 Federico Giunti MF 110 5 (11) 2000-2001, 2004-2007
0%
1348 Federico Marchetti GK 238 0 (0) 2008-2009, 2011-2016, 2018-2019, 2020-2021, 2022-2023
0%
892 Federico Peluso DF 274 8 (12) 2008-2009, 2011-2022
0%
2605 Felix Klaus MF, FW 166 15 (8) 2012-2015, 2017-2021
0%
3499 Ferdinand Coly DF 131 4 (1) 2000-2003, 2005-2008
0%
4085 Ferdinando Coppola GK 113 0 (0) 2000-2001, 2003-2004, 2005-2006, 2007-2009, 2012-2013, 2015-2016
0%
1228 Fernando Amorebieta DF 245 4 (2) 2005-2013, 2016-2017
0%
3559 Fernando Baiano FW 129 54 (11) 2003-2008
0%
4017 Fernando Calero DF, MF 115 2 (1) 2018-2019, 2021-2022, 2024-2025
0%
2507 Fernando Couto DF 170 8 (1) 2000-2008
0%
4457 Fernando D'Amico MF 103 3 (2) 2000-2004
0%
4424 Fernando Marçal DF, MF 104 0 (10) 2016-2022
0%
1666 Fernando Menegazzo MF 214 21 (6) 2003-2011
0%
4051 Fernando Morán MF 114 6 (11) 2000-2001, 2002-2006
0%
3982 Fernando Niño DF 116 2 (2) 2000-2005
0%
1526 Fernando Pacheco GK 225 0 (0) 2016-2023
0%
2765 Fernando Sales MF 159 18 (18) 2000-2006
0%
2297 Fernando Sanz DF 179 6 (2) 2000-2006
0%
1468 Fernando Soriano MF 229 21 (15) 2003-2004, 2007-2010, 2013-2015
0%
1192 Fernando Tissone MF 248 8 (12) 2004-2016
0%
1123 Fernando Varela DF, MF 254 14 (8) 2001-2010
0%
1289 Ferran Corominas MF, FW 241 20 (8) 2003-2010, 2013-2015
0%
3656 Ferreira Pinto MF 126 12 (11) 2006-2009, 2011-2012
0%
2968 Fidel DF, MF, FW 150 17 (14) 2013-2014, 2020-2023
0%
2079 Filip Daems DF 189 13 (3) 2004-2005, 2008-2014
0%
3618 Filip Đorđević FW 127 24 (9) 2008-2009, 2013-2016, 2018-2019
0%
2212 Filip Đuričić MF, FW 183 17 (13) 2014-2015, 2016-2023
0%
2508 Fin Bartels MF, FW 170 28 (16) 2007-2008, 2010-2011, 2014-2020
0%
2358 Flavien Tait MF, FW 176 21 (22) 2016-2023
0%
4263 Flavius Daniliuc DF 108 1 (2) 2020-2025
0%
28 Florent Balmont MF 512 13 (39) 2002-2020
0%
1332 Florent Mollet MF, FW 239 34 (22) 2016-2025
0%
1413 Florent Sinama Pongolle FW 233 45 (14) 2002-2012
0%
2157 Florian Kainz MF, FW 185 26 (31) 2016-2024
0%
2026 Florian Kringe DF, MF 192 18 (13) 2003-2009, 2011-2012
0%
1088 Florian Lejeune DF, MF 257 13 (8) 2011-2012, 2016-2025
0%
2101 Florian Marange DF 188 2 (6) 2004-2017
0%
4306 Florian Maurice FW 107 21 (12) 2000-2005
0%
2509 Florian Sotoca MF, FW 170 29 (23) 2015-2016, 2020-2025
0%
3951 Florin Andone FW 117 28 (5) 2014-2015, 2016-2019, 2021-2022
0%
3080 Floyd Ayité MF, FW 146 22 (10) 2009-2010, 2012-2015, 2018-2019
0%
3131 Fodé Ballo-Touré DF, MF 144 1 (7) 2017-2025
0%
1561 Fodé Mansaré DF, FW 222 16 (18) 2001-2003, 2005-2011
0%
4052 Fouad Chafik DF, MF 114 1 (7) 2016-2021
0%
3435 Foued Kadir MF 133 21 (14) 2009-2013, 2015-2016
0%
3526 Fousseni Diawara DF 130 8 (2) 2000-2001, 2004-2007, 2011-2013
0%
1460 Fran Beltrán MF, FW 230 8 (3) 2018-2025
0%
881 Francesco Antonioli GK 275 0 (0) 2000-2005, 2008-2009, 2010-2012
0%
1790 Francesco Caputo FW 206 69 (23) 2010-2011, 2018-2025
0%
4188 Francesco Coco DF 110 2 (5) 2000-2007
0%
1929 Francesco Cozza MF 198 41 (24) 2000-2001, 2002-2009
0%
4307 Francesco Flachi FW 107 40 (13) 2003-2007
0%
1752 Francesco Magnanelli MF 208 3 (5) 2013-2022
0%
1883 Francesco Modesto DF, MF 201 7 (12) 2005-2013
0%
1443 Francesco Pisano DF 231 1 (6) 2004-2015
0%
3501 Francesco Pratali DF 131 1 (0) 2002-2003, 2005-2010
0%
2385 Francesco Tavano FW 175 40 (10) 2002-2003, 2005-2007, 2009-2010, 2014-2015
0%
2970 Francesco Valiani MF 150 5 (13) 2008-2013
0%
3695 Francisco Gallardo MF 125 6 (8) 2001-2005, 2007-2008
0%
3952 Francisco Lima MF 117 0 (11) 2000-2004
0%
2935 Francisco Pavón DF 151 4 (1) 2001-2005, 2007-2008, 2009-2011
0%
1652 Francisco Portillo MF, FW 215 10 (19) 2009-2013, 2015-2016, 2017-2020, 2022-2023
0%
133 Francisco Puñal MF 420 22 (35) 2001-2014
0%
1375 Francisco Rufete MF 236 19 (25) 2000-2008, 2010-2011
0%
761 Francisco Yeste MF 288 51 (61) 2000-2010
0%
611 Franck Béria DF 305 4 (8) 2001-2002, 2003-2005, 2007-2017
0%
1527 Franck Jurietti DF 225 0 (3) 2000-2010
0%
1376 Franck Queudrue DF 236 13 (20) 2000-2007, 2009-2011
0%
975 Franck Signorino DF 267 3 (16) 2001-2002, 2003-2007, 2012-2017
0%
1360 Franck Tabanou DF, FW 237 19 (21) 2008-2019
0%
738 Franco Brienza MF, FW 290 43 (30) 2003-2008, 2011-2016
0%
4234 François Bellugou DF, MF 109 2 (1) 2014-2018
0%
2766 François Kamano MF, FW 159 32 (13) 2014-2020
0%
1109 François Modesto DF, MF 255 10 (4) 2004-2009, 2013-2016
0%
3401 François Moubandje DF 134 0 (3) 2013-2019
0%
1710 Franco Semioli MF 211 14 (28) 2001-2002, 2003-2011
0%
2120 Frank Fahrenhorst DF 187 18 (1) 2000-2001, 2002-2009
0%
4568 Frank Onyeka MF 100 1 (5) 2021-2025
0%
3619 Fran Rico MF 127 11 (9) 2011-2012, 2013-2017
0%
2533 Frédéric Danjou DF 169 5 (1) 2000-2006
0%
837 Frédéric Da Rocha MF 279 19 (28) 2000-2006, 2008-2010
0%
2102 Frédéric Déhu DF, MF 188 8 (6) 2000-2007
0%
815 Frederic Guilbert DF, MF 281 5 (17) 2014-2025
0%
4152 Frédéric Née FW 111 26 (7) 2000-2005
0%
603 Frédéric Piquionne FW 306 66 (19) 2001-2011
0%
2062 Frédéric Sammaritano MF, FW 190 12 (16) 2010-2012, 2016-2021
0%
2897 Frederik Sørensen DF 153 4 (7) 2010-2017, 2020-2021
0%
3828 Fredi Bobic FW 121 36 (12) 2000-2005
0%
2971 Fredy Guarín MF 150 16 (20) 2006-2007, 2011-2016
0%
3047 Gábor Király GK 147 0 (1) 2000-2004, 2006-2007
0%
3402 Gabriele Zappa DF 134 3 (7) 2020-2021, 2023-2025
0%
2014 Gabriel Paletta DF 193 8 (3) 2006-2007, 2010-2017
0%
3851 Gabriel Schürrer DF 120 5 (2) 2000-2004
0%
3759 Gabriel Strefezza DF, MF, FW 123 16 (10) 2019-2020, 2022-2025
0%
4525 Gabriel Tamaș DF 101 0 (2) 2006-2007, 2010-2013
0%
1682 Gaby Mudingayi MF 213 3 (5) 2005-2015
0%
402 Gaël Danic MF 339 42 (42) 2000-2002, 2005-2006, 2008-2017
0%
612 Gaël Givet DF 305 11 (5) 2000-2011, 2014-2015
0%
1629 Gaël Kakuta MF, FW 217 35 (28) 2009-2011, 2013-2023
0%
2410 Gaëtan Bong DF 174 3 (5) 2005-2006, 2007-2008, 2009-2013, 2017-2020
0%
2299 Gaëtan Charbonnier MF, FW 179 30 (15) 2012-2015, 2019-2020, 2022-2023
0%
3473 Gaetano Castrovilli MF, FW 132 12 (9) 2019-2025
0%
1349 Gaetano D'Agostino MF 238 28 (33) 2000-2001, 2003-2013
0%
2300 Gaizka Toquero MF, FW 179 22 (16) 2008-2014, 2016-2017
0%
1847 Gareth McAuley DF 203 15 (3) 2011-2018
0%
4053 Garry Flitcroft MF 114 6 (3) 2001-2006
0%
4569 Gary Caldwell DF, MF 100 6 (2) 2009-2013
0%
674 Gary Medel DF, MF 299 9 (10) 2010-2016, 2019-2023
0%
3403 Gary Naysmith DF, MF 134 6 (12) 2000-2007
0%
1667 Gary O'Neil MF 214 16 (16) 2003-2008, 2010-2011, 2012-2013, 2015-2016
0%
1200 Gary Speed MF 247 29 (21) 2000-2008
0%
988 Gavin McCann MF 266 8 (8) 2000-2010
0%
2426 Genki Haraguchi DF, MF, FW 173 6 (16) 2014-2018, 2021-2024
0%
2994 Gennaro Bracigliano GK 149 0 (0) 2005-2011
0%
2583 Gennaro Delvecchio MF 167 18 (7) 2005-2012
0%
1902 Gennaro Sardo DF 200 9 (4) 2006-2017
0%
2559 Geoff Cameron DF, MF 168 2 (5) 2012-2018
0%
1500 Geoffrey Dernis MF, FW 227 24 (21) 2000-2001, 2003-2013
0%
3829 Geoffrey Doumeng MF 121 4 (3) 2001-2003, 2006-2008
0%
1528 Geoffrey Jourdren GK 225 0 (0) 2009-2017
0%
4526 George Boyd MF, FW 101 9 (5) 2013-2014, 2016-2017
0%
2015 George McCartney DF 193 1 (8) 2000-2002, 2005-2009, 2012-2014
0%
2873 Georg Niedermeier DF 154 12 (5) 2008-2017
0%
4379 Geovanni MF, FW 105 15 (4) 2001-2002, 2007-2010
0%
1377 Gerard Deulofeu MF, FW 236 42 (41) 2011-2023
0%
2584 Gerard Gumbau MF 167 3 (15) 2015-2016, 2017-2018, 2021-2025
0%
1981 Gerardo DF, MF 195 7 (18) 2000-2007
0%
2457 Geremi DF, MF 172 13 (26) 2000-2009
0%
3048 Gerhard Tremmel GK 147 0 (0) 2000-2001, 2002-2003, 2005-2008, 2011-2015
0%
1290 Germán Denis FW 241 73 (20) 2008-2016
0%
847 Germán Pezzella DF 278 13 (3) 2015-2024
0%
3376 Gerrit Holtmann DF, MF, FW 135 11 (8) 2016-2019, 2021-2025
0%
4235 Gerson MF, FW 109 16 (8) 2016-2018, 2021-2023
0%
3657 Gharib Amzine MF 126 6 (5) 2000-2002, 2005-2007
0%
229 Giacomo Bonaventura MF, FW 380 64 (39) 2007-2009, 2011-2024
0%
1848 Giacomo Tedesco MF 203 6 (21) 2000-2001, 2003-2010
0%
194 Giampaolo Pazzini FW 392 116 (21) 2004-2015, 2017-2018, 2019-2020
0%
201 Giampiero Pinzi MF 388 21 (16) 2000-2016
0%
449 Giandomenico Mesto DF, MF 331 12 (25) 2002-2015
0%
3082 Giangiacomo Magnani DF 146 2 (2) 2018-2025
0%
740 Gianluca Caprari MF, FW 290 52 (26) 2010-2013, 2016-2025
0%
870 Gianluca Comotto DF 276 11 (9) 2000-2003, 2005-2012
0%
2135 Gianluca Curci GK 186 0 (0) 2004-2014
0%
3377 Gianluca Falsini DF 135 0 (4) 2000-2007
0%
2742 Gianluca Lapadula FW 160 37 (7) 2016-2020, 2023-2025
0%
1945 Gianluca Pagliuca GK 197 0 (0) 2000-2004, 2006-2007
0%
4086 Gianluca Pegolo GK 113 0 (0) 2001-2002, 2009-2010, 2011-2013, 2015-2023
0%
3696 Gianluca Pessotto DF, MF 125 0 (2) 2000-2006
0%
1110 Gian Marco Ferrari DF 255 12 (6) 2016-2024
0%
3113 Giannelli Imbula MF 145 8 (4) 2013-2020
0%
3852 Gianni Munari MF 120 9 (8) 2008-2009, 2010-2013, 2016-2017, 2018-2019
0%
838 Gianpaolo Bellini DF 279 6 (7) 2000-2002, 2004-2005, 2006-2009, 2011-2016
0%
2720 Gilles Sunu MF, FW 161 13 (5) 2010-2018
0%
2655 Giorgos Kyriakopoulos DF, FW 164 4 (16) 2019-2025
0%
3286 Giovanni Marchese DF 138 6 (7) 2006-2007, 2009-2017
0%
923 Giovanni Pasquale DF 271 4 (12) 2002-2016
0%
3132 Giovanni Sio MF, FW 144 35 (14) 2011-2019
0%
2230 Giovanni Tedesco MF 182 29 (9) 2000-2003, 2005-2010
0%
2743 Giuliano Giannichedda MF 160 1 (3) 2000-2005, 2007-2008
0%
2511 Giulio Donati DF, FW 170 2 (5) 2010-2011, 2013-2019, 2022-2024
0%
1809 Giulio Falcone DF 205 0 (0) 2000-2008
0%
4155 Giulio Maggiore MF 111 9 (6) 2020-2024
0%
748 Giulio Migliaccio DF, MF 289 13 (5) 2004-2005, 2006-2017
0%
3378 Giuseppe Bellusci DF 135 1 (0) 2006-2007, 2009-2013, 2016-2017
0%
792 Giuseppe Biava DF 284 13 (4) 2004-2015
0%
3658 Giuseppe Cardone DF 126 4 (3) 2000-2007
0%
848 Giuseppe Colucci MF 278 20 (18) 2000-2008, 2010-2013
0%
1445 Giuseppe Favalli DF 231 3 (4) 2000-2010
0%
2159 Giuseppe Mascara FW 185 38 (21) 2006-2012
0%
3318 Giuseppe Pancaro DF 137 3 (8) 2000-2007
0%
2252 Giuseppe Pezzella DF, MF, FW 181 1 (10) 2015-2025
0%
784 Giuseppe Sculli MF, FW 285 38 (22) 2002-2005, 2007-2014
0%
2427 Giuseppe Vives MF 173 4 (8) 2008-2009, 2010-2011, 2012-2017
0%
860 Glenn Whelan MF 277 4 (12) 2008-2017
0%
2478 Gojko Kačar DF, MF 171 18 (6) 2007-2012, 2014-2018
0%
4156 Gonçalo Paciência MF, FW 111 19 (6) 2018-2024
0%
2253 Gonzalo Bergessio FW 181 41 (15) 2009-2015
0%
511 Gonzalo Colsa MF 320 29 (8) 2000-2001, 2002-2012
0%
1361 Gonzalo Escalante MF 237 20 (9) 2015-2024
0%
2744 Gonzalo Melero MF, FW 160 23 (9) 2018-2024
0%
3918 Gonzalo Villar MF 118 1 (5) 2019-2024
0%
4338 Gorka Elustondo DF, MF 106 4 (2) 2006-2007, 2010-2016, 2018-2019
0%
4425 Gorka Guruzeta FW 104 27 (8) 2018-2019, 2022-2025
0%
320 Gorka Iraizoz GK 354 0 (0) 2005-2019
0%
2513 Gōtoku Sakai DF, MF 170 2 (9) 2011-2018
0%
3875 Graeme Le Saux DF 119 4 (17) 2000-2005
0%
3174 Graham Dorrans MF, FW 142 8 (10) 2008-2009, 2010-2016
0%
849 Grégoire Defrel MF, FW 278 51 (24) 2010-2011, 2014-2024
0%
680 Grégory Bourillon DF, MF 298 7 (5) 2002-2017
0%
3319 Grégory Cerdan DF 137 4 (0) 2005-2009, 2013-2014
0%
1849 Grégory Leca DF, MF 203 4 (5) 2000-2001, 2003-2005, 2007-2008, 2010-2012
0%
1333 Grégory Paisley DF 239 1 (5) 2000-2007, 2009-2011
0%
1378 Grégory Proment MF 236 14 (10) 2000-2001, 2003-2005, 2007-2008, 2010-2012
0%
549 Grégory Pujol FW 313 76 (16) 2002-2013, 2015-2016
0%
2301 Grégory Sertic MF 179 6 (16) 2008-2019
0%
1256 Grégory Tafforeau DF 243 1 (5) 2001-2008, 2010-2011
0%
1401 Grégory Wimbée GK 234 0 (0) 2000-2005, 2008-2010
0%
3659 Grétar Steinsson DF 126 4 (8) 2007-2012
0%
3953 Grigoris Kastanos DF, MF, FW 117 7 (6) 2016-2017, 2018-2019, 2021-2025
0%
3954 Grischa Prömel MF 117 16 (8) 2019-2025
0%
1379 Guglielmo Stendardo DF 236 13 (1) 2005-2017
0%
2324 Guido Carrillo FW 178 27 (9) 2015-2022
0%
4123 Guilherme MF, FW 112 4 (6) 2014-2018
0%
3154 Guilherme Siqueira DF, MF 143 13 (6) 2006-2007, 2009-2010, 2011-2012, 2014-2017
0%
3560 Guillaume Hoarau FW 129 41 (13) 2008-2014
0%
2786 Guillaume Lacour MF 158 0 (8) 2002-2005, 2007-2008, 2011-2013
0%
4019 Guillaume Moullec DF, MF 115 3 (4) 2001-2003, 2006-2007, 2008-2009
0%
3474 Guillaume Warmuz GK 132 0 (0) 2000-2006
0%
1562 Guillermo Giacomazzi MF 222 23 (27) 2001-2002, 2003-2008, 2010-2012
0%
1998 Guillermo Maripán DF 194 14 (4) 2017-2025
0%
1501 Guirane N'Daw DF, MF 227 8 (6) 2002-2010, 2014-2015
0%
4124 Gus Poyet MF 112 29 (15) 2000-2004
0%
1771 Gustavo Cabral DF 207 8 (3) 2011-2019
0%
2972 Gustavo Munúa GK 150 0 (0) 2003-2004, 2007-2013
0%
4157 Guy N'dy Assembé GK 111 0 (0) 2008-2009, 2011-2013, 2016-2017
0%
1791 György Garics DF, MF 206 4 (5) 2007-2013, 2015-2016
0%
882 Habib Bamogo FW 275 46 (8) 2001-2011
0%
1202 Habib Beye DF 247 7 (6) 2000-2001, 2002-2011
0%
4491 Hajime Hosogai DF, MF 102 3 (2) 2011-2015
0%
2080 Hans Sarpei DF 189 2 (6) 2001-2011
0%
4492 Harald Cerny MF 102 3 (10) 2000-2004
0%
2995 Haris Belkebla MF 149 2 (1) 2019-2022, 2024-2025
0%
4308 Hassan Yebda MF 107 6 (2) 2006-2007, 2009-2014
0%
1179 Håvard Nordtveit DF, MF 249 10 (12) 2009-2022
0%
2936 Hayden Mullins MF 151 3 (0) 2005-2010
0%
3502 Héctor Berenguel DF 131 0 (5) 2001-2008
0%
4493 Hedwiges Maduro DF, MF 102 2 (0) 2007-2013
0%
4494 Heiko Gerber DF, MF 102 3 (4) 2000-2006
0%
4191 Henok Goitom FW 110 15 (3) 2004-2005, 2007-2010, 2015-2016
0%
1292 Henri Bedimo DF 241 3 (19) 2004-2005, 2009-2018
0%
2606 Henri Saivet MF, FW 166 19 (11) 2007-2018
0%
1810 Hérita Ilunga DF 205 2 (8) 2004-2010, 2012-2013
0%
850 Hermann Hreiðarsson DF 278 11 (15) 2000-2001, 2003-2010
0%
3797 Hernani MF, FW 122 13 (10) 2017-2018, 2019-2021, 2024-2025
0%
3021 Hicham Boudaoui MF 148 12 (11) 2019-2025
0%
3223 Hidetoshi Nakata MF 140 10 (21) 2000-2006
0%
1362 Hiroki Sakai DF, MF 237 3 (11) 2012-2021
0%
3831 Hiroshi Kiyotake MF, FW 121 18 (32) 2012-2017
0%
3854 Hirving Lozano MF, FW 120 23 (12) 2019-2023
0%
3955 Hoalid Regragui DF, MF 117 5 (4) 2000-2001, 2002-2005, 2008-2009
0%
3956 Houssine Kharja MF 117 13 (9) 2005-2006, 2007-2012
0%
1618 Hugo Campagnaro DF 218 9 (5) 2002-2003, 2007-2014, 2016-2017
0%
2828 Hugo Duro MF, FW 156 33 (7) 2017-2025
0%
3698 Hugo Guillamón DF, MF 125 4 (4) 2019-2025
0%
3084 Hugo Magnetti MF 146 4 (3) 2019-2025
0%
580 Hugo Mallo DF 309 9 (19) 2012-2023
0%
2874 Hugo Rodallega FW 154 29 (12) 2008-2014
0%
3622 Hwang Hee-chan MF, FW 127 22 (6) 2020-2025
0%
3405 Iacopo Balestri DF 134 1 (10) 2002-2007
0%
1792 Iago Falque MF, FW 206 51 (29) 2012-2021
0%
2534 Ian Harte DF 169 17 (23) 2000-2004, 2006-2007, 2012-2013
0%
4158 Ian Pearce DF 111 6 (1) 2000-2008
0%
2585 Ibrahim Amadou DF, MF 167 3 (0) 2012-2013, 2015-2023
0%
3175 Ibrahima Mbaye DF, MF 142 6 (5) 2013-2022
0%
3623 Ibrahima Niane MF, FW 127 19 (3) 2017-2018, 2019-2022, 2024-2025
0%
4267 Ibrahim Sangaré MF 108 2 (7) 2016-2019, 2023-2025
0%
2387 Ighli Vannucchi MF 175 19 (21) 2001-2003, 2005-2008
0%
2103 Igli Tare FW 188 30 (9) 2000-2008
0%
1553 Ignacio Camacho MF 223 18 (5) 2007-2019
0%
2898 Ignatius Ganago MF, FW 153 23 (5) 2017-2025
0%
3199 Igor DF 141 0 (1) 2019-2025
0%
2429 Igor Budan FW 173 42 (10) 2001-2002, 2004-2013
0%
883 Igor Gabilondo MF 275 32 (23) 2000-2012
0%
4268 Igor Jauregi DF, MF 108 5 (0) 2000-2006
0%
4236 Igor Tudor DF 109 15 (5) 2000-2006
0%
1388 Igor Zubeldia DF, MF 235 3 (9) 2015-2025
0%
2136 Ihlas Bebou DF, MF, FW 186 45 (20) 2017-2025
0%
1999 Ikechukwu Uche FW 194 42 (19) 2006-2011, 2013-2016
0%
4529 Ilaix Moriba MF, FW 101 2 (7) 2020-2025
0%
1169 Ilan FW 250 63 (14) 2004-2009, 2011-2014
0%
4020 Ilija Nestorovski MF, FW 115 19 (7) 2016-2017, 2019-2023
0%
2281 Imanol Agirretxe FW 180 55 (11) 2004-2006, 2010-2015, 2017-2018
0%
3475 Iñaki Lafuente GK 132 0 (0) 2000-2003, 2005-2009
0%
3023 Iñaki Muñoz MF 148 11 (8) 2001-2010
0%
2937 Ingo Hertzsch DF 151 2 (3) 2000-2006
0%
1884 Iñigo Lekue DF, MF, FW 201 3 (8) 2015-2025
0%
4192 Iñigo Ruiz de Galarreta MF 110 1 (7) 2012-2013, 2021-2025
0%
3476 Ion Ansotegi DF 132 6 (2) 2005-2006, 2010-2016
0%
2899 Ireneusz Jeleń MF, FW 153 49 (3) 2006-2012
0%
2938 Iriney MF 151 2 (2) 2002-2003, 2005-2008, 2011-2013
0%
3085 Irvin Cardona MF, FW 146 25 (10) 2016-2017, 2019-2025
0%
3876 Isaac Carcelen DF, MF 119 0 (3) 2020-2024
0%
3877 Isaac Cofie MF 119 3 (3) 2009-2010, 2012-2018
0%
3919 Isaac Hayden DF, MF 118 4 (6) 2017-2022
0%
3156 Isaac Palazón Camacho MF, FW 143 19 (14) 2021-2025
0%
2041 Isaac Success MF, FW 191 13 (20) 2014-2019, 2021-2024
0%
1931 Ishak Belfodil MF, FW 198 34 (14) 2009-2010, 2011-2014, 2017-2022
0%
3761 Ismaël Bangoura FW 123 28 (8) 2005-2006, 2009-2010, 2013-2015
0%
1502 Ismael Urzaiz FW 227 70 (22) 2000-2007
0%
3624 Ismail Jakobs DF, MF, FW 127 4 (8) 2019-2025
0%
1230 Issa Diop DF 245 13 (3) 2015-2025
0%
3660 Issam Jemâa MF, FW 126 22 (6) 2005-2007, 2009-2012
0%
871 Issiaga Sylla DF, MF, FW 276 13 (17) 2012-2020, 2022-2025
0%
3561 Iván Alejo MF, FW 129 4 (9) 2017-2018, 2020-2024
0%
2231 Iván Balliu DF 182 1 (8) 2016-2017, 2021-2025
0%
2162 Iván Campo DF, MF 185 13 (7) 2000-2008
0%
3725 Ivan Cavaleiro MF, FW 124 11 (5) 2014-2016, 2018-2019, 2020-2021, 2023-2024
0%
1811 Iván Cuéllar GK 205 0 (2) 2004-2005, 2006-2007, 2008-2009, 2010-2011, 2015-2019, 2023-2024
0%
2163 Iván de la Peña MF 185 8 (39) 2000-2011
0%
2745 Ivan Franceschini DF 160 7 (0) 2002-2009
0%
2848 Ivan Pelizzoli GK 155 0 (0) 2000-2006, 2010-2011, 2012-2013
0%
2430 Ivan Provedel GK 173 0 (0) 2018-2019, 2020-2025
0%
414 Ivan Radovanović DF, MF 337 4 (5) 2009-2023
0%
809 Iván Ramis DF 282 18 (1) 2003-2004, 2006-2012, 2014-2020
0%
3799 Iván Rosado FW 122 26 (8) 2000-2005
0%
2996 Ivica Banović MF 149 16 (16) 2000-2006, 2009-2011
0%
4381 Ivica Dragutinović DF 105 5 (0) 2005-2011
0%
3320 Ivo Iličević MF 137 18 (9) 2006-2007, 2010-2015, 2018-2019
0%
3855 Ivo Ulich MF 120 9 (7) 2001-2005
0%
2063 Jack Colback DF, MF 190 9 (10) 2009-2015, 2022-2023
0%
2586 Jack Rodwell DF, MF 167 10 (4) 2007-2016, 2019-2020
0%
1011 Jacques Abardonado DF 264 3 (2) 2000-2010
0%
1503 Jacques Faty DF 227 3 (1) 2002-2010, 2012-2013
0%
4530 Jaime MF 101 5 (5) 2000-2005
0%
1850 Jaime Gavilán MF 203 10 (29) 2002-2003, 2005-2015
0%
3436 Jairo Samperio MF, FW 133 17 (14) 2011-2012, 2013-2018
0%
2122 Jakub Jankto MF, FW 187 18 (19) 2016-2021, 2023-2024
0%
3437 Jamel Saihi MF 133 1 (2) 2009-2017
0%
894 James Beattie FW 274 86 (30) 2000-2006, 2008-2011
0%
3024 James Fanchone MF, FW 148 11 (9) 2003-2004, 2005-2007, 2009-2011
0%
2787 James McClean DF, MF, FW 158 11 (9) 2011-2012, 2015-2018
0%
2479 James McFadden MF, FW 171 20 (11) 2003-2007, 2009-2013
0%
749 James Tomkins DF, MF 289 14 (7) 2007-2010, 2012-2024
0%
2939 Jamie Clapham DF 151 5 (7) 2000-2006
0%
4193 Jamie Leweling MF, FW 110 12 (8) 2021-2025
0%
2185 Jan Bednarek DF 184 9 (3) 2017-2022, 2024-2025
0%
2535 Jan-Ingwer Callsen-Bracker DF 169 11 (3) 2003-2008, 2010-2016, 2018-2019
0%
4495 Jan Kirchhoff DF, MF 102 0 (2) 2010-2017
0%
2562 Jan Morávek MF, FW 168 9 (10) 2009-2013, 2015-2022
0%
3381 Jan Polák MF 135 6 (5) 2005-2006, 2010-2014
0%
1904 Jan Rosenthal MF, FW 200 24 (9) 2006-2013, 2015-2017
0%
2138 Jan Schlaudraff MF, FW 186 25 (20) 2002-2003, 2004-2005, 2006-2015
0%
4194 Jan Thielmann DF, MF, FW 110 8 (9) 2019-2024
0%
750 Jasmin Kurtić MF, FW 289 29 (16) 2010-2011, 2012-2021
0%
3984 Jason DF, MF, FW 116 4 (12) 2013-2014, 2017-2022
0%
4269 Jason Dodd DF 108 2 (9) 2000-2005
0%
2768 Jason Euell MF, FW 159 34 (11) 2001-2006, 2010-2011
0%
1829 Jason Puncheon MF 204 24 (17) 2010-2019
0%
2997 Javad Nekounam MF 149 25 (3) 2006-2012
0%
2254 Javier Arizmendi MF, FW 181 21 (11) 2003-2007, 2009-2013
0%
2027 Javier Calleja MF 192 9 (13) 2000-2005, 2008-2012
0%
1812 Javier Camuñas MF, FW 205 24 (24) 2002-2003, 2007-2013
0%
499 Javier Casquero MF 322 43 (15) 2001-2012
0%
2564 Javier Chevantón FW 168 62 (29) 2001-2002, 2003-2011
0%
2326 Javier Chica DF 178 2 (5) 2006-2014
0%
2770 Javier Farinós MF 159 10 (11) 2000-2005, 2010-2012
0%
1668 Javier Garrido DF 214 3 (10) 2004-2013, 2015-2016
0%
2165 Javier Manquillo DF 185 2 (10) 2012-2025
0%
1830 Javier Pinola DF 204 5 (7) 2003-2004, 2005-2007, 2009-2014
0%
3177 Javier Portillo FW 142 22 (3) 2002-2004, 2006-2011
0%
861 Javi Fuego MF 277 9 (4) 2007-2008, 2011-2019
0%
2480 Javi Galán DF 171 1 (14) 2018-2019, 2020-2025
0%
3856 Javi Guerra FW 120 40 (3) 2006-2007, 2012-2015, 2018-2019
0%
3957 Javi Puado MF, FW 117 23 (7) 2018-2019, 2021-2022, 2024-2025
0%
2940 Javi Varas GK 151 0 (0) 2008-2013, 2015-2017
0%
938 Javi Venta DF 270 3 (8) 2001-2012
0%
2746 Jay-Jay Okocha MF 160 20 (17) 2000-2006
0%
1363 Jean-Alain Boumsong DF 237 5 (0) 2000-2005, 2007-2010
0%
2656 Jean-Armel Kana-Biyik DF 164 6 (0) 2008-2009, 2010-2015, 2021-2022
0%
2657 Jean-Charles Castelletto DF, MF 164 5 (0) 2019-2025
0%
4159 Jean-Christophe Bahebeck MF, FW 111 12 (7) 2010-2017
0%
4021 Jean-Christophe Devaux DF 115 1 (1) 2000-2001, 2002-2006
0%
3762 Jean-Christophe Rouvière MF 123 6 (2) 2000-2004
0%
2431 Jean-Claude Darcheville FW 173 60 (23) 2001-2006, 2008-2009
0%
1591 Jean-Daniel Akpa-Akpro DF, MF, FW 220 6 (11) 2011-2016, 2020-2025
0%
2432 Jean-Eudes Aholou MF 173 14 (6) 2017-2022, 2024-2025
0%
2481 Jean-François Gillet GK 171 0 (2) 2000-2001, 2009-2012, 2014-2015
0%
4195 Jean-Joël Perrier-Doumbé DF 110 0 (2) 2000-2006, 2009-2010
0%
3224 Jean-Kevin Duverne DF 140 2 (3) 2019-2025
0%
2999 Jean-Louis Leca GK 149 0 (0) 2004-2005, 2009-2010, 2013-2016, 2020-2024
0%
590 Jean Makoun MF 307 20 (27) 2002-2010, 2012-2015
0%
1389 Jean-Pascal Mignot DF 235 12 (4) 2002-2014
0%
3157 Jean-Paul Boëtius MF, FW 143 12 (18) 2018-2023
0%
3253 Jean-Philippe Gbamin DF, MF 139 3 (4) 2014-2015, 2016-2021, 2024-2025
0%
2139 Jean-Ricner Bellegarde MF, FW 186 11 (20) 2019-2025
0%
1486 Jean-Sébastien Jaurès DF 228 4 (5) 2000-2010
0%
3050 Jean Seri MF 147 13 (23) 2015-2018, 2020-2021
0%
2565 Jean-Victor Makengo MF, FW 168 4 (4) 2015-2024
0%
3025 Jeda FW 148 31 (9) 2000-2001, 2007-2012
0%
3800 Jefferson Montero MF, FW 122 3 (13) 2010-2011, 2014-2018
0%
3051 Jeff Hendrick MF, FW 147 12 (6) 2016-2022
0%
4383 Jeff Reine-Adélaïde MF, FW 105 7 (9) 2017-2023
0%
2186 Jeff Strasser DF 184 8 (4) 2000-2005, 2007-2008
0%
3726 Jemerson DF, MF 124 4 (1) 2015-2019, 2021-2022
0%
2771 Jens Hegeler DF, MF 159 8 (8) 2007-2008, 2010-2017
0%
3406 Jeong Woo-yeong MF, FW 134 15 (8) 2018-2019, 2020-2025
0%
4461 Jerdy Schouten DF, MF 103 2 (4) 2019-2023
0%
2213 Jérémie Aliadière MF, FW 183 34 (21) 2001-2008, 2011-2013, 2016-2017
0%
903 Jérémie Bréchet DF, MF 273 6 (4) 2000-2007, 2009-2013, 2015-2016
0%
1171 Jérémie Janot GK 250 0 (0) 2000-2001, 2004-2012
0%
3114 Jérémy Berthod DF 145 2 (2) 2003-2012
0%
459 Jérémy Clément MF 329 7 (6) 2003-2017
0%
3625 Jérémy Le Douaron MF, FW 127 20 (8) 2020-2025
0%
387 Jérémy Ménez MF, FW 342 63 (41) 2004-2017
0%
122 Jérémy Morel DF 425 10 (15) 2006-2022
0%
2282 Jérémy Pied DF, FW 180 7 (19) 2010-2022
0%
460 Jérémy Sorbon DF 329 9 (2) 2004-2005, 2007-2008, 2010-2011, 2013-2019
0%
1851 Jeremy Toljan DF, MF 203 4 (16) 2013-2017, 2019-2024
0%
1098 Jermaine Pennant MF 256 14 (41) 2002-2014
0%
4462 Jérôme Alonzo GK 103 0 (0) 2000-2005, 2008-2009
0%
4197 Jérôme Gondorf MF, FW 110 9 (11) 2015-2020
0%
431 Jérôme Leroy MF 334 41 (45) 2000-2012
0%
705 Jérôme Rothen MF 294 22 (77) 2000-2008, 2012-2013
0%
2974 Jesuli MF 150 27 (12) 2000-2007
0%
1602 Jesús Gámez DF 219 0 (13) 2005-2006, 2008-2015, 2017-2018
0%
1984 Jesús María Lacruz DF 195 9 (2) 2000-2009
0%
3052 Ji Dong-won MF, FW 147 15 (5) 2011-2021
0%
3763 Jim Allevinah DF, MF, FW 123 5 (7) 2021-2025
0%
4160 Jimmy Cabot DF, MF, FW 111 10 (15) 2012-2013, 2015-2016, 2020-2023
0%
4198 Jirès Kembo Ekoko FW 110 16 (3) 2006-2013
0%
1473 Jiří Štajner MF, FW 229 42 (22) 2002-2010
0%
1246 Joan Jordán MF 244 19 (20) 2014-2015, 2017-2025
0%
977 Joan Verdú MF 267 36 (24) 2006-2013, 2015-2016
0%
2608 Joaquín Larrivey FW 166 35 (8) 2007-2009, 2011-2015
0%
4571 Jocelyn Blanchard MF 100 2 (4) 2000-2003
0%
4463 Jocelyn Gourvennec MF 103 6 (12) 2000-2004
0%
3727 Jochen Seitz DF, MF 124 10 (15) 2000-2006
0%
2518 Jody Craddock DF, MF 170 9 (4) 2000-2003, 2009-2012
0%
3662 Joel Robles GK 126 0 (0) 2009-2010, 2011-2016, 2018-2020, 2022-2023
0%
4199 Joël Sami DF 110 2 (3) 2008-2013
0%
3832 Joe Scally DF 121 2 (6) 2021-2025
0%
706 Joey Barton MF 294 26 (37) 2002-2008, 2010-2012, 2014-2015, 2016-2017
0%
4237 Joey O'Brien DF, MF 109 2 (7) 2004-2005, 2007-2008, 2012-2015
0%
2682 Johan Audel MF, FW 163 32 (9) 2004-2005, 2006-2010, 2013-2016
0%
4340 Johan Gastien MF 106 4 (4) 2016-2017, 2021-2024
0%
2065 Johan Mojica DF 190 3 (14) 2013-2014, 2017-2018, 2020-2025
0%
3504 Johannes Flum MF 131 10 (10) 2009-2016
0%
2747 Johan Radet DF 160 0 (1) 2000-2007
0%
3663 Johan Vásquez DF 126 6 (1) 2021-2025
0%
2482 John Aloisi FW 171 42 (16) 2000-2006
0%
3801 John Boye DF 122 5 (3) 2010-2013, 2019-2021
0%
3345 John Guidetti MF, FW 136 17 (6) 2013-2014, 2015-2022
0%
3225 John Mensah DF 140 3 (1) 2002-2013
0%
4022 Johnny Ecker DF 115 2 (3) 2000-2005
0%
3764 John Ruddy GK 123 0 (0) 2005-2006, 2011-2013, 2015-2016, 2018-2019, 2020-2022
0%
636 John Utaka MF, FW 303 66 (31) 2002-2013
0%
4088 Jonas FW 113 36 (12) 2010-2014
0%
2630 Jonas Lössl GK 165 0 (2) 2014-2018, 2021-2022
0%
1794 Jonathan Biabiany MF, FW 206 22 (22) 2009-2016, 2018-2019
0%
1172 Jonathan Brison DF, MF 250 11 (21) 2005-2016
0%
3254 Jonathan Calleri FW 139 25 (10) 2016-2021
0%
3728 Jonathan Delaplace DF, MF 124 3 (9) 2013-2017, 2020-2021
0%
2360 Jonathan Gradit DF 176 2 (4) 2018-2019, 2020-2025
0%
1231 Jonathan Greening MF 245 9 (22) 2000-2005, 2008-2011
0%
1032 Jonathan Ikone MF, FW 262 23 (28) 2016-2025
0%
2537 Jonathan Pitroipa MF, FW 169 19 (23) 2004-2005, 2008-2014
0%
3878 Jonathan Sesma MF, FW 119 18 (13) 2005-2006, 2007-2010
0%
3729 Jonathan Spector DF, MF 124 1 (1) 2004-2011
0%
1111 Jonathan Zebina DF 255 1 (2) 2000-2005, 2007-2014
0%
4126 Jonathas FW 112 30 (13) 2010-2011, 2012-2013, 2014-2015, 2017-2019
0%
1886 Jon Moncayola DF, MF 201 7 (9) 2019-2025
0%
4430 Jonny Howson DF, MF 104 8 (6) 2011-2013, 2015-2016
0%
3053 Jony DF, MF, FW 147 12 (21) 2015-2021
0%
2123 Jordan Amavi DF 187 7 (10) 2013-2015, 2017-2025
0%
303 Jordan Ferri MF 358 11 (20) 2012-2025
0%
2941 Jordan Lotiès DF 151 4 (4) 2009-2013, 2016-2017
0%
3766 Jordan Lotomba DF, MF 123 2 (2) 2020-2025
0%
4238 Jordan Marié MF 109 3 (3) 2016-2021
0%
3321 Jordan Pefok FW 137 16 (13) 2014-2015, 2018-2019, 2022-2025
0%
2361 Jordi Amat DF, MF 176 1 (0) 2009-2019
0%
3730 Jordi Cruyff MF, FW 124 11 (11) 2000-2004
0%
3731 Jordi Masip GK 124 0 (0) 2014-2015, 2018-2020, 2022-2023
0%
3879 Jordon Ibe DF, MF, FW 119 4 (10) 2012-2020
0%
3626 Jorge Andrade DF 127 2 (3) 2002-2008
0%
3322 Jorge de Frutos MF, FW 137 16 (19) 2019-2021, 2023-2025
0%
2043 Jorge Larena MF 191 15 (10) 2000-2007
0%
3960 Jorge Miramón DF 117 2 (6) 2018-2022
0%
2341 Joris Chotard MF 177 2 (10) 2019-2025
0%
2391 Joris Marveaux MF 175 8 (7) 2009-2017
0%
4201 José Amavisca MF, FW 110 12 (8) 2000-2005
0%
941 Joseba Etxeberria MF, FW 270 48 (34) 2000-2010
0%
2876 José Barkero MF 154 29 (17) 2000-2005, 2008-2009, 2011-2013
0%
1813 Joseba Zaldúa DF 205 2 (8) 2013-2024
0%
1795 José Campaña MF 206 11 (31) 2011-2013, 2017-2021, 2023-2025
0%
3985 José Cañas MF 116 0 (1) 2008-2009, 2011-2016
0%
4572 José Cobos DF 100 5 (1) 2002-2005
0%
2830 José García Calvo DF 156 8 (1) 2000-2001, 2002-2005, 2007-2009
0%
3291 José Holebas DF, MF 138 7 (16) 2014-2020
0%
3627 José Ignacio MF 127 13 (6) 2000-2004
0%
4271 José Izquierdo DF 108 2 (4) 2001-2008
0%
3665 José-Karl Pierre-Fanfan DF 126 5 (2) 2000-2005
0%
4385 José Luis Caminero MF, FW 105 7 (2) 2000-2004
0%
4573 José Luis García Vayá MF 100 9 (3) 2021-2022, 2023-2025
0%
1630 José Luis Palomino DF 217 9 (5) 2014-2015, 2017-2025
0%
3961 José Manuel Casado DF 117 0 (7) 2007-2009, 2011-2015
0%
3255 José Manuel Pinto GK 139 0 (0) 2000-2003, 2005-2008, 2010-2014
0%
1013 José María Movilla MF 264 8 (17) 2000-2001, 2002-2007, 2011-2013
0%
1933 Josemi DF 198 1 (5) 2000-2010
0%
2851 José Moratón DF 155 4 (4) 2002-2010
0%
3256 Joseph Aidoo DF 139 3 (1) 2019-2025
0%
3227 Joseph-Désiré Job MF, FW 140 28 (13) 2000-2008
0%
1158 Joseph Yobo DF 251 8 (2) 2001-2009, 2013-2014
0%
2566 José Saez MF 168 7 (2) 2006-2015
0%
1697 Josetxo DF 212 0 (1) 2001-2011
0%
4161 Josh Brownhill MF 111 6 (6) 2019-2021, 2023-2024
0%
1712 Josico MF, FW 211 11 (6) 2000-2008
0%
4090 Jozabed MF 113 13 (9) 2014-2019
0%
3564 Juan Ángel Albín MF, FW 129 21 (8) 2006-2013
0%
4239 Juan Carlos Menseguez MF, FW 109 5 (8) 2003-2006, 2008-2009
0%
643 Juan Carlos Valerón MF 302 19 (49) 2000-2010, 2012-2013, 2015-2016
0%
3628 Juan Cruz Armada DF 127 0 (1) 2020-2025
0%
4341 Juan Forlín DF, MF 106 2 (2) 2009-2013
0%
4128 Juan Foyth DF, MF 112 5 (2) 2018-2025
0%
914 Juanito DF 272 21 (3) 2001-2010
0%
1620 Juanito DF, MF 218 4 (3) 2002-2011
0%
3027 Juankar DF, FW 148 6 (12) 2010-2018
0%
3566 Juan-Luis Montero DF 129 0 (5) 2000-2002, 2005-2007
0%
3257 Juanma DF 139 7 (3) 2000-2001, 2002-2007
0%
3527 Juanma MF 130 11 (15) 2004-2005, 2006-2008, 2011-2012
0%
2187 Juan Manuel Ortiz DF, MF 184 12 (8) 2003-2005, 2007-2010, 2012-2013
0%
2774 Juan Manuel Peña DF 159 1 (1) 2000-2007
0%
567 Juanmi MF, FW 311 68 (12) 2009-2025
0%
2434 Juan Musso GK 173 0 (0) 2018-2025
0%
3180 Juan Pablo Colinas GK 142 0 (0) 2002-2003, 2008-2012
0%
4310 Juan Pablo Sorín DF, MF 107 13 (6) 2002-2008
0%
3986 Juanpe DF 116 6 (1) 2017-2018, 2022-2025
0%
1906 Juan Valera Espín DF, MF 200 8 (5) 2003-2004, 2005-2015
0%
2485 Juan Velasco Damas DF 171 0 (4) 2000-2007
0%
2214 Juan Zúñiga DF, MF 183 5 (12) 2008-2017
0%
3588 Juárez DF 128 0 (1) 2000-2006
0%
1214 Jules Koundé DF 246 11 (12) 2017-2025
0%
3987 Julian Korb DF, MF 116 2 (3) 2011-2012, 2013-2019
0%
2538 Julian Palmieri DF, MF 169 6 (12) 2012-2018
0%
3086 Julian Ryerson DF, MF 146 9 (7) 2019-2025
0%
2588 Julian Schieber FW 167 27 (7) 2008-2020
0%
1124 Julien Escudé DF 254 5 (6) 2000-2002, 2005-2012
0%
1654 Julien Faubert DF, FW 215 13 (13) 2004-2010, 2012-2015
0%
3857 Julien Faussurier DF, MF 120 5 (12) 2012-2013, 2019-2022
0%
404 Julien Féret MF 339 45 (48) 2008-2018
0%
4023 Julien Quercia MF, FW 115 12 (3) 2005-2013
0%
776 Julien Sablé MF 286 7 (10) 2000-2001, 2004-2014
0%
3001 Julio Arca DF, MF 149 8 (17) 2000-2002, 2005-2009
0%
1449 Júlio Baptista MF, FW 231 77 (11) 2003-2013
0%
3858 Júlio Tavares FW 120 31 (11) 2016-2020
0%
4091 Junichi Inamoto MF 113 4 (7) 2002-2005, 2007-2010
0%
3803 Junior Messias DF, MF, FW 122 21 (9) 2020-2025
0%
1934 Junior Sambia DF, MF, FW 198 5 (15) 2017-2025
0%
3133 Junior Stanislas MF, FW 144 25 (14) 2008-2010, 2015-2019, 2022-2023
0%
840 Juraj Kucka MF, FW 279 31 (18) 2010-2016, 2018-2022
0%
2411 Jurica Vranješ MF 174 5 (5) 2000-2009
0%
989 Jussiê MF, FW 266 45 (13) 2004-2013, 2015-2016
0%
3159 Kaan Ayhan DF, MF 143 8 (5) 2013-2015, 2018-2023
0%
2342 Kader Mangane DF, MF 177 16 (2) 2007-2012, 2015-2016, 2017-2018
0%
2459 Kalu Uche MF, FW 172 39 (11) 2004-2005, 2007-2011, 2014-2015
0%
1888 Kamel Chafni MF 201 10 (14) 2005-2006, 2007-2013
0%
1269 Kanga Akalé MF, FW 242 26 (26) 2002-2011
0%
1655 Karim Haggui DF 215 13 (1) 2004-2014
0%
4534 Karim Matmour MF, FW 101 5 (2) 2008-2010, 2012-2013
0%
1670 Karim Onisiwo MF, FW 214 33 (23) 2015-2025
0%
3478 Karim Ziani MF 132 11 (11) 2001-2002, 2006-2011
0%
1474 Karl Toko Ekambi MF, FW 229 75 (29) 2016-2023
0%
1855 Kasey Keller GK 203 0 (1) 2000-2008
0%
4575 Keith Gillespie MF, FW 100 4 (9) 2001-2003, 2006-2007
0%
3383 Keko MF, FW 135 6 (11) 2009-2010, 2012-2013, 2015-2019
0%
1814 Kelechi Iheanacho MF, FW 205 42 (25) 2015-2022, 2024-2025
0%
1671 Kelvin Amian DF 214 3 (7) 2016-2019, 2021-2025
0%
3768 Kenan Karaman MF, FW 123 14 (6) 2013-2015, 2017-2019, 2022-2023
0%
3988 Kenedy DF, MF, FW 116 9 (11) 2015-2022, 2024-2025
0%
3407 Kenny Cunningham DF 134 0 (2) 2002-2006
0%
2539 Kévin Bérigaud FW 169 27 (16) 2011-2018
0%
3699 Kevin Bonifazi DF 125 4 (1) 2017-2025
0%
4240 Kévin Constant DF, MF 109 3 (6) 2006-2007, 2010-2013, 2015-2016
0%
2660 Kevin Doyle FW 164 37 (15) 2006-2007, 2009-2011, 2014-2015
0%
613 Kevin Kilbane DF, MF 305 14 (17) 2000-2010
0%
1504 Kevin Lasagna MF, FW 227 40 (14) 2015-2016, 2017-2023
0%
3528 Kevin Lejeune DF, MF 130 8 (10) 2006-2009, 2014-2015, 2016-2017
0%
4129 Kevin Lisbie FW 112 14 (6) 2000-2007
0%
4535 Kévin Malcuit DF, FW 101 0 (12) 2010-2011, 2015-2022
0%
4576 Kevin Mbabu DF 100 3 (5) 2015-2016, 2019-2024
0%
4130 Kevin McKenna DF, FW 112 4 (1) 2000-2001, 2006-2007, 2008-2012
0%
592 Kevin Mirallas MF, FW 307 44 (29) 2004-2009, 2012-2019
0%
299 Kévin Monnet-Paquet MF, FW 359 33 (21) 2006-2007, 2009-2018, 2020-2021
0%
176 Kevin Nolan MF 401 69 (26) 2001-2008, 2010-2011, 2012-2016
0%
2303 Kevin Stöger MF, FW 179 20 (28) 2018-2025
0%
1415 Kévin Théophile-Catherine DF 233 4 (5) 2009-2018
0%
3384 Khalid Boulahrouz DF 135 3 (6) 2004-2012
0%
2412 Khouma Babacar FW 174 39 (9) 2009-2011, 2014-2020
0%
3733 Kieran Tierney DF, MF, FW 124 4 (10) 2019-2025
0%
1986 Kieron Dyer MF 195 20 (22) 2000-2013
0%
752 Kiké MF, FW 289 58 (8) 2016-2025
0%
3833 Kike Barja MF, FW 121 5 (11) 2016-2017, 2019-2025
0%
2788 Kiki Musampa MF, FW 158 25 (14) 2000-2006
0%
1258 Kiko Femenía DF, FW 243 3 (15) 2010-2011, 2016-2019, 2021-2025
0%
2924 Kingsley Ehizibue DF, MF, FW 152 3 (5) 2019-2025
0%
2104 Ki Sung-yueng MF 188 15 (9) 2012-2020
0%
4272 Kodjo Afanou DF 108 3 (0) 2000-2006
0%
1582 Koffi Djidji DF 221 3 (0) 2013-2024
0%
3258 Konstantinos Mavropanos DF 139 7 (1) 2017-2018, 2020-2025
0%
1234 Konstantin Rausch DF, MF 245 13 (20) 2007-2018
0%
1713 Koo Ja-cheol MF 211 28 (11) 2010-2019
0%
4273 Kossi Agassa GK 108 0 (0) 2003-2005, 2012-2016
0%
1542 Kostas Manolas DF 224 9 (5) 2014-2021, 2023-2024
0%
4274 Kostas Stafylidis DF, MF 108 6 (3) 2013-2014, 2015-2019, 2021-2023
0%
3859 Krisztián Lisztes MF 120 11 (17) 2000-2006
0%
2364 Kyle Naughton DF 176 1 (8) 2009-2010, 2011-2018
0%
3028 Kyle Walker-Peters DF 148 2 (11) 2017-2022, 2024-2025
0%
2853 Lamine Diatta DF 155 7 (3) 2000-2008
0%
3631 Lamine Gassama DF 127 1 (3) 2008-2016
0%
1753 Landry N'Guémo DF, MF 208 7 (5) 2005-2008, 2010-2015
0%
3590 Lars Jacobsen DF 128 2 (2) 2002-2003, 2007-2010, 2014-2016
0%
3567 Lass Bangoura MF, FW 129 7 (8) 2011-2016
0%
3385 Laurent Abergel MF 135 5 (5) 2013-2014, 2020-2024
0%
211 Laurent Batlles MF 385 38 (25) 2000-2012
0%
1270 Laurent Bonnart DF 242 2 (7) 2003-2004, 2005-2014
0%
3921 Laurențiu Reghecampf MF 118 13 (13) 2000-2002, 2006-2007
0%
3408 Lazar Samardzic MF, FW 134 15 (10) 2019-2025
0%
2125 Leandro Cabrera DF 187 10 (4) 2009-2010, 2017-2019, 2021-2022, 2024-2025
0%
2661 Leandro Cufré DF 164 5 (7) 2002-2009
0%
3922 Leandro Greco MF 118 5 (7) 2004-2005, 2010-2011, 2013-2016
0%
3769 Leandro Rinaudo DF 123 5 (3) 2005-2011, 2013-2014
0%
3923 Lebo Mothiba MF, FW 118 26 (5) 2017-2019, 2021-2024
0%
916 Lee Bowyer MF 272 36 (24) 2000-2011
0%
2002 Lee Carsley MF 194 13 (11) 2000-2007, 2009-2010
0%
925 Lee Cattermole MF 271 6 (8) 2005-2017
0%
4387 Lee Chung-yong MF, FW 105 8 (9) 2009-2011, 2014-2018
0%
2609 Lee Hendrie MF 166 20 (17) 2000-2007
0%
1350 Léo Baptistão MF, FW 238 45 (22) 2012-2018, 2022-2024
0%
2925 Leon Andreasen DF, MF 152 17 (7) 2005-2009, 2012-2016
0%
3409 Leonardo Balerdi DF 134 4 (1) 2019-2025
0%
770 Leonardo Bittencourt MF, FW 287 32 (32) 2012-2020, 2022-2025
0%
3228 Leonardo Colucci MF 140 2 (8) 2000-2004, 2006-2007
0%
1336 Leonardo Pavoletti MF, FW 239 66 (12) 2013-2021, 2023-2025
0%
1964 Leonardo Ponzio MF 196 9 (6) 2003-2006, 2009-2012
0%
3002 Leon Britton MF 149 0 (1) 2011-2018
0%
4203 Levan Tskitishvili MF 110 6 (4) 2000-2001, 2003-2006
0%
2066 Levin Öztunalı MF, FW 190 12 (22) 2013-2023
0%
1089 Liam Ridgewell DF 257 17 (7) 2003-2007, 2009-2014
0%
3202 Liam Rosenior DF 141 1 (6) 2004-2007, 2013-2014, 2017-2018
0%
3410 Lilian Brassier DF 134 6 (2) 2020-2025
0%
1869 Lilian Laslandes FW 202 37 (15) 2000-2008
0%
4092 Linvoy Primus DF 113 3 (0) 2003-2006, 2008-2009
0%
2394 Lionel Letizi GK 175 0 (0) 2000-2011
0%
1125 Lionel Mathis MF 254 13 (10) 2000-2007, 2013-2016
0%
3350 Lionel Potillon DF 136 5 (1) 2000-2007
0%
788 Lionel Scaloni DF, MF 285 14 (9) 2000-2015
0%
3882 Loïc Guillon DF 119 2 (3) 2003-2006, 2008-2009
0%
227 Loïc Perrin DF, MF 381 27 (11) 2004-2020
0%
3203 Lois Diony FW 141 24 (9) 2016-2020, 2022-2023, 2024-2025
0%
3054 Lolo DF, MF 147 9 (3) 2007-2014
0%
2900 Lomana LuaLua MF, FW 153 24 (12) 2000-2007
0%
1351 López Rekarte DF 238 3 (23) 2000-2008
0%
3411 Loren Morón MF, FW 134 25 (3) 2017-2023
0%
4054 Lorenzo Ariaudo DF 114 1 (0) 2008-2015, 2018-2019
0%
4577 Lorenzo Colombo MF, FW 100 15 (5) 2019-2020, 2022-2025
0%
2722 Lorenzo D'Anna DF 161 11 (3) 2001-2007
0%
87 Lorenzo De Silvestri DF, MF 450 28 (22) 2006-2025
0%
2256 Lorenzo Montipò GK 181 0 (1) 2020-2025
0%
872 Lorenzo Pellegrini MF 276 45 (38) 2014-2025
0%
1063 Lorenzo Stovini DF 259 4 (1) 2000-2001, 2003-2009
0%
3632 Lorenzo Tonelli DF 127 12 (0) 2014-2023
0%
3568 Lorenzo Venuti DF, MF 129 0 (4) 2017-2018, 2019-2024
0%
4344 Lossémy Karaboué MF 106 4 (8) 2011-2012, 2015-2016
0%
4466 Lovro Majer MF, FW 103 15 (19) 2021-2025
0%
1657 Luca Antonelli DF, MF 215 13 (11) 2006-2007, 2009-2019
0%
2284 Luca Antonini DF, MF 180 7 (4) 2003-2004, 2006-2015
0%
3591 Luca Ariatti DF, MF 128 4 (3) 2004-2005, 2006-2007, 2008-2010
0%
2901 Luca Bucci GK 153 0 (0) 2001-2009
0%
2304 Luca Caldirola DF 179 6 (3) 2013-2017, 2020-2021, 2022-2025
0%
1404 Luca Castellazzi GK 234 0 (0) 2000-2013
0%
2877 Luca Ceppitelli DF 154 7 (2) 2014-2015, 2016-2022
0%
270 Luca Cigarini MF 368 18 (36) 2005-2021
0%
4241 Luca Netz DF, FW 109 2 (13) 2020-2025
0%
3666 Luca Pellegrini DF 126 1 (13) 2018-2025
0%
4578 Luca Ranieri DF 100 3 (4) 2019-2020, 2021-2025
0%
637 Luca Rigoni MF 303 30 (12) 2005-2006, 2008-2019
0%
664 Luca Rossettini DF 300 8 (7) 2007-2009, 2011-2020
0%
3087 Lucas Alario MF, FW 146 43 (10) 2017-2023
0%
3702 Luca Saudati MF, FW 125 27 (6) 2000-2002, 2004-2008
0%
2141 Lucas Bernardi MF 186 3 (7) 2000-2008
0%
2589 Lucas Biglia MF 167 15 (9) 2013-2020
0%
2328 Lucas Boyé FW 178 27 (13) 2016-2017, 2020-2024
0%
1735 Lucas Deaux DF, MF 210 11 (11) 2013-2021
0%
1451 Lucas Höler MF, FW 231 42 (16) 2017-2025
0%
4093 Luca Siligardi MF, FW 113 8 (4) 2010-2011, 2013-2014, 2015-2016, 2018-2021
0%
4389 Lucas Lima DF, FW 105 3 (9) 2016-2020
0%
4390 Lucas Martínez Quarta DF 105 9 (2) 2020-2025
0%
842 Lucas Neill DF 279 6 (15) 2001-2010
0%
4391 Lucas Olaza DF 105 3 (9) 2018-2023
0%
2541 Lucas Torró MF 169 6 (1) 2018-2025
0%
2775 Luca Vigiani MF 159 12 (11) 2004-2010
0%
2832 Luca Waldschmidt MF, FW 156 26 (6) 2014-2019, 2021-2024
0%
1364 Luciano MF 237 11 (25) 2001-2006, 2008-2013
0%
2748 Luciano Galletti MF 160 12 (17) 2001-2002, 2003-2007
0%
529 Luciano Zauri DF 316 7 (8) 2000-2013
0%
4392 Lucien Agoume MF 105 1 (4) 2019-2025
0%
3029 Lucien Aubey DF 148 0 (1) 2003-2010
0%
1743 Ludovic Ajorque FW 209 67 (20) 2018-2025
0%
2193 Ludovic Baal DF, MF 184 1 (12) 2007-2009, 2014-2021
0%
2662 Ludovic Butelle GK 164 0 (0) 2001-2002, 2003-2004, 2005-2009, 2015-2016, 2017-2020
0%
4242 Ludovic Delporte MF 109 5 (16) 2003-2009
0%
2749 Luigi Di Biagio MF 160 29 (7) 2000-2004, 2006-2007
0%
4024 Luigi Pieroni FW 115 26 (6) 2004-2010
0%
2436 Luigi Sepe GK 173 0 (0) 2008-2009, 2014-2015, 2017-2023
0%
1544 Luis Amaranto Perea DF 224 1 (0) 2004-2012
0%
1090 Luís Boa Morte MF, FW 257 28 (34) 2001-2011
0%
3772 Luisinho DF 123 1 (4) 2014-2018, 2020-2021
0%
3325 Luis Milla MF 137 5 (12) 2020-2025
0%
2234 Luis Prieto Zalbidegoitia DF 182 8 (3) 2002-2010
0%
2413 Luis Rioja MF, FW 174 15 (12) 2019-2021, 2023-2025
0%
4345 Lukas Lerager MF 106 5 (4) 2017-2021
0%
2567 Lukas Rupp MF, FW 168 14 (8) 2011-2019, 2021-2022
0%
4437 Lukas Schmitz DF, MF 104 2 (10) 2009-2014
0%
593 Łukasz Skorupski GK 307 0 (0) 2013-2025
0%
3292 Luke Moore FW 138 20 (4) 2004-2008, 2011-2013
0%
4393 Lys Mousset MF, FW 105 9 (5) 2016-2022
0%
4536 Mads Roerslev DF 101 2 (5) 2021-2025
0%
3834 Magnus Arvidsson FW 121 18 (9) 2000-2005
0%
2016 Mahmoud Dahoud MF 193 13 (25) 2014-2025
0%
4133 Malcolm Christie FW 112 24 (3) 2000-2007
0%
2395 Malik Fathi DF 175 3 (8) 2003-2007, 2009-2011, 2013-2014
0%
2236 Mamadou Bagayoko FW 182 30 (7) 2000-2001, 2002-2005, 2008-2011
0%
3229 Mamadou Samassa FW 140 21 (6) 2006-2014
0%
462 Manolo Gabbiadini MF, FW 329 79 (23) 2009-2010, 2011-2023
0%
2791 Manucho FW 158 26 (9) 2008-2009, 2012-2016
0%
999 Manuele Blasi MF 265 1 (2) 2000-2013
0%
2487 Manuel Gulde DF 171 7 (0) 2009-2010, 2016-2024
0%
1295 Manuel Lazzari DF 241 7 (23) 2017-2025
0%
314 Manuel Pasqual DF, MF 356 10 (43) 2005-2016, 2018-2019
0%
3351 Manuel Pucciarelli MF, FW 136 16 (6) 2014-2019
0%
2257 Manuel Schmiedebach MF 181 2 (9) 2009-2015, 2017-2018, 2019-2020
0%
3860 Manu Morlanes MF 120 3 (6) 2018-2019, 2021-2025
0%
456 Manu Trigueros MF, FW 330 22 (24) 2013-2024
0%
1296 Mapou Yanga-Mbiwa DF 241 5 (2) 2009-2018
0%
594 Marama Vahirua MF, FW 307 70 (35) 2000-2011
0%
4135 Marash Kumbulla DF 112 5 (0) 2019-2025
0%
3773 Marcel Heller MF, FW 123 11 (9) 2006-2007, 2009-2010, 2015-2018
0%
1545 Marcelinho Paraíba MF, FW 224 79 (59) 2000-2008
0%
2106 Marcello Castellini DF 188 3 (3) 2000-2005, 2008-2009
0%
4580 Marcello Gazzola DF, MF 100 1 (2) 2007-2008, 2013-2019
0%
1604 Marcel Maltritz DF, MF 219 8 (3) 2000-2004, 2006-2010
0%
4538 Marcelo Estigarribia DF, MF 101 5 (5) 2008-2009, 2011-2016
0%
4205 Marcelo Pletsch DF 110 4 (1) 2001-2006
0%
2792 Marcelo Zalayeta FW 158 27 (12) 2001-2005, 2007-2010
0%
3530 Marcel Tisserand DF 130 3 (4) 2013-2020
0%
2943 Marco Andreolli DF 151 5 (1) 2004-2006, 2009-2019
0%
4347 Marco Ballotta GK 106 0 (0) 2000-2001, 2002-2003, 2005-2008
0%
1452 Marco Benassi MF, FW 231 26 (15) 2012-2019, 2021-2023
0%
2414 Marco Biagianti MF 174 3 (3) 2006-2014
0%
3442 Marco Caneira DF 133 1 (0) 2000-2001, 2002-2005, 2007-2008
0%
4394 Marco Capuano DF 105 1 (0) 2012-2013, 2014-2015, 2016-2019
0%
1024 Marco Cassetti DF, MF 263 13 (15) 2000-2001, 2003-2012
0%
3004 Marco D'Alessandro DF, MF, FW 149 7 (7) 2008-2009, 2010-2011, 2014-2019, 2022-2023
0%
3963 Marco Delvecchio FW 117 15 (9) 2000-2007
0%
1594 Marco Di Loreto DF 220 8 (5) 2000-2003, 2005-2009
0%
1259 Marco Donadel MF 243 5 (6) 2000-2001, 2003-2010, 2012-2014
0%
4348 Marco Engelhardt DF, MF 106 7 (6) 2004-2009
0%
4582 Marco Ferrante FW 100 25 (6) 2000-2002, 2004-2006
0%
2776 Marco Höger DF, MF 159 7 (9) 2011-2017, 2019-2021
0%
4583 Marco Malagò DF 100 1 (2) 2003-2006, 2008-2010
0%
763 Marco Marchionni MF 288 25 (35) 2001-2005, 2007-2015
0%
336 Marco Parolo MF 351 44 (19) 2010-2021
0%
2542 Marco Pisano DF 169 1 (8) 2002-2011
0%
3443 Marco Ruben FW 133 22 (8) 2007-2011, 2013-2014
0%
2544 Marcos Assunção MF 169 31 (26) 2000-2007
0%
2543 Marco Silvestri GK 169 0 (0) 2013-2014, 2017-2018, 2019-2025
0%
1755 Marco Sportiello GK 208 0 (0) 2013-2025
0%
1774 Marco Storari GK 207 0 (0) 2004-2014, 2016-2017
0%
2723 Marco Zanchi DF 161 6 (2) 2000-2007
0%
2811 Marc Pfertzel DF, MF 157 6 (3) 2004-2010
0%
665 Marc Planus DF 300 5 (5) 2002-2015
0%
2067 Marc Roca MF 190 8 (10) 2016-2025
0%
2003 Marc Torrejón DF 194 3 (1) 2006-2011, 2014-2015, 2016-2017
0%
1048 Marcus Coco DF, MF, FW 260 11 (12) 2014-2025
0%
4026 Marcus Hahnemann GK 115 0 (0) 2006-2007, 2009-2011
0%
4055 Marcus Ingvartsen MF, FW 114 24 (7) 2019-2023
0%
3088 Marcus Lantz MF 146 4 (17) 2000-2005
0%
3885 Marek Nikl DF 119 8 (1) 2001-2002, 2004-2007
0%
4585 Marian Hristov MF 100 18 (9) 2000-2007
0%
2462 Mariano Andújar GK 172 0 (0) 2005-2006, 2009-2015
0%
4497 Mariano Bogliacino MF 102 7 (6) 2007-2011
0%
874 Mariano Julio Izco MF 276 8 (14) 2006-2014, 2016-2018
0%
2488 Mariano Pernía DF 171 16 (10) 2002-2003, 2004-2010
0%
3924 Marino Biliškov DF 118 6 (2) 2000-2006
0%
4498 Marin Pongračić DF 102 2 (0) 2019-2025
0%
4277 Mario Bermejo FW 108 17 (3) 2002-2003, 2009-2010, 2012-2014
0%
4095 Mario Cotelo MF 113 4 (12) 2001-2002, 2004-2009
0%
3634 Mario Eggimann DF 127 7 (1) 2007-2013
0%
583 Mario Melchiot DF 309 8 (11) 2000-2010
0%
657 Mario Pašalić MF, FW 301 58 (29) 2014-2016, 2018-2025
0%
2590 Mario Regueiro MF, FW 167 26 (16) 2000-2001, 2002-2008
0%
3089 Marius Bülter DF, MF, FW 146 27 (8) 2019-2020, 2022-2025
0%
2902 Marius Stankevičius DF, MF 153 8 (5) 2001-2004, 2008-2012, 2014-2015
0%
4586 Mariusz Stępiński MF, FW 100 18 (6) 2016-2020
0%
1204 Mark Bresciano MF 247 31 (19) 2002-2011
0%
2545 Markel Bergara MF 169 7 (4) 2010-2020
0%
234 Markel Susaeta MF, FW 379 38 (52) 2007-2019
0%
4499 Mark Fish DF, FW 102 3 (2) 2000-2005
0%
3161 Mark Iuliano DF 143 8 (1) 2000-2007
0%
2345 Marko Babić DF, MF 177 13 (18) 2000-2010
0%
1159 Marko Baša DF 251 17 (5) 2005-2007, 2011-2017
0%
1966 Marko Dmitrović GK 196 1 (0) 2017-2025
0%
3989 Marko Pjaca MF, FW 116 9 (3) 2016-2018, 2020-2023
0%
4396 Marko Topić FW 105 16 (7) 2001-2006
0%
4395 Mark Pembridge MF 105 3 (11) 2000-2006
0%
1833 Markus Feulner MF 204 15 (12) 2001-2003, 2005-2006, 2009-2017
0%
4097 Markus Pröll GK 113 0 (0) 2000-2001, 2003-2004, 2005-2009
0%
2329 Markus Schroth FW 178 42 (23) 2000-2007
0%
2259 Markus Schuler DF 181 0 (5) 2002-2009
0%
3925 Markus Weissenberger MF 118 9 (19) 2001-2003, 2005-2008
0%
2167 Mark Uth MF, FW 185 44 (28) 2015-2024
0%
3926 Marlon DF 118 1 (0) 2016-2020, 2022-2023
0%
4058 Marlon Harewood FW 114 27 (6) 2005-2008, 2010-2011
0%
2700 Marshall Munetsi DF, MF 162 23 (12) 2019-2025
0%
3569 Martin Agirregabiria DF, MF 129 1 (7) 2017-2022
0%
3444 Martín Astudillo MF 133 9 (6) 2000-2002, 2005-2006, 2007-2008
0%
4206 Martin Djetou DF, MF 110 4 (2) 2000-2006
0%
3703 Martin Erlic DF 125 6 (1) 2020-2025
0%
1079 Martin Jørgensen MF 258 31 (29) 2000-2010
0%
3774 Martin Lanig MF 123 10 (8) 2008-2015
0%
2813 Martin Laursen DF 157 10 (5) 2000-2009
0%
2196 Martín Montoya DF, MF 184 3 (14) 2010-2023
0%
3388 Martin Pieckenhagen GK 135 0 (0) 2000-2004, 2010-2011
0%
1416 Martin Stranzl DF, MF 233 13 (6) 2000-2005, 2010-2016
0%
2724 Martin Valjent DF 161 3 (1) 2019-2020, 2021-2025
0%
1715 Marvin Compper DF 211 8 (4) 2005-2006, 2008-2013, 2016-2018
0%
3327 Mason Holgate DF 137 3 (5) 2016-2025
0%
4539 Masoud Shojaei MF 101 8 (10) 2008-2010, 2012-2013
0%
551 Massimo Donati MF 313 14 (16) 2000-2006, 2009-2014
0%
151 Massimo Gobbi DF, MF 411 12 (26) 2004-2019
0%
334 Massimo Maccarone FW 352 97 (34) 2002-2010, 2014-2017
0%
3260 Massimo Marazzina FW 139 25 (3) 2000-2003, 2005-2006, 2008-2010
0%
3593 Massimo Mutarelli MF 128 8 (7) 2004-2012
0%
2168 Massimo Paci DF 185 11 (1) 2004-2007, 2009-2013
0%
3804 Massimo Taibi GK 122 1 (0) 2000-2002, 2004-2005, 2006-2007
0%
3736 Mate Bilić FW 124 21 (5) 2001-2002, 2008-2012
0%
4278 Matěj Vydra MF, FW 108 11 (10) 2010-2011, 2013-2014, 2016-2017, 2018-2022
0%
1633 Mateo Musacchio DF 217 6 (5) 2009-2011, 2013-2021
0%
4350 Mathias Autret MF, FW 106 7 (9) 2010-2012, 2014-2015, 2019-2020, 2022-2023
0%
2833 Mathias Hain GK 156 0 (0) 2002-2003, 2004-2007, 2010-2011
0%
4164 Mathias Jørgensen DF 111 5 (4) 2017-2019, 2021-2024
0%
2082 Mathías Olivera DF 189 5 (10) 2017-2025
0%
2752 Mathias Pereira Lage DF, MF, FW 160 16 (16) 2019-2025
0%
3505 Mathias Schober GK 131 0 (0) 2000-2004, 2008-2009, 2011-2012
0%
1514 Mathieu Berson MF 226 8 (4) 2000-2010
0%
4540 Mathieu Cafaro MF, FW 101 13 (7) 2016-2017, 2018-2021, 2024-2025
0%
1462 Mathieu Coutadeur MF 230 11 (10) 2006-2014, 2022-2023
0%
3594 Mathieu Deplagne DF 128 0 (6) 2012-2018
0%
1248 Mathieu Dossevi MF, FW 244 21 (26) 2008-2013, 2017-2020
0%
2591 Mathieu Peybernes DF 167 1 (3) 2009-2017
0%
677 Matías Vecino MF, FW 299 29 (19) 2013-2025
0%
1756 Mato Jajalo MF 208 7 (9) 2009-2011, 2014-2016, 2019-2023
0%
169 Matteo Brighi MF 405 25 (7) 2000-2015, 2018-2019
0%
1431 Matteo Contini DF 232 4 (3) 2004-2013
0%
1605 Matteo Ferrari DF 219 5 (5) 2000-2009
0%
2169 Matteo Pessina MF, FW 185 21 (10) 2018-2025
0%
4207 Matteo Rubin DF, MF 110 1 (8) 2007-2008, 2010-2014
0%
2665 Matteo Sereni GK 164 0 (0) 2001-2005, 2007-2008, 2010-2011
0%
802 Matthew Etherington MF 283 21 (35) 2000-2002, 2005-2014
0%
1816 Matthew Jarvis MF 205 20 (17) 2009-2016
0%
1453 Matthew Lowton DF 231 4 (15) 2012-2014, 2016-2022
0%
1968 Matthias Ostrzolek DF, MF 196 1 (12) 2011-2019
0%
3836 Matthias Scherz FW 121 19 (13) 2000-2001, 2003-2004, 2005-2006, 2008-2009
0%
958 Matthieu Chalmé DF 269 4 (12) 2002-2014
0%
1000 Matthieu Delpierre DF 265 7 (13) 2000-2013
0%
1870 Matt Holland MF 202 17 (12) 2000-2001, 2003-2007
0%
2685 Mattia Bani DF 163 6 (0) 2017-2021, 2023-2025
0%
3635 Mattia Caldara DF 127 11 (2) 2013-2014, 2016-2017, 2019-2024
0%
844 Mattia Cassani DF 279 3 (13) 2006-2016
0%
517 Mattia Destro MF, FW 319 91 (13) 2010-2024
0%
1988 Mattias Svanberg MF, FW 195 17 (20) 2018-2025
0%
4279 Mattia Valoti MF, FW 108 9 (1) 2014-2015, 2017-2019, 2022-2023, 2024-2025
0%
1776 Mattia Zaccagni MF, FW 207 37 (28) 2015-2016, 2017-2018, 2019-2025
0%
3090 Matt Moussilou FW 146 29 (2) 2001-2007, 2009-2010
0%
3667 Matt Oakley MF 126 6 (6) 2000-2004, 2007-2008
0%
2664 Matt Targett DF, MF 164 3 (9) 2014-2025
0%
1235 Matuzalém MF 245 11 (20) 2000-2003, 2007-2013, 2015-2016
0%
1621 Matz Sels GK 218 0 (0) 2018-2025
0%
3506 Mauricio Pellegrino DF 131 4 (0) 2000-2006
0%
2198 Mauricio Pinilla FW 184 48 (14) 2003-2004, 2005-2006, 2010-2017
0%
2814 Mauricio Pochettino DF 157 9 (1) 2000-2006
0%
825 Maurizio Domizzi DF 280 20 (7) 2003-2005, 2007-2016
0%
2568 Maurizio Lanzaro DF 168 2 (1) 2000-2001, 2003-2004, 2005-2008, 2010-2013
0%
1546 Mauro Arambarri MF 224 16 (10) 2015-2025
0%
1507 Mauro Cetto DF 227 10 (1) 2001-2013
0%
3595 Mauro Esposito MF, FW 128 23 (7) 2000-2001, 2004-2009
0%
2049 Mauro Zárate MF, FW 191 41 (24) 2007-2012, 2014-2017
0%
2834 Maxence Flachez DF 156 1 (3) 2001-2004, 2006-2007, 2008-2009
0%
1698 Max Gradel MF, FW 212 54 (23) 2011-2020
0%
2880 Maxime Baca DF 154 0 (2) 2008-2016
0%
4208 Maxime Barthelmé MF, FW 110 3 (14) 2009-2010, 2011-2017
0%
3507 Maxime Le Marchand DF, MF 131 2 (5) 2015-2018, 2020-2023
0%
3927 Maxime Poundjé DF 118 1 (5) 2012-2021
0%
3183 Maximiliano Moralez MF, FW 142 18 (20) 2011-2016
0%
2489 Maximilian Philipp MF, FW 171 29 (12) 2013-2014, 2016-2018, 2020-2025
0%
2632 Max Kilman DF 165 3 (2) 2018-2025
0%
1205 Max Tonetto DF, MF 247 11 (22) 2000-2001, 2003-2010
0%
1321 Maxwel Cornet DF, MF, FW 240 43 (24) 2014-2025
0%
1673 Maynor Figueroa DF 214 4 (6) 2007-2015
0%
3508 M'Bala Nzola FW 131 35 (10) 2020-2025
0%
3570 Mehdi Abeid MF 129 7 (5) 2014-2015, 2016-2021
0%
3837 Mehdi Bourabia MF 121 5 (5) 2009-2010, 2018-2024
0%
905 Mehdi Lacen MF 273 7 (9) 2005-2006, 2008-2015, 2017-2018
0%
1674 Mehdi Mahdavikia DF, MF 214 21 (43) 2000-2009
0%
3262 Mehdi Méniri DF 139 7 (1) 2000-2006
0%
2262 Mehdi Mostefa DF, MF 181 9 (7) 2011-2017
0%
3886 Mehdi Nafti MF 119 3 (3) 2000-2001, 2002-2005, 2007-2008
0%
4397 Mehdi Zeffane DF, MF 105 3 (3) 2013-2018, 2022-2024
0%
2945 Melli DF 151 2 (2) 2002-2009
0%
3329 Melvin Bard DF, MF 137 5 (5) 2019-2025
0%
4587 Mensur Mujdža DF, MF 100 1 (2) 2009-2015
0%
2793 Mërgim Mavraj DF 158 1 (0) 2007-2009, 2012-2013, 2014-2018
0%
3295 Mërgim Vojvoda DF, FW 138 3 (15) 2020-2025
0%
605 Mevlüt Erdinç FW 306 92 (20) 2005-2017
0%
2666 Mexer DF 164 6 (3) 2014-2022
0%
3330 Michael Agazzi GK 137 0 (0) 2009-2014
0%
2856 Michael Bradley DF, MF 155 13 (7) 2008-2014
0%
2263 Michaël Chrétien DF 181 3 (4) 2005-2011, 2016-2017
0%
979 Michaël Ciani DF 267 15 (2) 2006-2017
0%
4027 Michael Hartmann DF, MF 115 4 (13) 2000-2005
0%
1092 Michaël Isabey MF 257 15 (23) 2001-2009
0%
2881 Michael Krohn-Dehli MF, FW 154 4 (17) 2012-2018
0%
2794 Michael Turner DF 158 8 (0) 2008-2014
0%
3596 Michal Kadlec DF 128 8 (8) 2008-2013
0%
1531 Michel Bastos DF, MF 225 56 (25) 2006-2014
0%
1644 Michele Canini DF 216 2 (0) 2005-2014
0%
4468 Michele Di Gregorio GK 103 0 (1) 2022-2025
0%
4165 Michele Ferri DF 111 3 (0) 2004-2008, 2011-2013
0%
2946 Michele Fini MF 151 10 (22) 2005-2010
0%
2490 Michele Marcolini MF 171 17 (7) 2000-2001, 2004-2005, 2006-2007, 2008-2011
0%
943 Michele Pazienza MF 270 6 (3) 2003-2014
0%
4280 Michel Morganella DF, MF 108 1 (5) 2008-2009, 2011-2012, 2014-2017
0%
53 Mickaël Landreau GK 490 0 (0) 2000-2014
0%
1260 Mickaël Pagis FW 243 68 (24) 2001-2010
0%
4352 Mickaël Tacalfred DF 106 0 (1) 2012-2016
0%
1595 Miguel Ángel Angulo MF, FW 220 26 (23) 2000-2009
0%
896 Miguel Ángel Moyá GK 274 0 (0) 2004-2014, 2016-2020
0%
3704 Miguel Ángel Nadal DF, MF 125 6 (1) 2000-2005
0%
1834 Miguel Britos DF 204 9 (3) 2008-2019
0%
1907 Miguel de las Cuevas MF 200 18 (12) 2007-2013, 2016-2017
0%
1367 Miguel Flaño DF 237 10 (1) 2004-2013, 2016-2017
0%
2368 Miguel Monteiro DF 176 3 (5) 2005-2012
0%
1675 Miguel Veloso MF 214 8 (17) 2010-2011, 2016-2023
0%
4099 Mihailo Ristić DF, MF 113 2 (8) 2018-2021, 2023-2025
0%
1116 Mikel Aranburu MF 255 18 (13) 2000-2006, 2010-2012
0%
853 Mikel Balenziaga DF 278 1 (8) 2008-2009, 2010-2011, 2012-2023
0%
4166 Mikel Labaka DF 111 5 (3) 2004-2006, 2010-2013
0%
1433 Mikel Rico MF 232 16 (11) 2011-2018, 2020-2021
0%
4469 Mikel Roteta DF 103 3 (1) 2000-2004
0%
1454 Mikel Vesga MF 231 11 (9) 2016-2025
0%
3775 Miku FW 123 37 (11) 2009-2016
0%
426 Milan Badelj MF 335 14 (19) 2012-2021, 2023-2025
0%
918 Milan Biševac DF 272 7 (4) 2006-2018
0%
2903 Milan Đurić FW 153 22 (10) 2014-2015, 2021-2025
0%
4243 Milan Fukal DF, MF 109 9 (3) 2000-2006
0%
4501 Mile Sterjovski MF, FW 102 15 (9) 2000-2003, 2007-2008
0%
4398 Mimoun Azaouagh MF 105 10 (13) 2004-2010
0%
4210 Mingo DF 110 1 (1) 2000-2004, 2006-2007
0%
1434 Mirko Pieri DF, MF 232 1 (8) 2000-2010
0%
3965 Mirko Valdifiori MF 117 0 (10) 2014-2020
0%
1658 Miroslav Karhan MF 215 9 (18) 2001-2006, 2009-2011
0%
2725 Mišo Brečko DF, MF 161 2 (8) 2004-2005, 2007-2011, 2014-2015
0%
1835 Mista FW 204 45 (15) 2001-2010
0%
1261 Mladen Krstajić DF 243 16 (9) 2000-2009
0%
778 Modeste M'bami MF 286 3 (8) 2000-2011
0%
3929 Modibo Diakité DF 118 3 (1) 2006-2011, 2013-2016
0%
1797 Modibo Maïga MF, FW 206 52 (12) 2007-2016
0%
2978 Moha DF, FW 150 11 (6) 2000-2001, 2002-2008
0%
1338 Mohamed Diamé MF 239 18 (5) 2009-2014, 2017-2019
0%
4028 Mohamed Fares DF, MF, FW 115 5 (4) 2014-2015, 2017-2022
0%
3991 Mohamed Kallon FW 116 34 (10) 2000-2004, 2006-2008
0%
3263 Mohammadou Idrissou FW 139 27 (14) 2002-2005, 2007-2008, 2009-2011
0%
3668 Mohammed Salisu DF 126 2 (3) 2019-2025
0%
2634 Moisés Hurtado MF 165 3 (5) 2001-2002, 2005-2009, 2011-2013
0%
3571 Momo MF, FW 129 6 (12) 2004-2006, 2009-2010, 2011-2012, 2015-2018
0%
615 Morgan Amalfitano MF 305 26 (28) 2006-2007, 2008-2018
0%
4470 Moris Carrozzieri DF, FW 103 3 (1) 2003-2004, 2006-2008, 2010-2012
0%
4282 Moritz Leitner MF 108 2 (6) 2011-2016, 2019-2020
0%
3413 Moritz Volz DF 134 2 (3) 2003-2007, 2010-2011
0%
2520 Morten Thorsby MF, FW 170 10 (7) 2019-2025
0%
2107 Mouctar Diakhaby DF 188 11 (1) 2016-2025
0%
1508 Mouhamadou Dabo DF 227 1 (2) 2004-2017
0%
4100 Mounir Obbadi MF 113 7 (6) 2012-2017
0%
4588 Mourad Meghni MF 100 5 (3) 2002-2005, 2007-2010
0%
3389 Moussa N'Diaye MF, FW 135 21 (4) 2000-2002, 2004-2007
0%
1477 Moussa Niakhate DF 229 10 (5) 2017-2025
0%
2070 Moustapha Bayal Sall DF 190 7 (2) 2006-2016
0%
3705 Mozart MF 125 7 (3) 2000-2001, 2002-2004, 2009-2010
0%
2687 Musa Barrow MF, FW 163 30 (29) 2017-2023
0%
4059 Muzzy Izzet MF 114 14 (17) 2000-2001, 2003-2006
0%
1509 Nabil El Zhar MF, FW 227 19 (17) 2006-2007, 2008-2009, 2011-2019
0%
3230 Nacer Chadli MF, FW 140 21 (14) 2013-2019
0%
4101 Nadir Belhadj DF, MF 113 7 (10) 2006-2010
0%
4502 Nadir Zortea DF, MF 102 10 (10) 2021-2025
0%
3838 Nahitan Nández DF, MF 121 6 (10) 2019-2021, 2023-2024
0%
3297 Nano DF 138 10 (4) 2004-2008, 2010-2012
0%
3390 Naohiro Takahara FW 135 25 (6) 2002-2008
0%
2397 Nathan Dyer MF, FW 175 18 (13) 2011-2018
0%
971 Nathaniel Clyne DF 268 4 (12) 2012-2018, 2020-2025
0%
875 Nathan Redmond MF, FW 276 28 (26) 2013-2014, 2015-2024
0%
4589 Nedim Bajrami MF, FW 100 10 (8) 2021-2024
0%
2108 Nedum Onuoha DF 188 4 (5) 2004-2012, 2014-2015
0%
4503 Neil Clement DF 102 7 (1) 2002-2003, 2004-2006
0%
2703 Nemanja Gudelj DF, MF 162 5 (3) 2019-2025
0%
1566 Nemanja Maksimović MF 222 9 (2) 2017-2024
0%
3992 Nemanja Pejčinović DF 116 6 (4) 2009-2014
0%
2265 Nemanja Radoja DF, MF 181 2 (4) 2014-2017, 2019-2022
0%
4138 Nemanja Radonjić MF, FW 112 13 (6) 2018-2024
0%
3481 Nenad Džodić DF, MF 132 6 (4) 2001-2005, 2009-2011
0%
4315 Nenad Kovačević MF 107 0 (0) 2006-2007, 2009-2011
0%
1183 Nenad Tomović DF 249 3 (6) 2009-2020
0%
2371 Nicky Shorey DF, MF 176 4 (21) 2006-2013
0%
3993 Nico-Jan Hoogma DF 116 9 (3) 2000-2004
0%
1052 Nicola Amoruso FW 260 76 (17) 2000-2010
0%
1053 Nicola Legrottaglie DF 260 22 (3) 2001-2005, 2007-2014
0%
1745 Nicola Murru DF 209 1 (9) 2011-2014, 2016-2023
0%
3331 Nicola Pozzi FW 137 27 (6) 2005-2007, 2009-2010, 2012-2015
0%
3533 Nicolas Benezet MF, FW 130 18 (12) 2013-2019
0%
476 Nicolás Burdisso DF 326 10 (2) 2004-2018
0%
2980 Nicolas Cozza DF, MF 150 6 (5) 2017-2025
0%
906 Nicolas de Préville MF, FW 273 50 (34) 2012-2022
0%
827 Nicolas Dieuze MF 280 23 (6) 2000-2010
0%
1757 Nicolas Douchez GK 208 0 (0) 2005-2010, 2012-2016
0%
3738 Nicolas Fauvergue FW 124 13 (4) 2003-2008, 2012-2013
0%
2266 Nicolas Gillet DF 181 11 (6) 2000-2006, 2008-2009
0%
4030 Nicolas Goussé FW 115 34 (4) 2000-2003, 2008-2009
0%
828 Nicolas Höfler MF 280 9 (14) 2013-2014, 2016-2025
0%
542 Nicolas Maurice-Belay MF, FW 314 14 (31) 2005-2016
0%
235 Nicolas Nkoulou DF 378 11 (0) 2008-2022
0%
647 Nicolas Pallois DF 302 9 (8) 2010-2011, 2014-2025
0%
3117 Nicolás Pareja DF 145 5 (4) 2008-2009, 2013-2018
0%
163 Nicolas Penneteau GK 407 0 (0) 2000-2004, 2006-2014
0%
4139 Nicolas Plestan DF 112 3 (2) 2003-2011
0%
2109 Nicolas Savinaud DF, MF 188 13 (6) 2000-2007
0%
1436 Nicolas Seube DF, MF 232 6 (4) 2004-2005, 2007-2008, 2010-2011, 2014-2017
0%
1970 Nicolás Spolli DF 196 6 (1) 2009-2019
0%
4167 Nicolas Viola MF, FW 111 15 (11) 2008-2009, 2012-2013, 2017-2018, 2020-2021, 2023-2025
0%
3264 Nicola Ventola FW 139 31 (7) 2000-2001, 2003-2004, 2006-2009
0%
4504 Nicolò Casale DF 102 1 (3) 2021-2025
0%
4212 Nicolò Cherubin DF 110 4 (1) 2007-2008, 2010-2016
0%
3638 Nicolò Rovella MF 127 1 (12) 2019-2025
0%
3966 Nico Pulzetti MF 117 5 (5) 2007-2008, 2009-2012, 2014-2015
0%
4060 Nico Van Kerckhoven DF, FW 114 2 (2) 2000-2005
0%
3888 Niels Oude Kamphuis DF, MF 119 6 (7) 2000-2006
0%
3057 Nigel Martyn GK 147 0 (1) 2000-2001, 2003-2006
0%
1817 Nigel Reo-Coker MF 205 10 (8) 2005-2012
0%
4061 Nikica Jelavić FW 114 30 (7) 2011-2016
0%
1758 Nikola Kalinić FW 208 53 (12) 2009-2010, 2015-2022
0%
4354 Nikola Lazetić MF 106 2 (9) 2002-2003, 2005-2008
0%
2904 Nikola Maksimović DF 153 2 (4) 2013-2021, 2024-2025
0%
3598 Nikola Vlašić MF, FW 128 14 (12) 2017-2018, 2021-2025
0%
4440 Nikola Žigić FW 104 34 (10) 2006-2011
0%
1117 Nikolče Noveski DF 255 8 (1) 2004-2006, 2009-2015
0%
3298 Nino MF, FW 138 24 (4) 2006-2007, 2009-2010, 2011-2013, 2020-2021
0%
3777 Niša Saveljić DF 123 7 (1) 2000-2005
0%
2083 Noé Pamarot DF 189 7 (3) 2002-2008, 2010-2012
0%
700 Nolan Roux MF, FW 295 73 (16) 2010-2021
0%
1263 Nolberto Solano MF 243 40 (42) 2000-2008
0%
4062 Norbert Gyömbér DF, MF 114 1 (1) 2013-2014, 2015-2016, 2021-2024
0%
3447 Nordin Amrabat MF, FW 133 10 (17) 2013-2018
0%
3839 Noureddine Naybet DF 121 6 (0) 2000-2006
0%
4317 Odaïr Fortes MF, FW 107 9 (8) 2012-2016
0%
2982 Ohis Felix Uduokhai DF 150 4 (1) 2017-2024
0%
1818 Oier Sanjurjo DF, MF 205 5 (6) 2008-2010, 2012-2013, 2016-2017, 2019-2022
0%
2417 Oka Nikolov GK 174 0 (0) 2000-2001, 2003-2004, 2005-2010, 2012-2013
0%
4471 Okay Yokuşlu DF, MF 103 2 (3) 2018-2022
0%
2017 Ola Aina DF 193 7 (9) 2016-2017, 2018-2025
0%
3639 Oleguer Presas DF 127 1 (1) 2002-2008
0%
3534 Oliver McBurnie FW 130 16 (10) 2016-2017, 2019-2020, 2023-2025
0%
4032 Oliver Schröder DF, MF 115 3 (5) 2003-2009
0%
2613 Oliver Sorg DF, MF 166 3 (7) 2011-2015, 2017-2019
0%
2005 Olivier Dacourt MF 194 5 (7) 2000-2009
0%
928 Olivier Echouafni MF 271 13 (13) 2000-2010
0%
1184 Olivier Kapo MF, FW 249 38 (21) 2000-2009, 2011-2012
0%
886 Olivier Monterrubio MF 275 60 (62) 2000-2007, 2009-2011
0%
2983 Olivier Quint MF 150 16 (26) 2000-2006
0%
2238 Olivier Sorin GK 182 0 (0) 2005-2012
0%
304 Olivier Sorlin MF 358 15 (18) 2001-2007, 2011-2015
0%
1646 Olivier Thomert MF, FW 216 29 (23) 2002-2011
0%
4591 Olivier Veigneau DF 100 1 (1) 2005-2007, 2013-2016
0%
3356 Omar Alderete DF 136 4 (2) 2020-2025
0%
3572 Omar Colley DF 129 3 (1) 2018-2023
0%
2949 Omar Daf DF 151 1 (0) 2001-2005, 2007-2008, 2010-2013
0%
4283 Omar El Kaddouri MF 108 12 (15) 2012-2017
0%
1216 Omar Mascarell DF, MF 246 3 (6) 2012-2013, 2015-2025
0%
1798 Omar Milanetto MF 206 14 (24) 2002-2004, 2007-2011
0%
3599 Onyekachi Apam DF 128 1 (0) 2006-2009, 2011-2013
0%
3059 Opa Nguette MF, FW 147 15 (8) 2012-2013, 2016-2017, 2019-2022
0%
3299 Orestis Karnezis GK 138 0 (0) 2013-2019
0%
3889 Oriol Lozano DF 119 1 (1) 2004-2010
0%
4505 Oriol Riera FW 102 23 (2) 2013-2017
0%
3509 Óscar de Paula FW 131 27 (1) 2000-2006
0%
3095 Oscar Ewolo DF, MF 146 1 (1) 2006-2008, 2010-2012
0%
3484 Óscar Melendo MF, FW 132 0 (6) 2016-2019, 2021-2022, 2023-2024
0%
3265 Óscar Mingueza DF, MF 139 8 (11) 2020-2025
0%
3300 Óscar Plano MF, FW 138 13 (12) 2018-2020, 2022-2023
0%
1971 Óscar Rodríguez Arnaiz MF, FW 196 18 (11) 2018-2025
0%
1685 Óscar Serrano MF 213 15 (16) 2004-2012
0%
418 Óscar Trejo MF, FW 337 27 (32) 2006-2008, 2011-2012, 2013-2016, 2018-2019, 2021-2025
0%
3333 Óscar Valentín MF 137 1 (0) 2021-2025
0%
3185 Oswaldo Vizcarrondo DF 142 3 (1) 2013-2018
0%
4102 Otávio MF 113 3 (5) 2017-2022
0%
1555 Ousmane Dabo MF 223 9 (5) 2000-2010
0%
3449 Ozan Kabak DF 133 12 (3) 2018-2024
0%
3061 Pablo Alfaro DF 147 3 (2) 2001-2007
0%
3932 Pablo Armero DF, MF 118 3 (19) 2010-2017
0%
3670 Pablo Cavallero GK 126 0 (0) 2000-2003, 2006-2007
0%
4400 Pablo Contreras DF 105 6 (0) 2000-2001, 2003-2004, 2005-2007
0%
2817 Pablo de Blasis DF, MF, FW 157 19 (16) 2014-2020
0%
500 Pablo Fornals MF, FW 322 33 (32) 2015-2025
0%
2110 Pablo Maffeo DF 188 5 (17) 2017-2018, 2020-2025
0%
1035 Pablo Orbaiz MF 262 11 (11) 2000-2011
0%
552 Pablo Piatti MF, FW 313 47 (31) 2008-2022
0%
3672 Pablo Rosario DF, MF 126 3 (4) 2021-2025
0%
2705 Pablo Thiam DF, MF 162 14 (4) 2000-2008
0%
3673 Paco Peña DF 126 0 (5) 2003-2004, 2007-2008, 2010-2011
0%
2835 Panagiotis Tachtsidis MF 156 7 (13) 2012-2016, 2019-2020
0%
1185 Pantxi Sirieix MF 249 10 (6) 2001-2017
0%
3511 Paolo Bianco DF 131 4 (0) 2006-2009, 2013-2015
0%
1622 Paolo Castellini DF 218 1 (6) 2001-2007, 2009-2010, 2012-2014
0%
2950 Paolo De Ceglie DF 151 7 (4) 2007-2016
0%
3778 Paolo Dellafiore DF 123 4 (0) 2005-2013
0%
4542 Paolo Faragò DF, MF 101 4 (6) 2016-2022
0%
3674 Paolo Negro DF 126 7 (0) 2000-2007
0%
1300 Paolo Sammarco MF 241 16 (7) 2004-2011, 2015-2016, 2018-2019
0%
2418 Papa Bouba Diop DF, MF 174 13 (5) 2001-2010
0%
506 Papakouli Diop MF 321 12 (9) 2006-2007, 2009-2021
0%
2951 Pape Diakhaté DF 151 4 (3) 2005-2006, 2009-2014
0%
3641 Pape Souaré DF 127 3 (2) 2010-2019
0%
3706 Papy Djilobodji DF 125 5 (3) 2013-2019
0%
4103 Park Chu-young MF, FW 113 28 (8) 2008-2013
0%
2399 Pascal Berenguer MF 175 12 (8) 2005-2012
0%
1301 Pascal Chimbonda DF 241 12 (15) 2002-2011
0%
2593 Pascal Cygan DF 167 8 (2) 2000-2009
0%
3032 Pascal Delhommeau DF 148 1 (0) 2000-2005, 2007-2008
0%
1137 Pascal Feindouno MF, FW 253 49 (24) 2000-2008, 2010-2011
0%
2952 Pascal Johansen MF 151 7 (9) 2000-2001, 2002-2005, 2007-2008
0%
3007 Pascal Stenzel DF, MF 149 2 (10) 2016-2018, 2020-2025
0%
2521 Pasquale Foggia MF, FW 170 18 (16) 2003-2004, 2005-2011
0%
4284 Pasquale Mazzocchi DF, FW 108 2 (7) 2021-2025
0%
4401 Pasquale Schiattarella MF 105 2 (11) 2013-2014, 2017-2018, 2020-2021
0%
4169 Patrick Barul DF 111 0 (1) 2000-2001, 2002-2008
0%
2400 Patrick Cutrone FW 175 29 (8) 2016-2021, 2024-2025
0%
2886 Patrick Ebert MF, FW 154 16 (24) 2006-2009, 2011-2013, 2015-2016
0%
1648 Patrick Ochs DF, MF 216 4 (17) 2005-2014
0%
4592 Patrick Wimmer MF, FW 100 12 (18) 2021-2025
0%
1587 Paul Baysse DF 221 10 (4) 2010-2012, 2014-2018, 2020-2022
0%
2267 Paul Bernardoni GK 181 0 (0) 2015-2016, 2018-2023
0%
3450 Paul Codrea DF, MF 133 3 (5) 2003-2004, 2005-2012
0%
3415 Paul Dickov FW 134 33 (10) 2000-2001, 2003-2007
0%
2953 Paul Dummett DF 151 3 (0) 2013-2015, 2017-2021, 2023-2024
0%
1187 Paul Freier MF 249 29 (42) 2000-2001, 2002-2010
0%
817 Paul Lasne DF, MF 281 14 (13) 2011-2022
0%
4355 Paulo Assunção MF 106 1 (0) 2008-2013
0%
2907 Paulo Gazzaniga GK 153 0 (0) 2012-2015, 2017-2020, 2022-2025
0%
3740 Paulo Machado MF 124 15 (6) 2008-2012
0%
3358 Paulo Vitor Barreto FW 136 29 (13) 2005-2006, 2009-2015
0%
1532 Paul Scharner DF, MF 225 21 (12) 2005-2013
0%
1533 Paul Stalteri DF, MF 225 8 (13) 2000-2010
0%
2795 Paul Telfer DF, MF 158 1 (12) 2000-2005
0%
4594 Pavel Krmaš DF, MF 100 4 (1) 2009-2015
0%
4244 Pavel Pogrebnyak FW 109 26 (5) 2009-2013
0%
4245 Pavle Ninkov DF 109 1 (4) 2011-2017
0%
3267 Paweł Dawidowicz DF, MF 139 2 (1) 2019-2025
0%
1699 Pedro Bigas DF, MF 212 12 (3) 2011-2012, 2015-2023
0%
2926 Pedro Chirivella MF 152 4 (7) 2015-2016, 2020-2025
0%
2667 Pedro Contreras GK 164 0 (0) 2000-2003, 2005-2007
0%
3096 Pedro Geromel DF 146 5 (1) 2008-2013
0%
1093 Pedro López Muñoz DF 257 5 (7) 2004-2005, 2007-2009, 2011-2015, 2017-2018, 2020-2021
0%
2402 Pedro Mosquera MF 175 4 (6) 2009-2010, 2013-2017, 2020-2021
0%
291 Pedro Munitis FW 362 29 (60) 2000-2012
0%
4246 Pedro Ríos MF 109 13 (8) 2009-2014
0%
1597 Peer Kluge MF 220 15 (14) 2001-2007, 2009-2011, 2013-2014
0%
443 Péguy Luyindula MF, FW 332 79 (19) 2000-2011
0%
1819 Per Ciljan Skjelbred MF 205 2 (11) 2011-2020
0%
3862 Pere Milla MF, FW 120 21 (7) 2018-2019, 2020-2022, 2024-2025
0%
3137 Pere Pons MF 144 5 (5) 2017-2022
0%
1687 Per Krøldrup DF 213 6 (2) 2001-2010, 2012-2013
0%
667 Përparim Hetemaj MF 300 8 (17) 2010-2018, 2020-2021
0%
2403 Pervis Estupiñán DF 175 5 (15) 2016-2017, 2019-2025
0%
1001 Peter Luccin MF 265 13 (20) 2000-2009
0%
3097 Peter Niemeyer DF, MF 146 8 (0) 2006-2009, 2011-2012, 2013-2017
0%
1264 Peter Pekarík DF 243 4 (10) 2008-2010, 2013-2023
0%
3485 Petter Hansson DF 132 4 (2) 2007-2011
0%
640 Phil Bardsley DF 303 7 (5) 2005-2021
0%
2707 Philip Billing MF, FW 162 13 (4) 2017-2019, 2022-2025
0%
3231 Philipp Bönig DF 140 0 (1) 2003-2004, 2006-2010
0%
2346 Philippe Brunel MF 177 17 (27) 2000-2007
0%
4472 Philippe Christanval DF 103 1 (2) 2000-2003, 2005-2008
0%
4356 Philippe Delaye MF 106 13 (10) 2000-2004, 2009-2010
0%
2071 Philippe Violeau MF 190 9 (8) 2000-2006
0%
2753 Philipp Wollscheid DF 160 7 (0) 2010-2017
0%
3268 Pierluigi Gollini GK 139 0 (0) 2014-2020, 2022-2025
0%
4034 Piero Hincapié DF, MF 115 5 (7) 2021-2025
0%
526 Pierre-Alain Frau MF, FW 317 83 (32) 2001-2011, 2013-2014
0%
1002 Pierre Lees-Melou MF, FW 265 35 (25) 2016-2025
0%
1515 Pierre Webó FW 226 47 (17) 2003-2011
0%
2777 Pierre Womé DF 159 9 (9) 2000-2006, 2008-2010
0%
3644 Pierre-Yves André FW 127 19 (11) 2000-2005
0%
1238 Pierrick Capelle DF, MF, FW 245 15 (14) 2015-2022, 2024-2025
0%
4172 Pietro Accardi DF 111 2 (0) 2004-2011
0%
3863 Pietro Terracciano GK 120 0 (0) 2011-2012, 2018-2025
0%
4213 Pione Sisto MF, FW 110 12 (14) 2016-2020
0%
1036 Pirmin Schwegler MF 262 7 (20) 2006-2010, 2012-2019
0%
3033 Piti MF, FW 148 29 (12) 2004-2005, 2011-2016
0%
1368 Pol Lirola DF, MF, FW 237 9 (21) 2016-2025
0%
3301 Pontus Farnerud MF 138 8 (6) 2000-2006
0%
854 Portu DF, MF, FW 278 44 (29) 2013-2014, 2017-2025
0%
2818 Prince Oniangué DF, MF 157 23 (6) 2008-2009, 2013-2019
0%
4402 Quentin Merlin DF, MF 105 4 (10) 2021-2025
0%
4403 Quini DF, MF 105 1 (3) 2014-2015, 2019-2022
0%
3779 Rabiu Afolabi DF 123 5 (0) 2005-2009
0%
2954 Rachid Ghezzal MF, FW 151 15 (16) 2012-2013, 2014-2020
0%
2268 Rade Krunić MF, FW 181 9 (13) 2015-2016, 2018-2024
0%
4508 Radim Kučera DF 102 7 (2) 2005-2009
0%
2307 Radostin Kishishev DF, MF 179 2 (5) 2000-2007
0%
2754 Rafael Schmitz DF 160 4 (2) 2001-2012
0%
1082 Rafael Tolói DF 258 10 (13) 2013-2014, 2015-2025
0%
3675 Rafał Gikiewicz GK 126 0 (0) 2017-2018, 2019-2023
0%
1716 Raffaele Palladino MF, FW 211 24 (10) 2005-2006, 2007-2014, 2016-2018
0%
1606 Rafik Saïfi MF, FW 219 41 (16) 2000-2002, 2004-2009
0%
1534 Ragnar Klavan DF 225 5 (0) 2012-2021
0%
3573 Rahman Rezaei DF 129 6 (3) 2001-2002, 2004-2008
0%
3995 Ramón de Quintana DF 116 5 (3) 2000-2002, 2005-2006
0%
3780 Raoul Bellanova DF, FW 123 2 (18) 2019-2020, 2021-2025
0%
3206 Raphaël Wicky DF, MF 141 4 (5) 2000-2007
0%
2614 Raúl Bobadilla FW 166 29 (11) 2009-2011, 2013-2018
0%
397 Raúl Tamudo FW 340 126 (23) 2000-2013
0%
2796 Rayan Aït-Nouri DF, MF 158 9 (14) 2018-2025
0%
2985 Ray Parlour MF 150 4 (1) 2000-2006
0%
3207 Razak Boukari MF, FW 141 14 (6) 2006-2007, 2009-2011, 2013-2014
0%
4035 Razundara Tjikuzu DF, MF 115 5 (7) 2000-2006
0%
1265 Recio MF 243 12 (12) 2010-2021
0%
2887 Reginaldo FW 154 19 (14) 2005-2007, 2009-2010, 2011-2013
0%
4474 Régis Gurtner GK 103 0 (0) 2017-2020
0%
3232 Reinildo Mandava DF, MF 140 3 (1) 2018-2025
0%
3890 Rein van Duijnhoven GK 119 0 (0) 2000-2001, 2002-2005
0%
1778 Remi Oudin MF, FW 207 28 (18) 2018-2025
0%
293 Rémy Cabella MF, FW 361 61 (48) 2010-2018, 2021-2025
0%
2019 Rémy Riou GK 193 0 (0) 2006-2009, 2013-2016, 2022-2024
0%
1324 Rémy Vercoutre GK 240 0 (0) 2001-2018
0%
1779 Renato Civelli DF 207 20 (6) 2005-2006, 2008-2012, 2015-2017
0%
4036 Renato Steffen MF, FW 115 16 (9) 2017-2022
0%
3139 Renato Tapia DF, MF 144 1 (1) 2020-2025
0%
432 Renaud Cohade MF 334 20 (36) 2004-2005, 2007-2008, 2009-2017, 2019-2020
0%
2888 Renaud Ripart DF, MF, FW 154 29 (9) 2018-2023
0%
2779 Rene Krhin MF, FW 159 2 (0) 2009-2020
0%
3062 René Rydlewicz MF, FW 147 23 (24) 2000-2004, 2007-2008
0%
2126 Reto Ziegler DF, MF 187 5 (13) 2004-2010, 2013-2014
0%
1922 Reynald Lemaître DF, MF 199 9 (10) 2004-2005, 2007-2011, 2013-2016
0%
3208 Ricardo Fuller FW 141 19 (7) 2004-2005, 2008-2012
0%
1163 Ricardo Gardner DF, MF 251 10 (11) 2001-2012
0%
3186 Riccardo Gagliolo DF 142 6 (7) 2015-2016, 2018-2022
0%
1044 Riccardo Meggiorini FW 261 25 (23) 2004-2005, 2009-2019
0%
1218 Riccardo Orsolini MF, FW 246 65 (28) 2017-2025
0%
1535 Riccardo Saponara MF, FW 225 29 (35) 2013-2024
0%
3574 Riccardo Sottil DF, MF, FW 129 8 (9) 2018-2025
0%
4105 Richard Golz GK 113 0 (0) 2000-2001, 2003-2005
0%
4106 Rick Karsdorp DF, FW 113 1 (11) 2017-2018, 2020-2024
0%
929 Riki FW 271 51 (19) 2004-2010, 2012-2015
0%
2755 Robbie Brady DF, MF, FW 160 10 (13) 2013-2021
0%
1275 Robbie Savage MF 242 16 (18) 2000-2008
0%
1717 Robert Acquafresca FW 211 43 (3) 2005-2006, 2007-2013, 2015-2016
0%
4544 Robert Gumny DF 101 2 (2) 2020-2025
0%
2889 Roberto Baronio MF 154 2 (7) 2000-2007, 2009-2010
0%
3302 Roberto Canella DF 138 4 (4) 2008-2011, 2014-2017
0%
779 Roberto Guana MF 286 3 (7) 2000-2014
0%
2986 Roberto Inglese FW 150 38 (8) 2015-2021
0%
3233 Roberto Muzzi FW 140 34 (16) 2000-2007
0%
3417 Roberto Piccoli FW 134 23 (1) 2018-2025
0%
2240 Roberto Rosales DF, MF 182 5 (11) 2014-2020
0%
3677 Roberto Sensini DF 126 7 (4) 2000-2006
0%
433 Roberto Soriano MF, FW 334 43 (36) 2012-2023
0%
4545 Roberto Stellone FW 101 11 (9) 2000-2001, 2003-2004, 2006-2009
0%
2493 Roberto Trashorras MF 171 7 (28) 2001-2002, 2011-2016
0%
2492 Robert Snodgrass MF, FW 171 26 (22) 2012-2014, 2016-2017, 2018-2021
0%
3360 Robert Tesche MF 136 7 (2) 2006-2013, 2021-2022
0%
1568 Robin Gosens DF, MF, FW 222 39 (26) 2017-2025
0%
607 Robin Knoche DF 306 16 (7) 2011-2024
0%
2087 Robin Quaison MF, FW 189 38 (11) 2014-2021
0%
1937 Robin Zentner GK 198 0 (0) 2017-2025
0%
3996 Robson Ponte MF, FW 116 17 (28) 2000-2005
0%
295 Rod Fanni DF 361 8 (14) 2002-2003, 2005-2014, 2016-2017
0%
1634 Rodolfo Arruabarrena DF 217 12 (11) 2000-2007
0%
2798 Rodolfo Bodipo FW 158 32 (14) 2002-2003, 2005-2009, 2012-2013
0%
3647 Rodrigo Becão DF 127 6 (3) 2019-2023
0%
3935 Rodrigo Ely DF 118 5 (1) 2015-2020, 2022-2023
0%
920 Rodrigo Taddei DF, FW 272 36 (27) 2003-2014
0%
3840 Roland Lamah MF, FW 121 12 (7) 2008-2009, 2011-2014
0%
3678 Rolando DF 126 10 (0) 2012-2013, 2015-2019
0%
1406 Rolando Bianchi FW 234 52 (12) 2000-2002, 2004-2008, 2012-2015
0%
1302 Rolando Mandragora MF 241 17 (16) 2014-2015, 2016-2025
0%
2780 Roland Sallai MF, FW 159 21 (12) 2016-2017, 2018-2025
0%
4475 Romain Alessandrini MF, FW 103 24 (19) 2012-2017
0%
3892 Romain Amalfitano MF, FW 119 1 (4) 2016-2021
0%
496 Romain Danzé DF, MF 323 8 (14) 2006-2018
0%
2144 Romain Del Castillo MF, FW 186 22 (37) 2015-2016, 2018-2025
0%
3034 Romain Genevois DF 148 2 (4) 2012-2019
0%
358 Romain Hamouma MF, FW 347 63 (46) 2010-2023
0%
2910 Romain Perraud DF, FW 153 7 (14) 2017-2018, 2019-2025
0%
3741 Romain Philippoteaux MF, FW 124 11 (8) 2014-2016, 2019-2022
0%
438 Romain Pitau MF 333 7 (23) 2002-2013
0%
3119 Romain Saïss DF, MF 145 11 (2) 2015-2016, 2018-2022
0%
946 Romaric MF 270 17 (24) 2005-2015
0%
2710 Rômulo DF, MF, FW 162 13 (22) 2011-2015, 2017-2020
0%
3235 Ronaël Pierre-Gabriel DF 140 2 (3) 2015-2024
0%
4405 Ronald Maul MF 105 0 (5) 2000-2005
0%
2088 Ronald Zubar DF 189 8 (3) 2004-2005, 2006-2014
0%
2550 Ronan Le Crom GK 169 0 (0) 2000-2003, 2005-2006, 2008-2009, 2012-2013
0%
1746 Ronny Rodelin MF, FW 209 29 (18) 2008-2009, 2011-2019
0%
1027 Ron-Robert Zieler GK 263 0 (0) 2010-2018, 2020-2021
0%
1889 Roque Mesa MF 201 8 (10) 2015-2020, 2022-2023
0%
2073 Roy Contout FW 190 17 (17) 2004-2005, 2009-2014
0%
2641 Rubén GK 165 0 (0) 2004-2005, 2010-2015, 2017-2018, 2019-2021
0%
3841 Rubén DF 121 6 (0) 2001-2004, 2006-2007, 2009-2013
0%
1890 Ruben Aguilar DF, MF 201 4 (18) 2017-2025
0%
2466 Rubén Alcaraz MF 172 14 (5) 2018-2024
0%
3679 Rubén Olivera MF 126 12 (13) 2002-2004, 2006-2008, 2010-2014
0%
2089 Rubén Pardo MF, FW 189 8 (26) 2011-2022
0%
1637 Rubén Peña DF, MF, FW 217 6 (8) 2012-2013, 2016-2025
0%
1759 Rubén Rochina MF, FW 208 24 (18) 2010-2015, 2017-2022
0%
1972 Rubén Sobrino MF, FW 196 17 (8) 2016-2024
0%
2288 Rúben Vezo DF 180 5 (2) 2013-2022
0%
2241 Rüdiger Kauf MF 182 4 (5) 2000-2001, 2002-2003, 2004-2009
0%
3236 Rudy Riou GK 140 0 (0) 2001-2004, 2007-2008, 2014-2015
0%
2467 Ruslan Malinovskyi MF, FW 172 28 (26) 2019-2025
0%
146 Ryad Boudebouz MF, FW 416 52 (66) 2008-2022
0%
4173 Ryan Bennett DF 111 3 (0) 2011-2013, 2015-2016, 2018-2020
0%
1938 Ryan Nelsen DF 198 9 (5) 2004-2013
0%
527 Ryan Shawcross DF 317 14 (9) 2008-2018
0%
3187 Sabri Lamouchi MF 142 12 (9) 2000-2003, 2005-2007
0%
3393 Sada Thioub DF, MF, FW 135 6 (11) 2014-2015, 2018-2023
0%
2671 Saïd Benrahma MF, FW 164 23 (24) 2013-2015, 2020-2025
0%
3452 Saido Berahino MF, FW 133 23 (3) 2013-2018
0%
3063 Saîf-Eddine Khaoui DF, MF, FW 147 18 (7) 2016-2023
0%
3035 Salif Diao MF 148 2 (5) 2000-2005, 2008-2012
0%
2615 Salih Özcan MF 166 2 (4) 2016-2017, 2020-2025
0%
3304 Salomon Olembé MF 138 5 (6) 2000-2008
0%
1407 Salomón Rondón FW 234 61 (20) 2010-2011, 2015-2018, 2021-2023
0%
2857 Salva Ballesta FW 155 45 (15) 2001-2006, 2008-2009
0%
2420 Salva Sevilla MF 174 19 (18) 2011-2016, 2019-2020, 2021-2022
0%
1029 Salvatore Aronica DF 263 0 (7) 2004-2013
0%
806 Salvatore Lanna DF 283 4 (9) 2001-2010
0%
4476 Salvatore Masiello DF, MF 103 2 (5) 2006-2007, 2009-2010, 2012-2015
0%
4249 Sambou Yatabaré MF 109 7 (9) 2008-2009, 2010-2011, 2012-2017
0%
4286 Sami Allagui MF, FW 108 26 (6) 2010-2011, 2013-2014, 2016-2017
0%
1138 Samu Castillejo MF, FW 253 21 (18) 2014-2024
0%
1821 Samuel Chukwueze MF, FW 205 25 (19) 2018-2025
0%
3164 Samuele Dalla Bona MF 143 14 (7) 2000-2005, 2007-2008
0%
4215 Samuel Grandsir MF, FW 110 7 (7) 2015-2016, 2017-2019, 2023-2025
0%
4477 Samuel Lino DF, MF, FW 103 13 (10) 2022-2025
0%
3120 Samuel Moutoussamy DF, MF, FW 145 3 (6) 2017-2024
0%
4107 Sam Vokes FW 113 17 (4) 2009-2011, 2014-2015, 2016-2019
0%
3535 Sander Westerveld GK 130 0 (0) 2000-2006
0%
4509 Sandi Lovrić MF 102 8 (12) 2022-2025
0%
1973 Sanjin Prcić MF 196 7 (7) 2013-2024
0%
3936 Santiago Ascacíbar MF 118 1 (3) 2017-2023
0%
2051 Santiago Ezquerro FW 191 37 (9) 2000-2009
0%
2821 Santi Comesaña MF 157 11 (7) 2018-2019, 2021-2025
0%
2690 Saphir Taïder MF 163 10 (8) 2009-2010, 2011-2018
0%
3742 Saša Bjelanović FW 124 22 (5) 2002-2003, 2004-2008
0%
1421 Saša Lukić MF 233 14 (8) 2016-2025
0%
4478 Sascha Mölders FW 103 18 (3) 2007-2008, 2011-2016
0%
1911 Savo Milošević FW 200 62 (20) 2000-2007
0%
1303 Scott Dann DF 241 16 (11) 2009-2011, 2013-2021
0%
3895 Scott Sinclair MF, FW 119 13 (4) 2006-2009, 2011-2016
0%
3237 Sebastiaan Bornauw DF 140 11 (2) 2019-2025
0%
4216 Sebastián Eguren MF 110 4 (3) 2007-2012
0%
2672 Sebastian Freis MF, FW 164 27 (9) 2007-2015
0%
2111 Sebastian Langkamp DF 188 6 (2) 2008-2009, 2011-2020
0%
2309 Sebastiano Luperto DF 179 4 (5) 2014-2015, 2018-2025
0%
1352 Sebastiano Siviglia DF 238 10 (4) 2000-2010
0%
4250 Sebastian Walukiewicz DF 109 0 (1) 2019-2025
0%
434 Sébastien Corchia DF, MF 334 10 (17) 2008-2009, 2011-2017, 2019-2023
0%
2332 Sebastien De Maio DF 178 7 (3) 2010-2011, 2013-2022
0%
3937 Sébastien Piocelle MF 118 0 (2) 2000-2004, 2010-2011
0%
1494 Sébastien Puygrenier DF 228 23 (5) 2002-2003, 2005-2013
0%
1119 Sébastien Roudet MF 255 25 (28) 2004-2007, 2009-2014
0%
813 Senad Lulić DF, MF, FW 282 28 (38) 2011-2021
0%
1557 Serge Gakpé MF, FW 223 27 (17) 2005-2010, 2013-2018
0%
1408 Sergej Barbarez MF, FW 234 76 (49) 2000-2008
0%
3361 Sergi Barjuán DF 136 1 (2) 2000-2005
0%
267 Sergi Darder MF, FW 369 29 (33) 2013-2019, 2021-2025
0%
2020 Sergi Enrich MF, FW 193 34 (22) 2009-2010, 2015-2021
0%
522 Sergio Ballesteros DF 318 6 (2) 2000-2007, 2010-2013
0%
1480 Sergio Escudero DF, MF 229 11 (11) 2010-2023
0%
263 Sergio Floccari FW 370 74 (22) 2005-2020
0%
3938 Sergio Matabuena MF 118 5 (3) 2002-2006, 2008-2011
0%
3680 Sergio Pachón FW 126 17 (7) 2000-2007
0%
81 Sergio Pellissier FW 455 112 (33) 2002-2006, 2008-2019
0%
1495 Sérgio Pinto MF, FW 228 21 (15) 2002-2003, 2006-2014
0%
4066 Sergio Postigo DF 114 3 (2) 2017-2022
0%
2523 Sergio Rico GK 170 0 (0) 2014-2022
0%
1624 Sergio Volpi MF 218 20 (21) 2001-2002, 2003-2010
0%
2840 Shabani Nonda FW 156 68 (13) 2000-2007
0%
4251 Shaka Hislop GK 109 0 (0) 2000-2001, 2003-2006
0%
3781 Shaun Bartlett FW 123 25 (6) 2000-2006
0%
686 Shola Ameobi FW 298 43 (20) 2000-2008, 2010-2015
0%
2310 Siaka Tiéné DF 179 9 (8) 2005-2006, 2007-2015
0%
2372 Sidnei DF 176 4 (3) 2013-2021
0%
2691 Silvio Meißner MF 163 27 (7) 2000-2008
0%
3998 Silvio Schröter MF 116 5 (7) 2001-2008
0%
1939 Simão Sabrosa MF 198 25 (32) 2000-2001, 2007-2010, 2012-2014
0%
3999 Simeon Nwankwo FW 116 34 (4) 2016-2017, 2020-2021, 2023-2024
0%
3809 Simon Charlton DF 122 1 (4) 2001-2005
0%
1207 Simone Barone MF 247 11 (13) 2001-2010
0%
4406 Simone Bentivoglio MF 105 5 (7) 2008-2010, 2013-2014
0%
4287 Simone Loria DF 108 15 (1) 2004-2005, 2006-2008, 2010-2012
0%
744 Simone Missiroli MF 290 12 (9) 2004-2007, 2010-2011, 2013-2020
0%
622 Simone Padoin DF, MF 304 13 (9) 2007-2009, 2011-2019
0%
3681 Simone Pavan DF 126 1 (0) 2001-2008
0%
281 Simone Perrotta MF 365 42 (25) 2000-2013
0%
3064 Simone Tiribocchi FW 147 39 (9) 2001-2002, 2004-2006, 2008-2009, 2011-2012
0%
1188 Simone Verdi MF, FW 249 37 (27) 2012-2013, 2014-2025
0%
394 Simone Vergassola MF 341 27 (23) 2001-2009, 2011-2013
0%
972 Simon Jentzsch GK 268 0 (0) 2000-2007, 2011-2013
0%
2570 Simon Pouplin GK 168 0 (0) 2003-2004, 2005-2007, 2009-2010, 2012-2016
0%
2673 Sloan Privat FW 164 36 (6) 2007-2009, 2011-2018
0%
2927 Sofian Chahed DF, MF 152 6 (7) 2003-2004, 2005-2013
0%
1839 Sofiane Boufal MF, FW 204 33 (25) 2014-2023
0%
3363 Sofiane Diop MF, FW 136 21 (13) 2018-2019, 2020-2025
0%
1780 Sofiane Feghouli MF, FW 207 25 (31) 2008-2017
0%
3239 Sofyan Amrabat DF, MF 140 2 (2) 2019-2025
0%
4068 Søren Colding DF 114 1 (3) 2000-2001, 2002-2005
0%
4320 Souleymane Diamoutene DF 107 2 (1) 2003-2005, 2008-2011
0%
444 Souleymane Diawara DF 332 14 (3) 2002-2015
0%
4321 Srđan Lakić FW 107 22 (2) 2006-2007, 2010-2015
0%
4595 Stanley N'Soki DF 100 1 (1) 2017-2020, 2022-2025
0%
2801 Stathis Tavlaridis DF 158 2 (2) 2002-2010
0%
69 Steed Malbranque MF 468 47 (66) 2000-2017
0%
4288 Steeve Elana GK 108 0 (0) 2004-2005, 2010-2013
0%
3810 Steeve Yago DF 122 0 (1) 2012-2018
0%
3682 Stefan Aigner MF, FW 126 25 (16) 2008-2009, 2012-2016
0%
3211 Stefan Beinlich MF 141 13 (27) 2000-2005, 2007-2008
0%
3536 Stefan Ilsanker DF, MF 130 3 (2) 2016-2022
0%
1801 Stefano Fiore MF 206 35 (39) 2000-2007
0%
708 Stefano Lucchini DF 294 4 (4) 2002-2003, 2005-2015
0%
319 Stefano Mauri MF, FW 355 55 (36) 2002-2016
0%
1126 Stefano Morrone MF 254 13 (11) 2001-2002, 2003-2007, 2009-2013
0%
1537 Stefano Okaka FW 225 41 (14) 2005-2006, 2008-2011, 2013-2014, 2016-2022
0%
4001 Stefano Sabelli DF 116 1 (6) 2015-2016, 2019-2020, 2021-2022, 2023-2025
0%
2859 Stefano Sensi MF, FW 155 13 (8) 2016-2025
0%
177 Stefano Sorrentino GK 401 0 (0) 2001-2002, 2007-2012, 2014-2019
0%
2860 Stefano Sturaro MF 155 6 (5) 2013-2022
0%
2090 Stefan Posch DF 189 9 (4) 2017-2025
0%
2890 Stefan Schnoor DF 154 7 (3) 2000-2006
0%
3269 Stelios Giannakopoulos MF, FW 139 20 (11) 2003-2009
0%
2911 Stéphane Bahoken FW 153 33 (5) 2010-2012, 2017-2022
0%
4357 Stéphane Borbiconi DF 106 6 (2) 2000-2001, 2003-2006
0%
4510 Stéphane Carnot MF 102 17 (13) 2000-2004
0%
4217 Stéphane Cassard GK 110 0 (0) 2001-2002, 2004-2005, 2007-2008
0%
1004 Stéphane Dalmat MF 265 18 (24) 2000-2012
0%
3306 Stéphane Dumont MF 138 9 (4) 2003-2011
0%
4037 Stéphane Grégoire MF 115 1 (2) 2000-2004
0%
1127 Stéphane Grichting DF 254 1 (1) 2002-2012
0%
398 Stephan El Shaarawy DF, MF, FW 340 72 (34) 2008-2009, 2011-2018, 2020-2025
0%
1175 Stéphane Mbia DF, MF 250 16 (10) 2004-2014, 2018-2019
0%
4218 Stéphane Noro MF 110 10 (6) 2001-2003, 2006-2007, 2008-2009
0%
1220 Stéphane Pichot DF 246 0 (2) 2000-2009
0%
4407 Stéphane Porato GK 105 0 (0) 2000-2001, 2004-2006
0%
4108 Stéphane Trévisan GK 113 0 (0) 2000-2001, 2002-2007
0%
3270 Stéphane Ziani MF 139 10 (22) 2000-2006
0%
3782 Stephen Appiah MF 123 11 (3) 2000-2004, 2009-2011
0%
3811 Stephen Clemence MF 122 5 (10) 2000-2006
0%
1221 Stephen Ireland MF 246 19 (28) 2005-2015, 2017-2018
0%
3865 Stephen Makinwa FW 120 16 (9) 2003-2010
0%
1702 Stephen Warnock DF 212 8 (16) 2004-2012
0%
3101 Stephy Mavididi MF, FW 146 30 (7) 2018-2022, 2024-2025
0%
4252 Steve Harper GK 109 0 (0) 2000-2001, 2004-2005, 2006-2008, 2010-2011, 2012-2015
0%
2112 Steve Marlet MF, FW 188 43 (15) 2000-2007
0%
1372 Steve Mounié FW 237 54 (14) 2015-2018, 2020-2025
0%
3783 Steven Caulker DF 123 8 (2) 2011-2016
0%
4109 Steven Moreira DF, MF 113 0 (3) 2012-2016, 2018-2020
0%
4002 Steven Naismith MF, FW 116 20 (5) 2012-2016
0%
4219 Steve Savidan FW 110 40 (12) 2006-2009
0%
1912 Steve Sidwell MF 200 21 (14) 2006-2016
0%
2674 Steve von Bergen DF 164 1 (2) 2007-2013
0%
3513 Stole Dimitrievski GK 131 0 (0) 2014-2015, 2018-2019, 2021-2025
0%
3970 Stuart Parnaby DF 117 2 (2) 2002-2007, 2009-2011
0%
1538 Suat Serdar MF, FW 225 21 (9) 2015-2025
0%
3784 Sun Jihai DF 123 3 (7) 2002-2008
0%
2291 Sven Schipplock MF, FW 180 20 (10) 2010-2017, 2020-2021
0%
34 Sylvain Armand DF 507 19 (14) 2000-2017
0%
2675 Sylvain Legwinski MF 164 9 (7) 2000-2006
0%
964 Sylvain Marchal DF 269 7 (1) 2000-2001, 2003-2004, 2005-2012, 2014-2015
0%
1953 Sylvain Marveaux MF, FW 197 23 (24) 2006-2014, 2016-2017, 2020-2021
0%
1517 Sylvain Monsoreau DF 226 6 (2) 2001-2011
0%
3036 Sylvain N'Diaye DF, MF 148 4 (3) 2000-2004, 2006-2007
0%
3537 Szilárd Németh FW 130 24 (8) 2001-2007
0%
3335 Taiwo Awoniyi MF, FW 137 38 (7) 2019-2025
0%
1305 Takashi Inui MF, FW 241 23 (19) 2012-2021
0%
4443 Takayuki Morimoto MF, FW 104 19 (6) 2006-2013
0%
3683 Takehiro Tomiyasu DF 126 5 (6) 2019-2025
0%
2928 Talal El Karkouri DF, MF 152 9 (3) 2000-2007
0%
3037 Tal Ben Haim DF 148 1 (1) 2004-2010, 2012-2013
0%
3213 Tamás Hajnal MF 141 17 (27) 2007-2013
0%
489 Teddy Richert GK 324 0 (0) 2000-2012
0%
1913 Téji Savanier MF 200 48 (43) 2018-2025
0%
3307 Terem Moffi FW 138 52 (11) 2020-2025
0%
3710 Tete Morente DF, MF, FW 125 12 (10) 2020-2022, 2024-2025
0%
3121 Thibault Giresse MF 145 12 (8) 2003-2005, 2013-2018
0%
3842 Thierry Correia DF 121 1 (4) 2019-2025
0%
4511 Thievy Bifouma MF, FW 102 16 (4) 2010-2011, 2013-2017
0%
2756 Thomas Brdarić FW 160 47 (16) 2000-2007
0%
4599 Thomas Christiansen FW 100 34 (9) 2000-2001, 2002-2006
0%
4038 Thomas Delaine DF, MF, FW 115 5 (7) 2019-2025
0%
2373 Thomas Foket DF, FW 176 1 (6) 2018-2024
0%
2217 Thomas Gravesen MF 183 12 (26) 2000-2005, 2007-2008
0%
4358 Thomas Helveg DF 106 0 (4) 2000-2007
0%
2147 Thomas Heurtaux DF 186 10 (4) 2010-2018
0%
2148 Thomas Kahlenberg MF 186 22 (20) 2005-2013
0%
1924 Thomas Manfredini DF 199 4 (4) 2000-2003, 2007-2009, 2011-2014
0%
346 Thomas Mangani MF 349 27 (31) 2008-2012, 2014-2023
0%
3066 Thomas Monconduit MF 147 6 (6) 2017-2022
0%
471 Thomas Sørensen GK 327 0 (0) 2000-2006, 2008-2011, 2013-2014
0%
1141 Thorben Marx MF 253 11 (18) 2000-2014
0%
3102 Tiberio Guarente MF 146 5 (13) 2007-2015
0%
2272 Tiko MF 181 20 (19) 2000-2008
0%
4600 Timo Gebhart MF 100 6 (6) 2008-2014
0%
4546 Timothée Atouba DF 101 2 (2) 2004-2009
0%
1277 Timothée Kolodziejczak DF 242 8 (11) 2008-2016, 2018-2023
0%
4359 Timo Wenzel DF 106 1 (0) 2000-2006
0%
3971 Tin Jedvaj DF 117 5 (1) 2013-2021
0%
4601 Tino Kadewere MF, FW 100 14 (5) 2020-2025
0%
1874 Tito DF 202 3 (12) 2011-2019
0%
724 Titus Bramble DF 292 10 (3) 2000-2013
0%
3602 Tobias Levels DF 128 2 (5) 2006-2007, 2008-2010, 2012-2013, 2015-2017
0%
2149 Tobias Strobl DF, MF 186 1 (9) 2011-2012, 2013-2022
0%
578 Toifilou Maoulida FW 310 63 (7) 2001-2007, 2009-2010, 2012-2014
0%
3143 Toma Bašić MF 144 8 (7) 2018-2024
0%
4408 Tomáš Koubek GK 105 0 (0) 2017-2019, 2022-2024
0%
4176 Tomáš Řepka DF 111 0 (1) 2000-2002, 2005-2006
0%
193 Tomás Rincón MF 393 9 (18) 2008-2023
0%
3866 Tomasz Hajto DF 120 6 (5) 2000-2005
0%
2009 Tomasz Radzinski FW 194 35 (21) 2001-2007
0%
4220 Tomasz Wałdoch DF 110 12 (1) 2000-2006
0%
3144 Tomasz Zdebel MF 144 6 (5) 2003-2004, 2006-2010
0%
3142 Tom Cairney MF, FW 144 8 (6) 2009-2010, 2018-2019, 2020-2021, 2022-2025
0%
4004 Tomer Hemed FW 116 29 (9) 2011-2012, 2014-2015, 2017-2018
0%
3972 Tomislav Piplica GK 117 0 (0) 2000-2002, 2006-2008
0%
1954 Tommaso Augello DF 197 5 (19) 2019-2025
0%
4445 Tommaso Pobega MF 104 14 (4) 2020-2025
0%
497 Tommaso Rocchi MF, FW 323 102 (36) 2002-2013
0%
3603 Toni Lato DF, MF 128 3 (4) 2016-2025
0%
2956 Toni Prats GK 151 0 (0) 2001-2007
0%
1306 Toño GK 241 0 (0) 2004-2005, 2006-2016
0%
4069 Toño DF, MF, FW 114 1 (10) 2014-2015, 2017-2021
0%
4323 Tony Heurtebis GK 107 0 (0) 2000-2002, 2005-2006, 2008-2009
0%
1006 Tony Hibbert DF 265 0 (8) 2000-2016
0%
2929 Tony Sylva GK 152 0 (0) 2001-2008
0%
3604 Tony Vairelles DF, FW 128 28 (6) 2000-2005
0%
4602 Tosin Adarabioyo DF 100 4 (1) 2020-2021, 2022-2025
0%
2440 Trevor Sinclair MF 173 21 (16) 2000-2007
0%
1423 Tugay Kerimoğlu MF 233 11 (14) 2001-2009
0%
3514 Tuncay Şanlı MF, FW 131 20 (10) 2007-2012
0%
4360 Tuni DF, MF 106 4 (2) 2002-2003, 2004-2007, 2009-2010
0%
3364 Tuta DF, MF 136 9 (4) 2020-2025
0%
4410 Txomin Nagore MF 105 3 (7) 2000-2001, 2002-2003, 2008-2009
0%
2551 Tyrick Mitchell DF, MF 169 3 (13) 2019-2025
0%
3605 Ugo Ehiogu DF 128 7 (1) 2000-2006
0%
4513 Unai Bustinza DF 102 2 (3) 2014-2015, 2016-2020
0%
4221 Urby Emanuelson DF, MF, FW 110 4 (13) 2010-2016
0%
3786 Uwe Möhrle DF 123 5 (1) 2002-2007, 2011-2012
0%
3418 Václav Svěrkoš FW 134 27 (6) 2003-2006, 2008-2011
0%
1084 Valdo MF, FW 258 34 (33) 2001-2013
0%
1760 Valentin Eysseric MF, FW 208 24 (20) 2012-2021
0%
2091 Valentino Lazaro DF, MF, FW 189 8 (25) 2017-2020, 2022-2025
0%
2595 Valeri Bojinov FW 167 35 (8) 2001-2002, 2003-2005, 2007-2012
0%
2496 Valeri Karpin MF 171 28 (27) 2000-2005
0%
1822 Valerio Bertotto DF 205 2 (3) 2000-2008
0%
2988 Valerio Verre MF, FW 150 6 (9) 2012-2013, 2016-2017, 2019-2023
0%
259 Valter Birsa MF, FW 372 39 (39) 2006-2020
0%
2242 Vangelis Moras DF 182 5 (2) 2008-2011, 2013-2016
0%
3454 Vasco Regini DF 133 0 (7) 2008-2009, 2013-2021
0%
4447 Vasilis Torosidis DF, MF 104 5 (0) 2012-2018
0%
3067 Vedat Muriqi FW 147 35 (10) 2020-2025
0%
2128 Vedran Runje GK 187 0 (0) 2001-2003, 2007-2008, 2009-2011
0%
3038 Veljko Paunović MF, FW 148 25 (7) 2000-2001, 2003-2008
0%
4603 Verza MF 100 14 (9) 2002-2003, 2013-2016
0%
3068 Vicente Valcarce DF 147 2 (6) 2000-2006
0%
3606 Victor Agali FW 128 26 (11) 2000-2004, 2007-2008
0%
1840 Victor Anichebe FW 204 27 (13) 2005-2017
0%
2441 Víctor Camarasa MF 173 13 (10) 2013-2019, 2021-2022
0%
947 Víctor Casadesús FW 270 49 (26) 2004-2007, 2009-2016
0%
2313 Víctor Laguardia DF 179 9 (8) 2009-2010, 2016-2022
0%
2374 Víctor Montaño FW 176 34 (13) 2004-2005, 2009-2015
0%
3812 Victor Obinna FW 122 21 (8) 2005-2006, 2008-2010, 2013-2014, 2016-2017
0%
3712 Vieirinha DF, FW 125 4 (16) 2011-2017
0%
1802 Vince Grella MF 206 4 (7) 2002-2012
0%
2497 Vincent Bessat DF, MF 171 4 (8) 2007-2008, 2013-2018
0%
2443 Vincent Candela DF, MF 173 7 (16) 2000-2007
0%
3488 Vincent Hognon DF 132 11 (1) 2004-2009
0%
3540 Vincent Laurini DF 130 1 (3) 2014-2021
0%
1925 Vincent Le Goff DF 199 4 (3) 2014-2016, 2020-2024
0%
1892 Vincent Manceau DF, MF 201 2 (2) 2015-2022
0%
3973 Vincent Nogueira MF 117 6 (5) 2007-2013, 2017-2018
0%
1588 Vincent Pajot MF 221 8 (10) 2011-2022
0%
4222 Vincent Planté GK 110 0 (0) 2004-2005, 2007-2008, 2010-2011
0%
2202 Vincenzo Montella FW 184 72 (19) 2000-2009
0%
3145 Vinícius Bergantin DF 144 9 (1) 2002-2009
0%
4223 Vitaliy Mykolenko DF 110 4 (2) 2021-2025
0%
1860 Vitolo MF, FW 203 23 (24) 2013-2022
0%
4177 Vito Mannone GK 111 0 (0) 2008-2009, 2012-2016, 2020-2021, 2022-2024
0%
3240 Vitorino Antunes DF, MF 140 2 (8) 2007-2008, 2012-2014, 2017-2020
0%
3366 Vittorio Tosto DF 136 6 (7) 2001-2002, 2005-2008
0%
3336 Vlad Chiricheș DF 137 6 (1) 2013-2023
0%
4479 Vladimir Manchev FW 103 26 (4) 2002-2004, 2007-2008
0%
3608 Vratislav Greško DF 128 3 (10) 2000-2008
0%
3039 Vratislav Lokvenc FW 148 46 (16) 2000-2005
0%
4361 Vurnon Anita DF, MF 106 2 (5) 2012-2016
0%
324 Wahbi Khazri MF, FW 354 78 (36) 2012-2025
0%
3241 Wakaso MF 140 6 (9) 2010-2012, 2015-2020
0%
1689 Walace MF 213 6 (4) 2016-2024
0%
2596 Walter Benítez GK 167 0 (0) 2016-2022
0%
1353 Walter Gargano MF 238 5 (14) 2007-2015
0%
579 Walter Pandiani FW 310 90 (16) 2000-2012
0%
2129 Wayne Hennessey GK 187 0 (1) 2009-2011, 2013-2019, 2021-2023
0%
692 Wayne Routledge MF, FW 297 16 (29) 2004-2008, 2010-2018
0%
2842 Wendel Geraldo MF 156 34 (28) 2006-2011
0%
2150 Wendell DF, MF 186 7 (10) 2014-2021
0%
4143 Wes Hoolahan MF 112 12 (19) 2011-2013, 2015-2016
0%
4005 Wesley Hoedt DF 116 2 (1) 2015-2018, 2020-2021
0%
1625 Wesley Lautoa DF, MF 218 4 (2) 2011-2021
0%
1720 Wesley Saïd MF, FW 211 39 (5) 2013-2014, 2015-2019, 2021-2025
0%
4039 Wilfried Bony FW 115 35 (10) 2013-2018
0%
2989 Wilfried Singo DF 150 9 (10) 2019-2025
0%
3541 William Viali DF 130 4 (5) 2000-2006
0%
2597 Willy Boly DF 167 9 (4) 2010-2011, 2018-2025
0%
3542 Wilson Oruma MF 130 9 (10) 2002-2008
0%
3685 Wladimiro Falcone GK 126 0 (0) 2019-2020, 2021-2025
0%
2618 Wylan Cyprien MF 166 25 (14) 2014-2015, 2016-2021, 2024-2025
0%
3041 Xabier Etxeita DF 148 8 (1) 2008-2009, 2013-2021
0%
247 Xabi Prieto MF 375 53 (49) 2003-2006, 2010-2018
0%
2728 Xavier Chavalerin MF 161 12 (12) 2018-2023
0%
3271 Xeka MF 139 9 (7) 2016-2023
0%
2022 Xisco MF, FW 193 20 (17) 2001-2008, 2010-2011
0%
2729 Yacine Abdessadki MF 161 8 (5) 2000-2001, 2003-2005, 2007-2008, 2009-2012
0%
3420 Yacine Bammou MF, FW 134 17 (8) 2014-2019
0%
1151 Yakubu Aiyegbeni FW 252 96 (26) 2003-2012
0%
3900 Yannick Bolasie MF, FW 119 11 (17) 2013-2018
0%
1609 Yannick Cahuzac DF, MF 219 6 (4) 2012-2018, 2020-2022
0%
4362 Yannick Fischer DF 106 2 (0) 2000-2001, 2002-2003, 2005-2007
0%
3901 Yannick Sagbo FW 119 18 (10) 2008-2015
0%
3939 Yannis Salibur MF, FW 118 19 (16) 2014-2020
0%
1439 Yann Jouffre MF 232 22 (30) 2003-2004, 2007-2018
0%
2205 Yann Karamoh MF, FW 184 17 (8) 2016-2020, 2022-2025
0%
1539 Yann Lachuer MF 225 23 (52) 2000-2007
0%
1189 Yann M'Vila MF 249 3 (11) 2009-2012, 2014-2015, 2017-2021
0%
3515 Yassine Benzia MF, FW 131 15 (13) 2011-2021
0%
3242 Yazid Mansouri MF 140 1 (2) 2002-2003, 2006-2010
0%
3489 Yeremi Pino MF, FW 132 17 (18) 2020-2025
0%
1841 Yıldıray Baştürk MF 204 30 (27) 2000-2010
0%
3516 Yoann Bigné MF 131 2 (6) 2000-2005, 2010-2012
0%
3517 Yoann Poulard DF 131 3 (0) 2003-2004, 2005-2006, 2008-2009, 2011-2013
0%
4224 Yoann Salmier DF 110 2 (3) 2017-2018, 2021-2025
0%
2375 Yohan Benalouane DF 176 4 (1) 2007-2018
0%
1307 Yohan Demont DF, MF 241 12 (19) 2002-2007, 2009-2011
0%
2990 Yohan Hautcœur MF 150 6 (5) 2003-2004, 2005-2010
0%
3367 Yohan Lachor DF 136 3 (6) 2001-2006, 2009-2010
0%
2315 Yohan Mollo DF, FW 179 21 (27) 2008-2016
0%
4225 Yordi FW 110 16 (4) 2000-2001, 2003-2006
0%
3974 Yoshinori Mutō MF, FW 117 22 (5) 2015-2021
0%
4550 Youcef Atal DF, MF, FW 101 12 (2) 2018-2024
0%
2444 Younès Belhanda MF, FW 173 31 (17) 2009-2012, 2015-2017
0%
1007 Younousse Sankharé MF 265 28 (18) 2007-2009, 2011-2019
0%
1465 Youssef En-Nesyri FW 230 69 (9) 2016-2024
0%
4291 Youssef Maleh MF 108 2 (5) 2021-2025
0%
3940 Youssef Mohamad DF 118 5 (1) 2004-2005, 2008-2011
0%
878 Youssouf Hadji MF, FW 276 61 (23) 2003-2011, 2016-2017
0%
2349 Youssouf Mulumbu MF 177 11 (9) 2006-2008, 2010-2016
0%
1394 Yunis Abdelhamid DF 235 13 (2) 2016-2017, 2018-2025
0%
2914 Yunus Musah MF, FW 153 2 (6) 2020-2025
0%
733 Yuri Berchiche DF, FW 291 15 (23) 2009-2010, 2014-2025
0%
1722 Yuto Nagatomo DF 211 9 (14) 2010-2017, 2020-2021
0%
2274 Yuya Osako MF, FW 181 26 (16) 2014-2021
0%
3543 Yves Deroff DF 130 2 (6) 2000-2006
0%
799 Zat Knight DF 284 7 (2) 2001-2012
0%
1384 Zdravko Kuzmanović MF 236 20 (12) 2006-2018
0%
2075 Zeki Çelik DF 190 6 (15) 2018-2025
0%
4324 Zisis Vryzas FW 107 25 (3) 2000-2004
0%
3122 Zlatan Bajramović MF 145 17 (7) 2001-2002, 2003-2010
0%
2114 Zlatko Junuzović MF, FW 188 21 (40) 2011-2018
0%
2471 Zoltán Gera MF 172 17 (12) 2004-2005, 2008-2014
0%
3368 Zouhair Feddal DF, MF 136 8 (5) 2014-2019, 2022-2023
0%
No matching quizzes found
Score Distribution
Percent of People with Each Score
Percentile by Number Answered
Your Score History
You have not taken this quiz